Statistics for ALL First Level Subdivision Capitals of the World: Proximity

Click here to take the quiz!

General Stats

  • This quiz has been taken 6,087 times
  • The average score is 2397 of 3904

Answers on the Map

Answers color-coded by a green-red scale on the quiz's map according to % correct below.
 

Answer Stats

CountrySubdivisionCapital% Correct
Slovenia
212 občine
_______Ajdovščina
96%
Italy
15 regioni
MarcheAncona
96%
Slovenia
212 občine
_______Ankaran
96%
Slovenia
212 občine
_______Apače
96%
Bosnia and Herzegovina
2 entities
SrpskaBanja Luka
96%
Slovenia
212 občine
_______Beltinci
96%
Slovenia
212 občine
_______Benedikt
96%
Slovenia
212 občine
_______Bistrica ob Geotli
96%
Croatia
20 županije
Bjelovar-BilogoraBjelovar
96%
Slovenia
212 občine
_______Bled
96%
Slovenia
212 občine
_______Bohinjska
96%
Slovenia
212 občine
_______Borovnica
96%
Slovenia
212 občine
_______Bovec
96%
Slovenia
212 občine
_______Braslovče
96%
Slovakia
8 kraje
_______Bratislava
96%
Bosnia and Herzegovina
1 distrikt
_______Brčko
96%
Slovenia
212 občine
_______Brežice
96%
Slovenia
212 občine
_______Brezovica
96%
Hungary
19 megye
PestBudapest
96%
Hungary
1 capital
_______Budapest
96%
Slovenia
212 občine
Renče - VogrskoBukovica
96%
Croatia
20 županije
MeđimurjeČakovec
96%
Slovenia
212 občine
_______Cankova
96%
Slovenia
212 občine
_______Celje
96%
Slovenia
212 občine
_______Cerklje na Gerenjskem
96%
Slovenia
212 občine
_______Cerknica
96%
Slovenia
212 občine
_______Cerkno
96%
Slovenia
212 občine
_______Cerkvenjak
96%
Czechia
13 krajů
South BohemianČeské Budějovice
96%
Slovenia
212 občine
_______Cirkulane
96%
Slovenia
212 občine
_______Črenšovci
96%
Slovenia
212 občine
_______Črna na Gekem
96%
Slovenia
212 občine
_______Črnomelj
96%
Slovenia
212 občine
_______Destrnik
96%
Slovenia
212 občine
_______Divača
96%
Slovenia
212 občine
_______Dobje
96%
Slovenia
212 občine
_______Dobrna
96%
Slovenia
212 občine
_______Dobrovnik
96%
Slovenia
212 občine
_______Dobrovo
96%
Slovenia
212 občine
_______Dolenskje Toplice
96%
Slovenia
212 občine
_______Dolpri Ljubljani
96%
San Marino
9 castelli
_______Domagnano
96%
Slovenia
212 občine
_______Domžale
96%
Slovenia
212 občine
_______Dornava
96%
Slovenia
212 občine
_______Dravograd
96%
Austria
9 Bundesländer
BurgenlandEisenstadt
96%
Slovenia
212 občine
_______Gorenja Vas-Poljane
96%
Slovenia
212 občine
_______Gorišnica
96%
Slovenia
212 občine
_______Gornja Radgona
96%
Slovenia
212 občine
_______Gornji Grad
96%
Slovenia
212 občine
_______Gornji Petrovci
96%
Croatia
20 županije
Lika-SenjGospić
96%
Slovenia
212 občine
_______Grad
96%
Austria
9 Bundesländer
StyriaGraz
96%
Slovenia
212 občine
_______Grosuplje
96%
Hungary
19 megye
Győr-Moson-SopronGyőr
96%
Slovenia
212 občine
_______Hodoš
96%
Slovenia
212 občine
_______Horjul
96%
Czechia
13 krajů
_______Hradec Králové
96%
Slovenia
212 občine
_______Hrastnik
96%
Slovenia
212 občine
Loški PotokHrib-Loški Potok
96%
Slovenia
212 občine
_______Hrpelje-Kozina
96%
Slovenia
212 občine
_______Idrija
96%
Slovenia
212 občine
_______Ig
96%
Slovenia
212 občine
_______Ilirska Bistrica
96%
Austria
9 Bundesländer
TyrolInnsbruck
96%
Slovenia
212 občine
_______Ivančna Gorica
96%
Slovenia
212 občine
_______Izola
96%
Slovenia
212 občine
_______Jesenice
96%
Slovenia
212 občine
_______Jezersko
96%
Czechia
13 krajů
VysočinaJihlava
96%
Slovenia
212 občine
Sveti Jurij v Slovenskih GoricahJurovski Dol
96%
Slovenia
212 občine
_______Juršinci
96%
Slovenia
212 občine
_______Kamnik
96%
Slovenia
212 občine
_______Kanal
96%
Hungary
19 megye
SomogyKaposvár
96%
Croatia
20 županije
_______Karlovac
96%
Hungary
19 megye
Bács-KiskunKecskemét
96%
Slovenia
212 občine
_______Kidričevo
96%
Austria
9 Bundesländer
CarinthiaKlagenfurt
96%
Slovenia
212 občine
_______Kobarid
96%
Slovenia
212 občine
_______Kobilje
96%
Slovenia
212 občine
_______Kočevje
96%
Slovenia
212 občine
_______Komen
96%
Slovenia
212 občine
_______Komenda
96%
Slovenia
212 občine
_______Koper
96%
Croatia
20 županije
Koprivnica-KriževciKoprivnica
96%
Slovenia
212 občine
_______Kostanjevica na Krki
96%
Slovenia
212 občine
_______Kostel
96%
Slovenia
212 občine
_______Kozje
96%
Slovenia
212 občine
_______Kranj
96%
Slovenia
212 občine
_______Kranjska Gora
96%
Croatia
20 županije
Krapina-ZagorjeKrapina
96%
Slovenia
212 občine
_______Križevci
96%
Slovenia
212 občine
_______Krško
96%
Slovenia
212 občine
_______Kungota
96%
Slovenia
212 občine
_______Kuzma
96%
Slovenia
212 občine
_______Laško
96%
Slovenia
212 občine
_______Lenart
96%
Slovenia
212 občine
_______Lendava
96%
Austria
9 Bundesländer
Upper AustriaLinz
96%
Slovenia
212 občine
_______Litija
96%
Slovenia
212 občine
_______Ljubljana
96%
Slovenia
212 občine
_______Ljubno
96%
Slovenia
212 občine
_______Ljutomer
96%
Slovenia
212 občine
_______Logatec
96%
Slovenia
212 občine
_______Log-Dragomer
96%
Slovenia
212 občine
_______Lovrenc na Pohorju
96%
Slovenia
212 občine
_______Luče
96%
Slovenia
212 občine
_______Lukovica
96%
Slovenia
212 občine
_______Majšperk
96%
Slovenia
212 občine
_______Makole
96%
Slovenia
212 občine
_______Maribor
96%
Slovenia
212 občine
_______Markovci
96%
Slovenia
212 občine
_______Medvode
96%
Slovenia
212 občine
_______Mengeš
96%
Slovenia
212 občine
_______Metlika
96%
Slovenia
212 občine
_______Mežica
96%
Slovenia
212 občine
_______Miklavž na Dravskem Polju
96%
Slovenia
212 občine
_______Miren-Konstanjevica
96%
Slovenia
212 občine
_______Mirna
96%
Slovenia
212 občine
_______Mirna Peč
96%
Slovenia
212 občine
_______Mislinja
96%
Slovenia
212 občine
_______Mokronog-Trebelno
96%
Slovenia
212 občine
_______Moravče
96%
Slovenia
212 občine
_______Moravske Toplice
96%
Slovenia
212 občine
_______Mozirje
96%
Germany
16 Länder
BavariaMunich
96%
Slovenia
212 občine
_______Murska Sobota
96%
Slovenia
212 občine
_______Muta
96%
Slovenia
212 občine
_______Naklo
96%
Slovenia
212 občine
_______Nazarje
96%
Slovenia
212 občine
NovaNova Gorica
96%
Slovenia
212 občine
_______Nova Gorica
96%
Serbia
24 okruzi
South BačkaNovi Sad
96%
Slovenia
212 občine
_______Novo Mesto
96%
Slovenia
212 občine
_______Odranci
96%
Slovenia
212 občine
_______Oplotnica
96%
Slovenia
212 občine
_______Ormož
96%
Croatia
20 županije
Osijek-BaranjaOsijek
96%
Czechia
13 krajů
_______Pardubice
96%
Croatia
20 županije
IstriaPazin
96%
Hungary
19 megye
BaranyaPécs
96%
Slovenia
212 občine
_______Pesnica
96%
Slovenia
212 občine
_______Piran
96%
Slovenia
212 občine
_______Pivka
96%
Czechia
13 krajů
_______Plzeň
96%
Slovenia
212 občine
_______Podčetrtek
96%
Slovenia
212 občine
_______Podlehnik
96%
Slovenia
212 občine
_______Podvelka
96%
Slovenia
212 občine
Dobrovapolhov GradecPolhov Gradec
96%
Slovenia
212 občine
_______Poljčane
96%
Slovenia
212 občine
_______Polzela
96%
Slovenia
212 občine
_______Postojna
96%
Croatia
20 županije
Požega-SlavoniaPožega
96%
Czechia
13 krajů
Central BohemianPrague
96%
Czechia
1 capital
_______Prague
96%
Slovenia
212 občine
_______Prebold
96%
Slovenia
212 občine
_______Preddvor
96%
Slovenia
212 občine
_______Prevalje
96%
Slovenia
212 občine
_______Ptuj
96%
Slovenia
212 občine
_______Puconci
96%
Slovenia
212 občine
_______Rače - Fram
96%
Slovenia
212 občine
_______Radeče
96%
Slovenia
212 občine
_______Radenci
96%
Slovenia
212 občine
_______Radlje ob Dravi
96%
Slovenia
212 občine
_______Radovljica
96%
Slovenia
212 občine
_______Ravne na Koroškem
96%
Slovenia
212 občine
_______Razkrižje
96%
Slovenia
212 občine
_______Rečica ob Savinji
96%
Slovenia
212 občine
_______Ribnica
96%
Slovenia
212 občine
_______Ribnica na Pohorju
96%
Slovenia
212 občine
_______Rogaška Slatina
96%
Slovenia
212 občine
_______Rogašovci
96%
Slovenia
212 občine
_______Rogatec
96%
Slovenia
212 občine
_______Ruše
96%
Serbia
24 okruzi
MačvaŠabac
96%
Hungary
19 megye
NógrádSalgótarján
96%
Slovenia
212 občine
_______Šalovci
96%
Austria
9 Bundesländer
_______Salzburg
96%
Austria
9 Bundesländer
Lower AustriaSankt Pölten
96%
Bosnia and Herzegovina
2 entities
Bosnia and HerzegovinaSarajevo
96%
Slovenia
212 občine
_______Selnica ob Dravi
96%
Slovenia
212 občine
_______Semič
96%
Slovenia
212 občine
_______Šempeter - Vrtojba
96%
Slovenia
212 občine
_______Šenčur
96%
Slovenia
212 občine
_______Šentilj
96%
Slovenia
212 občine
_______Šentjernej
96%
Slovenia
212 občine
_______Šentjur
96%
Slovenia
212 občine
_______Šentrupert
96%
San Marino
9 castelli
_______Serravalle
96%
Slovenia
212 občine
_______Sevnica
96%
Slovenia
212 občine
_______Sežana
96%
Croatia
20 županije
Šibenik-KninŠibenik
96%
Croatia
20 županije
Sisak-MoslavinaSisak
96%
Slovenia
212 občine
_______Škocjan
96%
Slovenia
212 občine
_______Škofja Loka
96%
Slovenia
212 občine
_______Škofljica
96%
Croatia
20 županije
Brod-PosavinaSlavonski Brod
96%
Slovenia
212 občine
_______Slovenj Gradec
96%
Slovenia
212 občine
_______Slovenska Bistrica
96%
Slovenia
212 občine
_______Slovenske Konjice
96%
Slovenia
212 občine
_______Šmarje pri Jelšah
96%
Slovenia
212 občine
_______Šmarješke Toplice
96%
Slovenia
212 občine
_______Šmartno ob Paki
96%
Slovenia
212 občine
_______Šmartno pri Litiji
96%
Slovenia
212 občine
_______Sodražica
96%
Slovenia
212 občine
_______Solčava
96%
Serbia
24 okruzi
West BačkaSombor
96%
Slovenia
212 občine
_______Šoštanj
96%
Croatia
20 županije
Split-DalmatiaSplit
96%
Slovenia
212 občine
GorjeSpodnje Gorje
96%
Slovenia
212 občine
Hoče - SlivnicaSpodnje Hoče
96%
Slovenia
212 občine
DuplekSpodnji Duplek
96%
Slovenia
212 občine
_______Središče ob Dravi
96%
Serbia
24 okruzi
SremSremska Mitrovica
96%
Slovenia
212 občine
_______Starše
96%
Slovenia
212 občine
_______Štore
96%
Slovenia
212 občine
_______Straža
96%
Serbia
24 okruzi
North BačkaSubotica
96%
Slovenia
212 občine
_______Sveta Ana
96%
Slovenia
212 občine
_______Sveta Trojica v Slovenskih Goricah
96%
Slovenia
212 občine
_______Sveti Jurij ob Ščavnici
96%
Slovenia
212 občine
_______Sveti Tomaž
96%
Hungary
19 megye
CsongrádSzeged
96%
Hungary
19 megye
FejérSzékesfehérvár
96%
Hungary
19 megye
TolnaSzekszárd
96%
Hungary
19 megye
Jász-Nagykun-SzolnokSzolnok
96%
Hungary
19 megye
VasSzombathely
96%
Slovenia
212 občine
_______Tabor
96%
Slovenia
212 občine
_______Tišina
96%
Slovenia
212 občine
_______Tolmin
96%
Slovenia
212 občine
_______Trbovlje
96%
Slovenia
212 občine
_______Trebnje
96%
Italy
5 regioni autonome
Trentino-South TyrolTrento
96%
Italy
5 regioni autonome
Friuli-Venezia GiuliaTrieste
96%
Slovenia
212 občine
_______Trnovska Vas
96%
Slovenia
212 občine
_______Tržič
96%
Slovenia
212 občine
_______Trzin
96%
Slovenia
212 občine
_______Turnišče
96%
Croatia
20 županije
_______Varaždin
96%
Slovenia
212 občine
_______Velenje
96%
Slovenia
212 občine
_______Velika Polana
96%
Slovenia
212 občine
_______Velike Lašče
96%
Italy
15 regioni
VenetoVenice
96%
Slovenia
212 občine
_______Veržej
96%
Hungary
19 megye
_______Veszprém
96%
Slovenia
212 občine
_______Videm
96%
Slovenia
212 občine
DobrepoljeVidem
96%
Austria
9 Bundesländer
_______Vienna
96%
Slovenia
212 občine
_______Vipava
96%
Croatia
20 županije
Virovitica-PodravinaVirovitica
96%
Slovenia
212 občine
_______Vitanje
96%
Slovenia
212 občine
Sveti Andraž v Slovenskih GoricahVitomarci
96%
Slovenia
212 občine
_______Vodice
96%
Slovenia
212 občine
_______Vojnik
96%
Slovenia
212 občine
_______Vransko
96%
Slovenia
212 občine
_______Vrhnika
96%
Croatia
20 županije
Vukovar-SrijemVukovar
96%
Slovenia
212 občine
_______Vuzenica
96%
Croatia
20 županije
_______Zadar
96%
Slovenia
212 občine
_______Zagorje ob Savi
96%
Croatia
20 županije
_______Zagreb
96%
Croatia
1 capital
Zagreb CityZagreb
96%
Hungary
19 megye
ZalaZalaegerszeg
96%
Slovenia
212 občine
_______Žalec
96%
Slovenia
212 občine
_______Zavrč
96%
Slovenia
212 občine
_______Železniki
96%
Slovenia
212 občine
_______Žetale
96%
Slovenia
212 občine
HajdinaZgornja Hajdina
96%
Slovenia
212 občine
_______Žiri
96%
Slovenia
212 občine
_______Žirovnica
96%
Slovenia
212 občine
_______Zreče
96%
Serbia
24 okruzi
Central BanatZrenjanin
96%
Slovenia
212 občine
_______Žužemberk
96%
Slovakia
8 kraje
_______Banská Bystrica
95%
Czechia
13 krajů
South MoravianBrno
95%
Hungary
19 megye
HevesEger
95%
Serbia
24 okruzi
North BanatKikinda
95%
Slovakia
8 kraje
_______Nitra
95%
Czechia
13 krajů
_______Olomouc
95%
Slovenia
212 občine
_______Osilnica
95%
Czechia
13 krajů
Moravian-SilesianOstrava
95%
Serbia
24 okruzi
BraničevoPožarevac
95%
Croatia
20 županije
Primorje-Gorski KotarRijeka
95%
Azerbaijan
66 rayonlar
_______Shahbuz
95%
Slovenia
212 občine
Loška DolinaStari Trg pri Ložu
95%
Hungary
19 megye
Komárom-EsztergomTatabánya
95%
Slovakia
8 kraje
_______Trenčín
95%
Slovakia
8 kraje
_______Trnava
95%
Armenia
10 marzer
Vayots DzorYeghegnadzor
95%
Slovakia
8 kraje
_______Žilina
95%
Czechia
13 krajů
_______Zlín
95%
Turkey
81 il
_______Ağrı
94%
Georgia
9 mkhare
Samtskhe-JavakhetiAkhaltsikhe
94%
Turkey
81 il
_______Ardahan
94%
Armenia
10 marzer
_______Armavir
94%
Armenia
10 marzer
AraratArtashat
94%
Turkey
81 il
_______Artvin
94%
Armenia
10 marzer
AragatsotnAshtarak
94%
Azerbaijan
66 rayonlar
_______Babek
94%
Georgia
2 avt'onomiuri resp'ublik'a
AdjaraBatumi
94%
Serbia
1 grad
_______Belgrade
94%
Serbia
24 okruzi
_______Bor
94%
Portugal
18 distritos
_______Bragança
94%
United Kingdom
4 constituent countries
WalesCardiff
94%
Portugal
18 distritos
_______Castelo Branco
94%
Ghana
16 regions
OtiDambai
94%
India
28 states
AssamDispur
94%
Turkey
81 il
_______Erzurum
94%
Armenia
10 marzer
GegharkunikGavar
94%
Azerbaijan
66 rayonlar
KangarliGivraq
94%
Portugal
18 distritos
_______Guarda
94%
Armenia
10 marzer
ShirakGyumri
94%
Armenia
10 marzer
KotaykHrazdan
94%
Turkey
81 il
_______Iğdır
94%
Armenia
10 marzer
TavushIjevan
94%
Serbia
24 okruzi
PomoravljeJagodina
94%
Azerbaijan
66 rayonlar
_______Julfa
94%
Turkey
81 il
_______Kars
94%
United Kingdom
4 constituent countries
EnglandLondon
94%
Bulgaria
28 oblasti
_______Montana
94%
Bangladesh
8 bibhag
_______Mymensingh
94%
Azerbaijan
12 cities
_______Nakhchivan
94%
Azerbaijan
66 rayonlar
_______Ordubad
94%
Georgia
9 mkhare
GuriaOzurgeti
94%
Serbia
24 okruzi
South BanatPančevo
94%
France
13 régions
Île-de-FranceParis
94%
Serbia
24 okruzi
_______Pirot
94%
Bangladesh
8 bibhag
_______Rangpur
94%
Turkey
81 il
_______Rize
94%
France
13 régions
NormandyRouen
94%
Azerbaijan
66 rayonlar
_______Sadarak
94%
Bhutan
20 dzongkhag
_______Samdrup Jongkhar
94%
Azerbaijan
66 rayonlar
_______Sharur
94%
India
28 states
MeghalayaShillong
94%
Serbia
24 okruzi
PodunavljeSmederovo
94%
Bangladesh
8 bibhag
_______Sylhet
94%
Turkey
81 il
_______Van
94%
Armenia
10 marzer
LoriVanadzor
94%
Bulgaria
28 oblasti
_______Vidin
94%
Portugal
18 distritos
_______Vila Real
94%
Portugal
18 distritos
_______Viseu
94%
Bulgaria
28 oblasti
_______Vratsa
94%
Serbia
24 okruzi
_______Zaječar
94%
Egypt
27 muhāfazāt
North SinaiArish
93%
Turkey
81 il
_______Batman
93%
Turkey
81 il
_______Bayburt
93%
Israel
6 mehozot
SouthernBeersheba
93%
Turkey
81 il
_______Bingöl
93%
Nepal
7 pradesh
Province 1 / 1Biratnagar
93%
Turkey
81 il
_______Bitlis
93%
Italy
15 regioni
Emilia-RomagnaBologna
93%
Belgium
3 regions
_______Brussels
93%
Belgium
3 regions
FlandersBrussels
93%
Serbia
24 okruzi
MoravicaČačac
93%
Romania
41 județe
_______Călărași
93%
Moldova
32 raioane
_______Călărași
93%
Luxembourg
12 cantons
_______Capellen
93%
Bhutan
20 dzongkhag
_______Chukha
93%
Bhutan
20 dzongkhag
_______Dagana
93%
Ghana
16 regions
SavannahDamongo
93%
Bhutan
20 dzongkhag
TsirangDamphu
93%
Luxembourg
12 cantons
_______Diekirch
93%
France
13 régions
Bourgogne-Franche-ComtéDijon
93%
Turkey
81 il
_______Diyarbakır
93%
Luxembourg
12 cantons
_______Echternach
93%
Turkey
81 il
_______Elazığ
93%
Iraq
19 muhāfazāt
_______Erbil
93%
Turkey
81 il
_______Erzincan
93%
Luxembourg
12 cantons
_______Esch-sur-Alzette
93%
Bulgaria
28 oblasti
_______Gabrovo
93%
India
28 states
SikkimGangtok
93%
Bhutan
20 dzongkhag
GasaGasa Dzong
93%
Luxembourg
12 cantons
_______Grevenmacher
93%
Bhutan
20 dzongkhag
_______Haa
93%
Turkey
81 il
_______Hakkâri
93%
Syria
14 muhāfazāt
_______Hasaka
93%
Bhutan
20 dzongkhag
BumthangJakar
93%
Serbia
24 okruzi
ŠumadijaKragujevac
93%
Serbia
24 okruzi
RaškaKraljevo
93%
Serbia
24 okruzi
RasinaKruševac
93%
Serbia
24 okruzi
JablanicaLeskovac
93%
China
5 zìzhìqū
TibetLhasa
93%
Bhutan
20 dzongkhag
_______Lhuntse
93%
France
13 régions
Hauts-de-FranceLille
93%
Luxembourg
12 cantons
_______Luxembourg
93%
France
13 régions
Auvergne-Rhône-AlpesLyon
93%
Turkey
81 il
_______Mardin
93%
Spain
17 comunidades autónomas
ExtremaduraMérida
93%
Luxembourg
12 cantons
_______Mersch
93%
Bhutan
20 dzongkhag
_______Mongar
93%
Iraq
19 muhāfazāt
NinevehMosul
93%
Turkey
81 il
_______Muş
93%
Belgium
3 regions
WalloniaNamur
93%
Switzerland
26 cantons
_______Neuchâtel
93%
Serbia
24 okruzi
NišavaNiš
93%
Bhutan
20 dzongkhag
_______Pemagatshel
93%
Bulgaria
28 oblasti
_______Pernik
93%
Serbia
24 okruzi
ToplicaProkuplje
93%
Bhutan
20 dzongkhag
_______Punakha
93%
Bangladesh
8 bibhag
_______Rajshahi
93%
Luxembourg
12 cantons
_______Redange
93%
Luxembourg
12 cantons
_______Remich
93%
France
13 régions
BrittanyRennes
93%
Germany
16 Länder
SaarlandSaarbrücken
93%
United Kingdom
3 crown dependencies
JerseySaint Helier
93%
United Kingdom
3 crown dependencies
GuernseySaint Peter Port
93%
Bhutan
20 dzongkhag
_______Samtse
93%
Bhutan
20 dzongkhag
_______Sarpang
93%
Turkey
81 il
_______Siirt
93%
Turkey
81 il
_______Şırnak
93%
Bulgaria
28 oblasti
_______Sofia
93%
Bulgaria
28 oblasti
Sofia provinceSofia
93%
France
13 régions
Grand EstStrasbourg
93%
Ghana
16 regions
NorthernTamale
93%
Bhutan
20 dzongkhag
_______Thimphu
93%
Bhutan
20 dzongkhag
_______Trashigang
93%
Bhutan
20 dzongkhag
_______Trongsa
93%
Bhutan
20 dzongkhag
ParoTshongdue
93%
Turkey
81 il
_______Tunceli
93%
Iran
31 ostanha
West AzerbaijanUrmia
93%
Serbia
24 okruzi
KolubaraValjevo
93%
Spain
17 comunidades autónomas
Castille and LéonValladolid
93%
Bulgaria
28 oblasti
_______Veliko Tarnovo
93%
Luxembourg
12 cantons
_______Vianden
93%
Bhutan
20 dzongkhag
Wangdue PhodrangWangdue
93%
Bhutan
20 dzongkhag
TrashiyangtseYangtse
93%
Bhutan
20 dzongkhag
_______Zhemgang
93%
Jordan
12 muhāfazāt
_______Aqaba
92%
Liechtenstein
11 Gemeinden
_______Balzers
92%
Liberia
15 counties
MontserradoBensonville
92%
Cote d'Ivoire
12 districts
ZanzanBondoukou
92%
Liberia
15 counties
GbarpoluBopolu
92%
Switzerland
26 cantons
GrisonsChur
92%
Egypt
27 muhāfazāt
_______Damietta
92%
Iraq
19 muhāfazāt
_______Duhok
92%
Albania
12 qarqe
_______Gjirokastër
92%
Ghana
16 regions
AhafoGoaso
92%
Egypt
27 muhāfazāt
_______Ismailia
92%
Nepal
7 pradesh
Province 2 / 2Janakpur
92%
Liberia
15 counties
MargibiKakata
92%
Albania
12 qarqe
_______Korçë
92%
Greece
13 peripheries
Western MacedoniaKozani
92%
Ghana
16 regions
AshantiKumasi
92%
Italy
15 regioni
LombardyMilan
92%
Spain
17 comunidades autónomas
_______Murcia
92%
Spain
17 comunidades autónomas
AsturiasOviedo
92%
Liechtenstein
11 Gemeinden
_______Planken
92%
Portugal
18 distritos
_______Portalegre
92%
Egypt
27 muhāfazāt
_______Port Said
92%
Syria
14 muhāfazāt
_______Raqqa
92%
Bulgaria
28 oblasti
_______Razgrad
92%
Romania
41 județe
Caraș-SeverinReșița
92%
Bulgaria
28 oblasti
_______Ruse
92%
Spain
17 comunidades autónomas
AndalusiaSeville
92%
Bulgaria
28 oblasti
_______Silistra
92%
Turkey
81 il
_______Sivas
92%
Egypt
27 muhāfazāt
_______Suez
92%
Ghana
16 regions
BonoSunyani
92%
Bulgaria
28 oblasti
_______Targovishte
92%
Ghana
16 regions
Bono EastTechiman
92%
Greece
13 peripheries
Central MacedoniaThessaloniki
92%
Liechtenstein
11 Gemeinden
_______Triesen
92%
Liechtenstein
11 Gemeinden
_______Triesenberg
92%
Liberia
15 counties
BomiTubmanburg
92%
Serbia
24 okruzi
ZlatiborUžice
92%
Liberia
15 counties
LofaVoinjama
92%
Turkey
81 il
_______Adıyaman
91%
Jordan
12 muhāfazāt
_______Ajloun
91%
Romania
41 județe
TeleormanAlexandria
91%
Switzerland
26 cantons
UriAltdorf
91%
Switzerland
26 cantons
Appenzell InnerrhodenAppenzell
91%
Syria
14 muhāfazāt
_______As-Suwayda
91%
United Kingdom
4 constituent countries
Northern IrelandBelfast
91%
Switzerland
26 cantons
TicinoBellinzona
91%
North Macedonia
80 opštini
_______Bitola
91%
North Macedonia
80 opštini
_______Bogdanci
91%
North Macedonia
80 opštini
_______Bosilovo
91%
Cote d'Ivoire
12 districts
Vallée du BandamaBouaké
91%
Austria
9 Bundesländer
VorarlbergBregenz
91%
Liberia
15 counties
Grand BassaBuchanan
91%
Ireland
26 counties
_______Carlow
91%
Ireland
26 counties
LeitrimCarrick-on-Shannon
91%
Ireland
26 counties
MayoCastlebar
91%
Ireland
26 counties
_______Cavan
91%
Greece
13 peripheries
Ionian IslandsCorfu
91%
Ireland
3 cities
_______Cork
91%
Ireland
26 counties
_______Cork
91%
Romania
41 județe
DoljCraiova
91%
Syria
14 muhāfazāt
_______Damascus
91%
Syria
14 muhāfazāt
_______Daraa
91%
Romania
41 județe
HunedoaraDeva
91%
United Kingdom
3 crown dependencies
Isle of ManDouglas
91%
Syria
14 muhāfazāt
Rif DimashqDouma
91%
Romania
41 județe
MehedințiDrobeta-Turnu Severin
91%
Ireland
3 cities
_______Dublin
91%
Ireland
26 counties
LouthDundalk
91%
Ireland
26 counties
Dún Laoghaire–RathdownDún Laoghaire
91%
Ireland
26 counties
ClareEnnis
91%
Liechtenstein
11 Gemeinden
_______Eschen
91%
Switzerland
26 cantons
ThurgauFrauenfeld
91%
Ireland
26 counties
_______Galway
91%
Ireland
3 cities
_______Galway
91%
Liechtenstein
11 Gemeinden
_______Gamprin
91%
Liberia
15 counties
BongGbarnga
91%
North Macedonia
80 opštini
_______Gevgelija
91%
Switzerland
26 cantons
_______Glarus
91%
Israel
6 mehozot
_______Haifa
91%
Switzerland
26 cantons
Appenzell AusserrhodenHerisau
91%
Greece
13 peripheries
EpirusIoannina
91%
Jordan
12 muhāfazāt
_______Irbid
91%
Jordan
12 muhāfazāt
_______Jerash
91%
Guinea
8 régions
_______Kankan
91%
Ireland
26 counties
_______Kilkenny
91%
Greece
13 peripheries
ThessalyLarissa
91%
Ireland
26 counties
DonegalLifford
91%
Ireland
2 cities and counties
_______Limerick
91%
Ireland
26 counties
_______Longford
91%
Bulgaria
28 oblasti
_______Lovech
91%
Turkey
81 il
_______Malatya
91%
Liechtenstein
11 Gemeinden
_______Mauren
91%
Ireland
26 counties
_______Monaghan
91%
Ireland
26 counties
WestmeathMullingar
91%
Ireland
26 counties
KildareNaas
91%
Lebanon
8 muhāfazāt
_______Nabatieh
91%
Ireland
26 counties
MeathNavan
91%
Ireland
26 counties
TipperaryNenagh
91%
Israel
6 mehozot
NorthernNof Hagalil
91%
North Macedonia
80 opštini
_______Novo Selo
91%
Guinea
8 régions
_______Nzérékoré
91%
Spain
17 comunidades autónomas
NavarrePamplona
91%
Romania
41 județe
ArgeșPitești
91%
Bulgaria
28 oblasti
_______Pleven
91%
Ireland
26 counties
LaoisPortlaoise
91%
Syria
14 muhāfazāt
_______Quneitra
91%
Israel
6 mehozot
CentralRamla
91%
Liberia
15 counties
RivercessRiver Cess
91%
Ireland
26 counties
_______Roscommon
91%
Liechtenstein
11 Gemeinden
_______Ruggell
91%
Switzerland
26 cantons
_______Saint Gallen
91%
Turkey
81 il
_______Şanlıurfa
91%
Liberia
15 counties
NimbaSanniquellie
91%
Spain
17 comunidades autónomas
CantabriaSantander
91%
Liechtenstein
11 Gemeinden
_______Schaan
91%
Liechtenstein
11 Gemeinden
_______Schellenberg
91%
Romania
41 județe
_______Sibiu
91%
Lebanon
8 muhāfazāt
SouthSidon
91%
Romania
41 județe
OltSlatina
91%
Ireland
26 counties
_______Sligo
91%
North Macedonia
80 opštini
DojranStar Dojran
91%
North Macedonia
80 opštini
_______Strumica
91%
Ireland
26 counties
FingalSwords
91%
Ireland
26 counties
South DublinTallaght
91%
Romania
41 județe
DâmbovițaTârgoviște
91%
Romania
41 județe
GorjTârgu Jiu
91%
Israel
6 mehozot
_______Tel Aviv
91%
Ireland
26 counties
OffalyTullamore
91%
Liechtenstein
11 Gemeinden
_______Vaduz
91%
North Macedonia
80 opštini
_______Valandovo
91%
Spain
17 comunidades autónomas
_______Valencia
91%
North Macedonia
80 opštini
_______Vasilevo
91%
Ireland
2 cities and counties
_______Waterford
91%
Ireland
26 counties
_______Wexford
91%
Ireland
26 counties
_______Wicklow
91%
Spain
17 comunidades autónomas
AragonZaragoza
91%
Benin
12 départements
ZouAbomey
90%
San Marino
9 castelli
_______Acquaviva
90%
Romania
41 județe
AlbaAlba Iulia
90%
Jordan
12 muhāfazāt
KarakAl Karak
90%
Benin
12 départements
AtlantiqueAllada
90%
Jordan
12 muhāfazāt
_______Amman
90%
Benin
12 départements
KouffoAplahoué
90%
Togo
5 régions
PlateauxAtakpamé
90%
Moldova
3 municipiu
_______Bălți
90%
Italy
15 regioni
Apulia / PugliaBari
90%
San Marino
9 castelli
_______Borgo Maggiore
90%
Romania
41 județe
_______Buzău
90%
San Marino
9 castelli
_______Chiesanuova
90%
Portugal
18 distritos
_______Coimbra
90%
Benin
12 départements
LittoralCotonou
90%
Benin
12 départements
CollinesDassa-Zoumé
90%
Syria
14 muhāfazāt
_______Deir ez-Zor
90%
United Kingdom
4 constituent countries
ScotlandEdinburgh
90%
Egypt
27 muhāfazāt
South SinaiEl Tor
90%
San Marino
9 castelli
_______Faetano
90%
Moldova
32 raioane
_______Fălești
90%
San Marino
9 castelli
_______Fiorentino
90%
Turkey
81 il
_______Giresun
90%
Moldova
32 raioane
_______Glodeni
90%
Turkey
81 il
_______Gümüşhane
90%
Ghana
16 regions
VoltaHo
90%
Israel
6 mehozot
_______Jerusalem
90%
Cote d'Ivoire
12 districts
SavanesKorhogo
90%
North Macedonia
80 opštini
_______Kriva Palanka
90%
Bulgaria
28 oblasti
_______Kyustendil
90%
Portugal
18 distritos
_______Leiria
90%
Benin
12 départements
MonoLokossa
90%
Togo
5 régions
MaritimeLomé
90%
Jordan
12 muhāfazāt
_______Madaba
90%
Jordan
12 muhāfazāt
_______Mafraq
90%
North Macedonia
80 opštini
_______Makedonska Kamenica
90%
San Marino
9 castelli
_______Montegiardino
90%
North Macedonia
80 opštini
_______Novaci
90%
Turkey
81 il
_______Ordu
90%
Benin
12 départements
PlateauPobé
90%
Benin
12 départements
OuéméPorto-Novo
90%
Romania
41 județe
VâlceaRâmnicu Vâlcea
90%
Jordan
12 muhāfazāt
BalqaSalt
90%
San Marino
9 castelli
_______San Marino
90%
Moldova
32 raioane
_______Sîngerei
90%
Jordan
12 muhāfazāt
_______Tafilah
90%
Moldova
32 raioane
_______Telenești
90%
Romania
41 județe
TimișTimișoara
90%
Turkey
81 il
_______Trabzon
90%
Ireland
26 counties
KerryTralee
90%
Serbia
24 okruzi
PčinjaVranje
90%
Jordan
12 muhāfazāt
_______Zarqa
90%
Nigeria
36 states
OgunAbeokuta
89%
North Macedonia
80 opštini
_______Aračinovo
89%
Portugal
18 distritos
_______Aveiro
89%
Bulgaria
28 oblasti
_______Blagoevgrad
89%
Portugal
18 distritos
_______Braga
89%
Romania
41 județe
_______Brașov
89%
Romania
1 capital
BucharestBucharest
89%
Romania
41 județe
IlfovBuftea
89%
North Macedonia
80 opštini
_______Čaška
89%
North Macedonia
80 opštini
_______Čučer-Sandevo
89%
North Macedonia
80 opštini
_______Delčevo
89%
Benin
12 départements
DongaDjougou
89%
Kosovo
7 rajone
_______Ferizaj
89%
Italy
15 regioni
TuscanyFlorence
89%
Kosovo
7 rajone
_______Gjilan
89%
Poland
16 województwa
LubuszGorzów Wielkopolski
89%
North Macedonia
80 opštini
_______Gradsko
89%
Estonia
15 maakonnad
Lääne / WesternHaapsalu
89%
Finland
18 maakuntaa
UusimaaHelsinki
89%
Nigeria
36 states
OyoIbadan
89%
North Macedonia
80 opštini
_______Ilinden
89%
North Macedonia
80 opštini
_______Jegunovce
89%
Togo
5 régions
_______Kara
89%
North Macedonia
80 opštini
_______Karbinci
89%
North Macedonia
80 opštini
_______Kočani
89%
North Macedonia
80 opštini
_______Kratovo
89%
North Macedonia
80 opštini
_______Kumanovo
89%
Venezuela
23 estados
Nueva EspartaLa Asunción
89%
North Macedonia
80 opštini
_______Lipkovo
89%
North Macedonia
80 opštini
_______Lozovo
89%
Spain
17 comunidades autónomas
_______Madrid
89%
Kosovo
7 rajone
_______Mitrovica
89%
North Macedonia
80 opštini
Češinovo-ObleševoObleševo
89%
Poland
16 województwa
_______Opole
89%
Benin
12 départements
BorgouParakou
89%
Estonia
15 maakonnad
_______Pärnu
89%
North Macedonia
80 opštini
_______Pehčevo
89%
Italy
15 regioni
UmbriaPerugia
89%
North Macedonia
80 opštini
_______Petrovec
89%
Romania
41 județe
PrahovaPloiești
89%
Portugal
18 distritos
_______Porto
89%
Kosovo
7 rajone
_______Pristina
89%
North Macedonia
80 opštini
_______Probištip
89%
North Macedonia
80 opštini
_______Rankovce
89%
Estonia
15 maakonnad
_______Rapla
89%
North Macedonia
80 opštini
_______Rosoman
89%
Switzerland
26 cantons
ValaisSion
89%
North Macedonia
80 opštini
Gazi BabaSkopje
89%
North Macedonia
80 opštini
Šuto OrizariSkopje
89%
North Macedonia
80 opštini
SarajSkopje
89%
North Macedonia
80 opštini
Gjorče PetrovSkopje
89%
North Macedonia
80 opštini
CentarSkopje
89%
North Macedonia
80 opštini
ČairSkopje
89%
North Macedonia
80 opštini
AerodromSkopje
89%
North Macedonia
80 opštini
KarpošSkopje
89%
North Macedonia
80 opštini
Kisela VodaSkopje
89%
North Macedonia
80 opštini
ButelSkopje
89%
Romania
41 județe
IalomițaSlobozia
89%
Togo
5 régions
CentralSokodé
89%
North Macedonia
80 opštini
_______Sopište
89%
Bulgaria
28 oblasti
_______Stara Zagora
89%
North Macedonia
80 opštini
_______Staro Nagoričane
89%
North Macedonia
80 opštini
_______Štip
89%
North Macedonia
80 opštini
_______Studeničani
89%
North Macedonia
80 opštini
_______Sveti Nikole
89%
Estonia
15 maakonnad
HarjuTallinn
89%
Romania
41 județe
MureșTârgu Mureș
89%
North Macedonia
80 opštini
_______Tearce
89%
Spain
17 comunidades autónomas
Castilla-La ManchaToledo
89%
North Macedonia
80 opštini
_______Veles
89%
Portugal
18 distritos
_______Viana do Castelo
89%
North Macedonia
80 opštini
_______Zelenikovo
89%
North Macedonia
80 opštini
_______Zrnovci
89%
Latvia
110 novadi
_______Alūksne
88%
Montenegro
22 opštine
_______Andrijevica
88%
Latvia
110 novadi
_______Baltinava
88%
Latvia
110 novadi
_______Balvi
88%
Montenegro
22 opštine
_______Bar
88%
Hungary
19 megye
BékésBékéscsaba
88%
North Macedonia
80 opštini
DebarcaBelčišta
88%
Montenegro
22 opštine
_______Berane
88%
Switzerland
26 cantons
_______Bern
88%
Montenegro
22 opštine
_______Bijelo Polje
88%
North Macedonia
80 opštini
_______Bogovinje
88%
Moldova
32 raioane
_______Briceni
88%
North Macedonia
80 opštini
_______Brvenica
88%
Montenegro
22 opštine
_______Budva
88%
Italy
15 regioni
MoliseCampobasso
88%
North Macedonia
80 opštini
_______Centar Župa
88%
Montenegro
1 prijestonica
_______Cetinje
88%
Luxembourg
12 cantons
_______Clervaux
88%
Romania
41 județe
ClujCluj-Napoca
88%
Montenegro
22 opštine
_______Danilovgrad
88%
Togo
5 régions
SavanesDapaong
88%
North Macedonia
80 opštini
_______Debar
88%
Hungary
19 megye
Hajdú-BiharDebrecen
88%
Bulgaria
28 oblasti
_______Dobrich
88%
North Macedonia
80 opštini
_______Dolneni
88%
Moldova
32 raioane
_______Dondușeni
88%
Moldova
32 raioane
_______Drochia
88%
Latvia
110 novadi
_______Dundaga
88%
Albania
12 qarqe
_______Durrës
88%
Moldova
32 raioane
_______Edineț
88%
Burkina Faso
13 régions
EastFada N'gourma
88%
Switzerland
26 cantons
_______Fribourg
88%
Romania
41 județe
_______Giurgiu
88%
Kosovo
7 rajone
_______Gjakova
88%
North Macedonia
80 opštini
_______Gostivar
88%
Grenada
6 parishes
Saint JohnGouyave
88%
Latvia
110 novadi
_______Gulbene
88%
Montenegro
22 opštine
_______Gusinje
88%
Montenegro
22 opštine
_______Herceg Novi
88%
Latvia
110 novadi
_______Jaunpiebalga
88%
Latvia
110 novadi
_______Kandava
88%
North Macedonia
80 opštini
_______Kičevo
88%
Montenegro
22 opštine
_______Kolašin
88%
Greece
13 peripheries
Eastern Macedonia and ThraceKomotini
88%
Montenegro
22 opštine
_______Kotor
88%
North Macedonia
80 opštini
_______Krivogaštani
88%
North Macedonia
80 opštini
_______Kruševo
88%
Albania
12 qarqe
_______Kukës
88%
Latvia
110 novadi
_______Kuldīga
88%
Albania
12 qarqe
_______Lezhë
88%
Sweden
21 län
ÖstergötlandLinköping
88%
Spain
17 comunidades autónomas
La RiojaLogroño
88%
Latvia
110 novadi
_______Lubāna
88%
Switzerland
26 cantons
LuzernLuzern | Lucerne
88%
North Macedonia
80 opštini
_______Makedonski Brod
88%
Latvia
110 novadi
_______Mērsrags
88%
Romania
41 județe
HarghitaMiercurea Ciuc
88%
Montenegro
22 opštine
_______Mojkovac
88%
Montenegro
22 opštine
_______Nikšić
88%
Moldova
32 raioane
_______Ocnița
88%
Kosovo
7 rajone
Peja/PećPeć
88%
Albania
12 qarqe
DibërPeshkopi
88%
Montenegro
22 opštine
_______Petnjica
88%
North Macedonia
80 opštini
_______Plasnica
88%
Montenegro
22 opštine
_______Plav
88%
Montenegro
22 opštine
_______Pljevlja
88%
Montenegro
22 opštine
_______Plužine
88%
Montenegro
1 glavni grad
_______Podgorica
88%
Italy
15 regioni
BasilicataPotenza
88%
Poland
16 województwa
Greater PolandPoznań
88%
Slovakia
8 kraje
_______Prešov
88%
North Macedonia
80 opštini
_______Prilep
88%
Kosovo
7 rajone
_______Prizren
88%
Moldova
32 raioane
_______Rîșcani
88%
Latvia
110 novadi
_______Roja
88%
North Macedonia
80 opštini
Mavrovo and RostušaRostuša
88%
Montenegro
22 opštine
_______Rožaje
88%
Latvia
110 novadi
_______Rugāji
88%
Grenada
6 parishes
Saint DavidSaint David's
88%
Grenada
6 parishes
Saint GeorgeSaint George's
88%
Switzerland
26 cantons
ObwaldenSarnen
88%
Switzerland
26 cantons
_______Schwyz
88%
Romania
41 județe
CovasnaSfântu Gheorghe
88%
Albania
12 qarqe
_______Shkodër
88%
Bulgaria
28 oblasti
_______Shumen
88%
Bulgaria
28 oblasti
_______Sliven
88%
Switzerland
26 cantons
_______Solothurn
88%
Switzerland
26 cantons
NidwaldenStans
88%
Latvia
110 novadi
_______Talsi
88%
Burkina Faso
13 régions
Central-EastTenkodogo
88%
North Macedonia
80 opštini
_______Tetovo
88%
Albania
12 qarqe
TiranëTirana
88%
Montenegro
22 opštine
_______Tivat
88%
Latvia
110 novadi
_______Tukums
88%
Montenegro
22 opštine
_______Tuzi
88%
Montenegro
22 opštine
_______Ulcinj
88%
Latvia
9 republikas pilsētas
_______Ventspils
88%
Latvia
110 novadi
_______Ventspils
88%
North Macedonia
80 opštini
_______Vevčani
88%
Latvia
110 novadi
_______Viļaka
88%
North Macedonia
80 opštini
_______Vrapčište
88%
Luxembourg
12 cantons
_______Wiltz
88%
Poland
16 województwa
Lower SilesiaWrocław
88%
Bulgaria
28 oblasti
_______Yambol
88%
Montenegro
22 opštine
_______Žabljak
88%
Romania
41 județe
SălajZalău
88%
North Macedonia
80 opštini
_______Želino
88%
Switzerland
26 cantons
_______Zug
88%
Switzerland
26 cantons
AargauAarau
87%
Seychelles
26 districts
_______Anse aux Pins
87%
Seychelles
26 districts
_______Anse Boileau
87%
Seychelles
26 districts
_______Anse Etoile
87%
Seychelles
26 districts
_______Anse Royale
87%
Seychelles
26 districts
Baie Sainte AnneAnse Volbert
87%
Italy
5 regioni autonome
Aosta ValleyAosta
87%
Trinidad and Tobago
3 boroughs
_______Arima
87%
Romania
41 județe
_______Bacău
87%
Seychelles
26 districts
_______Baie Lazare
87%
Switzerland
26 cantons
_______Basel
87%
Seychelles
26 districts
_______Beau Vallon
87%
Seychelles
26 districts
_______Bel Air
87%
Seychelles
26 districts
_______Bel Ombre
87%
North Macedonia
80 opštini
_______Berovo
87%
Romania
41 județe
Bistrița-NăsăudBistrița
87%
Ghana
16 regions
Upper EastBolgatanga
87%
Romania
41 județe
_______Brăila
87%
Germany
16 Länder
_______Bremen
87%
Moldova
32 raioane
_______Cahul
87%
Moldova
32 raioane
_______Cantemir
87%
Trinidad and Tobago
3 boroughs
_______Chaguanas
87%
Panama
3 comarcas indígenas
Ngäbe-BugléChichica
87%
Cuba
16 provincias
_______Ciego de Ávila
87%
Seychelles
26 districts
Outer IslandsCoëvity
87%
Romania
41 județe
_______Constanța
87%
Trinidad and Tobago
9 regions
Couva-Tabaquite-TalparoCouva
87%
Venezuela
23 estados
SucreCumaná
87%
Switzerland
26 cantons
JuraDelémont
87%
Trinidad and Tobago
9 regions
_______Diego Martin
87%
Seychelles
26 districts
_______English River
87%
Sweden
21 län
DalarnaFalun
87%
Romania
41 județe
VranceaFocșani
87%
Japan
47 todōfuken
_______Fukui
87%
Romania
41 județe
_______Galați
87%
Sweden
21 län
GävleborgGävle
87%
Switzerland
26 cantons
_______Geneva
87%
Italy
15 regioni
LiguriaGenoa
87%
Japan
47 todōfuken
_______Gifu
87%
Seychelles
26 districts
_______Glacis
87%
Sweden
21 län
Västra GötalandGothenburg | Vänersborg
87%
Seychelles
26 districts
Grand'Anse PraslinGrand'Anse
87%
Seychelles
26 districts
_______Grand'Anse
87%
Sweden
21 län
_______Jönköping
87%
Japan
47 todōfuken
IshikawaKanazawa
87%
Estonia
15 maakonnad
HiiuKärdla
87%
Sweden
21 län
VärmlandKarlstad
87%
North Macedonia
80 opštini
_______Kavadarci
87%
Japan
47 todōfuken
YamanashiKōfu
87%
Slovakia
8 kraje
_______Košice
87%
Estonia
15 maakonnad
SaareKuressaare
87%
Japan
47 todōfuken
_______Kyoto
87%
Seychelles
26 districts
La Digue and Inner IslandsLa Passe
87%
Seychelles
26 districts
Au CapLa Plaine Saint André
87%
Switzerland
26 cantons
VaudLausanne
87%
Moldova
32 raioane
_______Leova
87%
Seychelles
26 districts
_______Les Mamelles
87%
Switzerland
26 cantons
Basel-Landschaft / Basel RuralLiestal
87%
Jordan
12 muhāfazāt
_______Ma'an
87%
Japan
47 todōfuken
GunmaMaebashi
87%
Burkina Faso
13 régions
Central-SouthManga
87%
Seychelles
26 districts
_______Mont Buxton
87%
Seychelles
26 districts
_______Mont Fleuri
87%
Japan
47 todōfuken
_______Nagano
87%
Japan
47 todōfuken
AichiNagoya
87%
Japan
47 todōfuken
_______Nara
87%
North Macedonia
80 opštini
_______Negotino
87%
Sweden
21 län
SödermanlandNyköping
87%
Sweden
21 län
_______Örebro
87%
France
13 régions
Centre-Val de LoireOrléans
87%
Japan
47 todōfuken
ShigaŌtsu
87%
Trinidad and Tobago
9 regions
Penal-DebePenal
87%
Romania
41 județe
NeamțPiatra Neamț
87%
Seychelles
26 districts
_______Plaisance
87%
Seychelles
26 districts
_______Pointe La Rue
87%
Trinidad and Tobago
3 boroughs
_______Point Fortin
87%
Seychelles
26 districts
_______Port Glaud
87%
Trinidad and Tobago
2 cities
_______Port of Spain
87%
Trinidad and Tobago
9 regions
_______Princes Town
87%
Seychelles
26 districts
CascadeProvidence
87%
North Macedonia
80 opštini
_______Radoviš
87%
Seychelles
26 districts
_______Roche Caïman
87%
Seychelles
26 districts
_______Saint Louis
87%
Trinidad and Tobago
2 cities
_______San Fernando
87%
Trinidad and Tobago
9 regions
_______Sangre Grande
87%
Trinidad and Tobago
9 regions
San Juan-LaventilleSan Juan
87%
Panama
10 provincias
VeraguasSantiago de Veraguas
87%
Montenegro
22 opštine
_______Šavnik
87%
Switzerland
26 cantons
_______Schaffhausen
87%
Japan
47 todōfuken
_______Shizuoka
87%
Trinidad and Tobago
9 regions
_______Siparia
87%
Seychelles
26 districts
_______Takamaka
87%
Finland
18 maakuntaa
PirkanmaaTampere
87%
Japan
47 todōfuken
_______Toyama
87%
Japan
47 todōfuken
MieTsu
87%
Trinidad and Tobago
9 regions
Tunapuna-PiarcoTunapuna
87%
Italy
15 regioni
PiedmontTurin
87%
Romania
41 județe
_______Vaslui
87%
Sweden
21 län
VästmanlandVästerås
87%
North Macedonia
80 opštini
_______Vinica
87%
Japan
47 todōfuken
KanagawaYokohama
87%
Switzerland
26 cantons
_______Zürich
87%
Latvia
110 novadi
_______Aloja
86%
Netherlands
4 landen
NetherlandsAmsterdam
86%
Latvia
110 novadi
_______Ape
86%
Panama
10 provincias
_______Bocas del Toro
86%
Bulgaria
28 oblasti
_______Burgas
86%
Latvia
110 novadi
_______Burtnieki
86%
Poland
16 województwa
Kujawy-PomeraniaBydgoszcz
86%
Moldova
1 unitate teritorială autonomă
GagauziaComrat
86%
Panama
10 provincias
ChiriquíDavid
86%
Germany
16 Länder
SaxonyDresden
86%
Croatia
20 županije
Dubrovnik-NeretvaDubrovnik
86%
Germany
16 Länder
ThuringiaErfurt
86%
Germany
16 Länder
_______Hamburg
86%
Finland
18 maakuntaa
TavastiaHämeenlinna
86%
Estonia
15 maakonnad
_______Jõgeva
86%
Estonia
15 maakonnad
Ida-Viru / Eastern ViruJõhvi
86%
Bulgaria
28 oblasti
_______Kardzhali
86%
Latvia
110 novadi
_______Kocēni
86%
Germany
16 Länder
Saxony-AnhaltMagdeburg
86%
Germany
16 Länder
Rhineland-PalatinateMainz
86%
Latvia
110 novadi
_______Mazsalaca
86%
Latvia
110 novadi
BeverīnaMūrmuiža
86%
Ghana
16 regions
North EastNalerigu
86%
Latvia
110 novadi
_______Naukšēni
86%
Hungary
19 megye
Szabolcs-Szatmár-BeregNyíregyháza
86%
Estonia
15 maakonnad
JärvaPaide
86%
Estonia
15 maakonnad
_______Põlva
86%
Estonia
15 maakonnad
Lääne-Viru / Western ViruRakvere
86%
Latvia
110 novadi
_______Rauna
86%
Latvia
110 novadi
_______Rūjiena
86%
Latvia
110 novadi
_______Smiltene
86%
Russia
46 oblasts
_______Smolensk
86%
Latvia
110 novadi
_______Strenči
86%
Poland
16 województwa
West PomeraniaSzczecin
86%
Moldova
32 raioane
_______Taraclia
86%
Estonia
15 maakonnad
_______Tartu
86%
Sweden
21 län
_______Uppsala
86%
Estonia
15 maakonnad
_______Valga
86%
Latvia
110 novadi
_______Valka
86%
Latvia
9 republikas pilsētas
_______Valmiera
86%
Bulgaria
28 oblasti
_______Varna
86%
Estonia
15 maakonnad
_______Viljandi
86%
Spain
17 comunidades autónomas
BasqueVitoria-Gasteiz
86%
Estonia
15 maakonnad
_______Võru
86%
Germany
16 Länder
HessenWiesbaden
86%
Ghana
16 regions
Greater AccraAccra
85%
Venezuela
23 estados
AnzoáteguiBarcelona
85%
Germany
16 Länder
_______Berlin
85%
Ghana
16 regions
CentralCape Coast
85%
Moldova
32 raioane
_______Criuleni
85%
United Arab Emirates
7 imarat
_______Dubai
85%
Moldova
32 raioane
_______Dubăsari
85%
Panama
3 comarcas indígenas
Guna YalaEl Porvenir
85%
Portugal
18 distritos
_______Faro
85%
Germany
16 Länder
Lower SaxonyHanover
85%
Bulgaria
28 oblasti
_______Haskovo
85%
Romania
41 județe
_______Iași
85%
Latvia
110 novadi
_______Inčukalns
85%
Latvia
110 novadi
_______Jelgava
85%
Latvia
9 republikas pilsētas
_______Jelgava
85%
Greece
1 aftonomi monastiki politeia
Mount AthosKaryes
85%
Guinea
8 régions
_______Kindia
85%
Ghana
16 regions
EasternKoforidua
85%
Guinea
8 régions
_______Labé
85%
Italy
15 regioni
AbruzzoL'Aquila
85%
Czechia
13 krajů
_______Liberec
85%
Haiti
10 départements
NippesMiragoâne
85%
Romania
41 județe
BihorOradea
85%
Moldova
32 raioane
_______Orhei
85%
Latvia
110 novadi
_______Ozolnieki
85%
Spain
17 comunidades autónomas
Balearic IslandsPalma
85%
Latvia
110 novadi
_______Pļaviņas
85%
Bulgaria
28 oblasti
_______Plovdiv
85%
Germany
16 Länder
BrandenburgPotsdam
85%
Russia
46 oblasts
_______Pskov
85%
Japan
47 todōfuken
_______Saitama
85%
Latvia
110 novadi
_______Sigulda
85%
Bulgaria
28 oblasti
_______Smolyan
85%
Moldova
32 raioane
_______Strășeni
85%
Romania
41 județe
_______Suceava
85%
Ghana
16 regions
WesternTakoradi
85%
Japan
47 todōfuken
TokyoTokyo | Shinyuku
85%
Latvia
110 novadi
_______Vecumnieki
85%
Turkey
81 il
_______Afyonkarahisar
84%
Latvia
110 novadi
_______Aizkraukle
84%
Lithuania
10 apskritys
_______Alytus
84%
Romania
41 județe
_______Arad
84%
Dominican Republic
31 provincias
_______Azua
84%
Latvia
110 novadi
_______Baldone
84%
Dominican Republic
31 provincias
PeraviaBaní
84%
Dominican Republic
31 provincias
_______Barahona
84%
Algeria
58 wilayas
_______Batna
84%
Turkey
81 il
_______Bilecik
84%
Sierra Leone
4 provinces
SouthernBo
84%
Dominican Republic
31 provincias
Monseñor NouelBonao
84%
Romania
41 județe
_______Botoșani
84%
Turkey
81 il
_______Burdur
84%
Turkey
81 il
_______Bursa
84%
Turkey
81 il
_______Çanakkale
84%
Haiti
10 départements
NorthCap-Haïtien
84%
Venezuela
2 special status areas
Capital DistrictCaracas
84%
Latvia
110 novadi
_______Cesvaine
84%
Japan
47 todōfuken
_______Chiba
84%
Panama
10 provincias
HerreraChitré
84%
United Kingdom
12 non-Antarctic civilian overseas territories
Turks and Caicos IslandsCockburn Town
84%
Panama
10 provincias
_______Colón
84%
Dominican Republic
31 provincias
Elías PiñaComendador
84%
Guinea
8 régions
_______Conakry
84%
Dominican Republic
31 provincias
La VegaConcepción de La Vega
84%
Algeria
58 wilayas
_______Constantine
84%
Dominican Republic
31 provincias
Sánchez RamírezCotuí
84%
Dominican Republic
31 provincias
_______Dajabón
84%
North Macedonia
80 opštini
_______Demir Hisar
84%
North Macedonia
80 opštini
_______Demir Kapija
84%
Latvia
110 novadi
AmataDrabeši
84%
Turkey
81 il
_______Edirne
84%
Albania
12 qarqe
_______Elbasan
84%
Dominican Republic
31 provincias
_______El Seibo
84%
Latvia
110 novadi
_______Ērgļi
84%
Turkey
81 il
_______Eskişehir
84%
Guinea
8 régions
_______Faranah
84%
Haiti
10 départements
North-EastFort-Liberté
84%
Sierra Leone
1 area
WesternFreetown
84%
Japan
47 todōfuken
_______Fukushima
84%
Bahamas
32 districts
ExumaGeorge Town
84%
Bahamas
32 districts
Ragged IslandGeorge Town
84%
Haiti
10 départements
ArtiboniteGonaïves
84%
Belarus
6 voblastsi
_______Grodno
84%
Algeria
58 wilayas
_______Guelma
84%
Dominican Republic
31 provincias
_______Hato Mayor
84%
Dominican Republic
31 provincias
La AltagraciaHigüey
84%
Denmark
5 regioner
CapitalHillerød
84%
Moldova
32 raioane
_______Hîncești
84%
Haiti
10 départements
CenterHinche
84%
Latvia
110 novadi
_______Ikšķile
84%
Turkey
81 il
_______Isparta
84%
Turkey
81 il
KocaeliIzmit
84%
Haiti
10 départements
South-EastJacmel
84%
Latvia
110 novadi
_______Jaunjelgava
84%
Haiti
10 départements
Grand'AnseJérémie
84%
Algeria
58 wilayas
_______Jijel
84%
Dominican Republic
31 provincias
IndependenciaJimaní
84%
Czechia
13 krajů
_______Karlovy Vary
84%
Lithuania
10 apskritys
_______Kaunas
84%
Latvia
110 novadi
_______Ķegums
84%
Latvia
110 novadi
_______Ķekava
84%
Sierra Leone
4 provinces
EasternKenema
84%
Algeria
58 wilayas
_______Khenchela
84%
Germany
16 Länder
Schleswig-HolsteinKiel
84%
Turkey
81 il
_______Kırklareli
84%
Latvia
110 novadi
_______Koknese
84%
North Macedonia
80 opštini
_______Konče
84%
Turkey
81 il
_______Kütahya
84%
Venezuela
23 estados
Vargas / La GuairaLa Guaira
84%
Dominican Republic
31 provincias
_______La Romana
84%
Panama
10 provincias
Los SantosLas Tablas
84%
Haiti
10 départements
SouthLes Cayes
84%
Latvia
110 novadi
_______Lielvārde
84%
Venezuela
2 special status areas
Federal DependenciesLos Roques
84%
Venezuela
23 estados
MirandaLos Teques
84%
Ukraine
24 oblasti
VolynLutsk
84%
Latvia
110 novadi
_______Madona
84%
Sierra Leone
4 provinces
NorthernMakeni
84%
Sweden
21 län
SkåneMalmö | Kristianstad
84%
Latvia
110 novadi
_______Mālpils
84%
Guinea
8 régions
_______Mamou
84%
Dominican Republic
31 provincias
ValverdeMao
84%
Lithuania
10 apskritys
_______Marijampolė
84%
Bahamas
32 districts
InaguaMatthew Town
84%
Algeria
58 wilayas
_______Mila
84%
Japan
47 todōfuken
IbarakiMito
84%
Dominican Republic
31 provincias
EspaillatMoca
84%
North Macedonia
80 opštini
_______Mogila
84%
Dominican Republic
31 provincias
_______Monte Cristi
84%
Dominican Republic
31 provincias
_______Monte Plata
84%
Bahamas
32 districts
Crooked IslandMoss Town
84%
Dominican Republic
31 provincias
María Trinidad SánchezNagua
84%
Dominican Republic
31 provincias
BaorucoNeiba
84%
Japan
47 todōfuken
_______Niigata
84%
Moldova
32 raioane
_______Nisporeni
84%
Latvia
110 novadi
_______Ogre
84%
North Macedonia
80 opštini
_______Ohrid
84%
Latvia
110 novadi
_______Olaine
84%
Algeria
58 wilayas
_______Oum el-Bouaghi
84%
Panama
10 provincias
PanamáPanama City
84%
Dominican Republic
31 provincias
_______Pedernales
84%
Panama
10 provincias
CocléPenonomé
84%
Finland
18 maakuntaa
SatakuntaPori
84%
Haiti
10 départements
WestPort-au-Prince
84%
Sierra Leone
4 provinces
North WestPort Loko
84%
Dominican Republic
31 provincias
_______Puerto Plata
84%
North Macedonia
80 opštini
_______Resen
84%
Latvia
110 novadi
_______Ropaži
84%
Russia
46 oblasts
_______Ryazan
84%
Dominican Republic
31 provincias
Santiago RodríguezSabaneta
84%
Latvia
110 novadi
_______Salaspils
84%
Dominican Republic
31 provincias
Hermanas MirabalSalcedo
84%
Dominican Republic
31 provincias
_______Samaná
84%
Dominican Republic
31 provincias
_______San Cristóbal
84%
Dominican Republic
31 provincias
DuarteSan Francisco de Macorís
84%
Dominican Republic
31 provincias
_______San José de Ocoa
84%
Dominican Republic
31 provincias
San JuanSan Juan de la Maguana
84%
Venezuela
23 estados
GuáricoSan Juan de Los Morros
84%
Dominican Republic
31 provincias
_______San Pedro de Macorís
84%
Dominican Republic
31 provincias
SantiagoSantiago de los Caballeros
84%
Dominican Republic
1 distrito nacional
National DistrictSanto Domingo
84%
Dominican Republic
31 provincias
Santo DomingoSanto Domingo Este
84%
Germany
16 Länder
Mecklenburg-VorpommernSchwerin
84%
Japan
47 todōfuken
MiyagiSendai
84%
Algeria
58 wilayas
_______Skikda
84%
Latvia
110 novadi
_______Skrīveri
84%
Denmark
5 regioner
ZealandSorø
84%
Sweden
21 län
_______Stockholm
84%
North Macedonia
80 opštini
_______Struga
84%
Germany
16 Länder
Baden-WürttembergStuttgart
84%
Lithuania
10 apskritys
_______Tauragė
84%
Turkey
81 il
_______Tekirdağ
84%
Finland
18 maakuntaa
SouthwestTurku
84%
Latvia
110 novadi
StopiņiUlbroka
84%
Moldova
32 raioane
_______Ungheni
84%
Turkey
81 il
_______Uşak
84%
Czechia
13 krajů
_______Ústí nad Labem
84%
Japan
47 todōfuken
TochigiUtsunomiya
84%
Latvia
110 novadi
_______Vecpiebalga
84%
Ghana
16 regions
Western NorthWiawso
84%
Japan
47 todōfuken
_______Yamagata
84%
Denmark
5 regioner
North JutlandAalborg
83%
United Arab Emirates
7 imarat
_______Abu Dhabi
83%
Turkey
81 il
SakaryaAdapazarı
83%
Iceland
72 sveitarfélög
_______Akrahreppur
83%
Iceland
72 sveitarfélög
_______Akranes
83%
Iceland
72 sveitarfélög
_______Akureyri
83%
Qatar
8 baladiya'at
_______Al Khor
83%
Qatar
8 baladiya'at
_______Al Rayyan
83%
Qatar
8 baladiya'at
_______Al Wakrah
83%
Turkey
81 il
_______Ankara
83%
Tunisia
24 wilaya'at
_______Ariana
83%
Iceland
72 sveitarfélög
Skeiða- og GnúpverjahreppurÁrnes
83%
Iceland
72 sveitarfélög
_______Árneshreppur
83%
Iceland
72 sveitarfélög
_______Ásahreppur
83%
Turkey
81 il
_______Bartın
83%
Tunisia
24 wilaya'at
_______Ben Arous
83%
Albania
12 qarqe
_______Berat
83%
Iceland
72 sveitarfélög
_______Bláskógabyggð
83%
Iceland
72 sveitarfélög
BlönduóssbærBlönduós
83%
Turkey
81 il
_______Bolu
83%
Iceland
72 sveitarfélög
_______Bolungarvík
83%
Iceland
72 sveitarfélög
_______Borgarbyggð
83%
Russia
46 oblasts
_______Bryansk
83%
Iceland
72 sveitarfélög
DalabyggðBúðardalur
83%
Argentina
1 autonomous city
Ciudad de Buenos AiresBuenos Aires
83%
Turkey
81 il
_______Çankırı
83%
Bahamas
32 districts
Long IslandClarence Town
83%
Iceland
72 sveitarfélög
DalvíkurbyggðDalvik
83%
Saudi Arabia
13 manaţiq
EasternDammam
83%
Iceland
72 sveitarfélög
DjúpavogshreppurDjúpivogur
83%
Qatar
8 baladiya'at
Ad Dawhah / DohaDoha
83%
Turkey
81 il
_______Düzce
83%
Iceland
72 sveitarfélög
FljótsdalshéraðEgilsstaðir
83%
Iceland
72 sveitarfélög
_______Eyja-og Miklaholtshreppur
83%
Albania
12 qarqe
_______Fier
83%
Iceland
72 sveitarfélög
_______Fjallabyggð
83%
Iceland
72 sveitarfélög
_______Fjarðabyggð
83%
Iceland
72 sveitarfélög
FljótsdalshreppurFljótsdalur
83%
Iceland
72 sveitarfélög
_______Flóahreppur
83%
Iceland
72 sveitarfélög
HrunamannahreppurFlúðir
83%
Uruguay
19 departamentos
Río NegroFray Bentos
83%
Iceland
72 sveitarfélög
_______Garðabær
83%
Iceland
72 sveitarfélög
GrýtubakkahreppurGrenivík
83%
Iceland
72 sveitarfélög
GrindavíkurbærGrindavík
83%
Iceland
72 sveitarfélög
GrundarfjarðarbærGrundarfjörður
83%
Mexico
31 estados
_______Guanajuato
83%
Cuba
16 provincias
_______Guantánamo
83%
Iceland
72 sveitarfélög
_______Hafnarfjörður
83%
Sweden
21 län
HallandHalmstad
83%
Iceland
72 sveitarfélög
HelgafellssveitHelgafell
83%
Iceland
72 sveitarfélög
Rangárþing ytraHella
83%
Iceland
72 sveitarfélög
SnæfellsbærHellissandur
83%
Iceland
72 sveitarfélög
_______Hornafjörður
83%
Iceland
72 sveitarfélög
EyjafjarðarsveitHrafnagil
83%
Iceland
72 sveitarfélög
_______Húnavatnshreppur
83%
Iceland
72 sveitarfélög
NorðurþingHúsavík
83%
Iceland
72 sveitarfélög
Húnaþing vestraHvammstangi
83%
Iceland
72 sveitarfélög
_______Hveragerði
83%
Iceland
72 sveitarfélög
Rangárþing eystraHvolsvöllur
83%
Nigeria
36 states
LagosIkeja
83%
Iceland
72 sveitarfélög
ÍsafjarðarbærÍsafjörður
83%
Turkey
81 il
_______Istanbul
83%
Russia
46 oblasts
_______Ivanovo
83%
Iceland
72 sveitarfélög
KaldrananeshreppurKaldrananes
83%
Russia
46 oblasts
_______Kaluga
83%
Turkey
81 il
_______Karabük
83%
Iceland
72 sveitarfélög
SkaftárhreppurKirkjubæjarklaustur
83%
Russia
46 oblasts
_______Kirov
83%
Iceland
72 sveitarfélög
_______Kjósarhreppur
83%
Iceland
72 sveitarfélög
_______Kópavogur
83%
Russia
46 oblasts
_______Kostroma
83%
Iceland
72 sveitarfélög
SvalbarðshreppurLanganesbyggð
83%
Iceland
72 sveitarfélög
ÞingeyjarsveitLaugar
83%
Russia
46 oblasts
_______Lipetsk
83%
Iceland
72 sveitarfélög
HörgársveitLónsbakki
83%
Tunisia
24 wilaya'at
_______Manouba
83%
Finland
1 itsehallinnollinen maakunta
Åland IslandsMariehamn
83%
Iceland
72 sveitarfélög
HvalfjarðarsveitMelahverfi
83%
Uruguay
19 departamentos
SorianoMercedes
83%
Turkey
81 il
_______Mersin
83%
Iceland
72 sveitarfélög
_______Mosfellsbær
83%
Tunisia
24 wilaya'at
_______Nabeul
83%
France
13 régions
Pays de la LoireNantes
83%
Russia
46 oblasts
_______Oryol
83%
Mexico
31 estados
HidalgoPachuca
83%
Iceland
72 sveitarfélög
VesturbyggðPatreksfjörður
83%
Uruguay
19 departamentos
_______Paysandú
83%
Haiti
10 départements
North-WestPort-de-Paix
83%
Mexico
31 estados
_______Querétaro
83%
Iceland
72 sveitarfélög
ReykhólahreppurReykhólar
83%
Iceland
72 sveitarfélög
SkútustaðahreppurReykjahlíð
83%
Iceland
72 sveitarfélög
_______Reykjanesbær
83%
Iceland
72 sveitarfélög
_______Reykjavík
83%
Iceland
72 sveitarfélög
SuðurnesjabærSandgerði
83%
Mexico
31 estados
_______San Luis Potosí
83%
Iceland
72 sveitarfélög
SkagafjörðurSauðárkrókur
83%
Iceland
72 sveitarfélög
ÁrborgSelfoss
83%
Iceland
72 sveitarfélög
_______Seltjarnarnes
83%
Iceland
72 sveitarfélög
_______Seyðisfjörður
83%
Iceland
72 sveitarfélög
_______Skagaströnd
83%
Iceland
72 sveitarfélög
SkagabyggðSkagaströnd
83%
Iceland
72 sveitarfélög
_______Skorradalshreppur
83%
Iceland
72 sveitarfélög
Grímsnes- og GrafningshreppurSólheimar
83%
Iceland
72 sveitarfélög
_______Strandabyggð
83%
Iceland
72 sveitarfélög
_______Stykkishólmur
83%
Iceland
72 sveitarfélög
SúðavíkurhreppurSúðavík
83%
Iceland
72 sveitarfélög
SvalbarðsstrandarhreppurSvalbarðseyri
83%
Iceland
72 sveitarfélög
TálknafjarðarhreppurTálknafjörður
83%
Iceland
72 sveitarfélög
ÖlfusÞorlákshöfn
83%
Iceland
72 sveitarfélög
LanganesbyggðÞórshöfn
83%
Iceland
72 sveitarfélög
_______Tjörneshreppur
83%
Russia
46 oblasts
_______Tula
83%
Tunisia
24 wilaya'at
_______Tunis
83%
Qatar
8 baladiya'at
Al DaayenUmm Qarn
83%
Qatar
8 baladiya'at
Umm SalalUmm Salal Ali
83%
Iceland
72 sveitarfélög
VestmannaeyjarVestmannaeyjabær
83%
Denmark
5 regioner
Mid JutlandViborg
83%
Iceland
72 sveitarfélög
MýrdalshreppurVík
83%
Lithuania
10 apskritys
_______Vilnius
83%
Russia
46 oblasts
_______Vladimir
83%
Iceland
72 sveitarfélög
_______Vogar
83%
Iceland
72 sveitarfélög
VopnafjarðarhreppurVopnafjörður
83%
Turkey
81 il
_______Yalova
83%
Russia
46 oblasts
_______Yaroslavl
83%
Tunisia
24 wilaya'at
_______Zaghouan
83%
Turkey
81 il
_______Zonguldak
83%
Turkey
81 il
_______Adana
82%
Algeria
58 wilayas
_______Aïn Defla
82%
Turkey
81 il
_______Aydın
82%
Romania
41 județe
MaramureșBaia Mare
82%
Saint Vincent and the Grenadines
6 parishes
Saint PatrickBarrouallie
82%
Uruguay
19 departamentos
_______Canelones
82%
Costa Rica
7 provincias
_______Cartago
82%
Saint Vincent and the Grenadines
6 parishes
Saint DavidChateaubelair
82%
Uruguay
19 departamentos
ColoniaColonia del Sacramento
82%
Algeria
58 wilayas
_______Djelfa
82%
Uruguay
19 departamentos
_______Durazno
82%
Moldova
32 raioane
_______Florești
82%
Uruguay
19 departamentos
_______Florida
82%
Saint Vincent and the Grenadines
6 parishes
CharlotteGeorgetown
82%
Norway
11 fylker
InnlandetHamar
82%
Grenada
1 dependency
Carriacou and Petite MartiniqueHillsborough
82%
Turkey
81 il
_______İzmir
82%
Tunisia
24 wilaya'at
_______Kairouan
82%
Turkey
81 il
_______Karaman
82%
Poland
16 województwa
SilesiaKatowice
82%
Saint Vincent and the Grenadines
6 parishes
Saint GeorgeKingstown
82%
Norway
11 fylker
AgderKristiansand
82%
Panama
10 provincias
Panamá WestLa Chorrera
82%
Greece
13 peripheries
CentralLamia
82%
Panama
10 provincias
DariénLa Palma
82%
Argentina
23 provinces
Buenos AiresLa Plata
82%
Saint Vincent and the Grenadines
6 parishes
Saint AndrewLayou
82%
Tunisia
24 wilaya'at
_______Mahdia
82%
Uruguay
19 departamentos
_______Maldonado
82%
Turkey
81 il
_______Manisa
82%
Venezuela
23 estados
AraguaMaracay
82%
Venezuela
23 estados
MonagasMaturín
82%
Uruguay
19 departamentos
LavallejaMinas
82%
Tunisia
24 wilaya'at
_______Monastir
82%
Uruguay
19 departamentos
_______Montevideo
82%
Russia
46 oblasts
_______Moscow
82%
Russia
3 federal cities
_______Moscow
82%
Greece
13 peripheries
North AegeanMytilene
82%
Norway
11 fylker
_______Oslo
82%
Norway
11 fylker
VikenOslo | Drammen | Sarpsborg
82%
Saint Vincent and the Grenadines
6 parishes
GrenadinesPort Elizabeth
82%
Malta
5 reġjuni
SouthernQormi
82%
Moldova
32 raioane
_______Rezina
82%
Liberia
15 counties
Grand Cape MountRobertsport
82%
Uruguay
19 departamentos
_______Rocha
82%
Malta
5 reġjuni
NorthernSaint Paul's Bay
82%
Malta
5 reġjuni
CentralSan Ġwann
82%
Costa Rica
7 provincias
_______San José
82%
Uruguay
19 departamentos
San JoséSan José de Mayo
82%
Romania
41 județe
_______Satu Mare
82%
Norway
11 fylker
Vestfold og TelemarkSkien
82%
Moldova
32 raioane
_______Șoldănești
82%
Moldova
32 raioane
_______Soroca
82%
Tunisia
24 wilaya'at
_______Sousse
82%
Norway
11 fylker
RogalandStavanger
82%
Uruguay
19 departamentos
_______Tacuarembó
82%
Uruguay
19 departamentos
FloresTrinidad
82%
Venezuela
23 estados
Delta AmacuroTucupita
82%
Russia
46 oblasts
_______Tver
82%
Panama
3 comarcas indígenas
EmberáUnión Chocó
82%
Venezuela
23 estados
CaraboboValencia
82%
Malta
5 reġjuni
GozoVictoria
82%
Latvia
110 novadi
_______Ādaži
81%
Algeria
58 wilayas
_______Algiers
81%
Latvia
110 novadi
_______Alsunga
81%
Saint Lucia
11 quartiers
_______Anse la Raye
81%
Greece
13 peripheries
AtticaAthens
81%
Portugal
18 distritos
_______Beja
81%
Norway
11 fylker
VestlandBergen
81%
Algeria
58 wilayas
_______Blida
81%
Algeria
58 wilayas
_______Boumerdès
81%
Latvia
110 novadi
_______Carkinava
81%
Saint Lucia
11 quartiers
_______Castries
81%
Latvia
110 novadi
_______Cēsis
81%
Saint Lucia
11 quartiers
_______Choiseul
81%
Saint Lucia
11 quartiers
_______Dauphin
81%
Saint Lucia
11 quartiers
_______Dennery
81%
Greece
13 peripheries
South AegeanErmoupoli
81%
Portugal
18 distritos
_______Évora
81%
Latvia
110 novadi
_______Garkalne
81%
Saint Lucia
11 quartiers
_______Gros Islet
81%
Greece
13 peripheries
CreteHeraklion
81%
Cuba
16 provincias
_______Holguín
81%
Latvia
110 novadi
_______Jaunpils
81%
Latvia
9 republikas pilsētas
_______Jūrmala
81%
Burkina Faso
13 régions
Central-NorthKaya
81%
Poland
16 województwa
Lesser PolandKraków
81%
Saint Lucia
11 quartiers
_______Laborie
81%
Cuba
16 provincias
_______Las Tunas
81%
Latvia
110 novadi
_______Līgatne
81%
Latvia
110 novadi
_______Limbaži
81%
Latvia
110 novadi
SējaLoja
81%
Latvia
110 novadi
_______Mārupe
81%
Algeria
58 wilayas
_______Médéa
81%
Saint Lucia
11 quartiers
_______Micoud
81%
Hungary
19 megye
Borsod-Abaúj-ZemplénMiskolc
81%
Norway
11 fylker
Møre og RomsdalMolde
81%
Greece
13 peripheries
WesternPatras
81%
Latvia
110 novadi
BabītePiņķi
81%
Saint Lucia
11 quartiers
_______Praslin
81%
Latvia
110 novadi
_______Priekuļi
81%
Costa Rica
7 provincias
LimónPuerto Limón
81%
Latvia
110 novadi
KrimuldaRagana
81%
Latvia
9 republikas pilsētas
_______Riga
81%
Latvia
110 novadi
_______Salacgrīva
81%
Venezuela
23 estados
ApureSan Fernando de Apure
81%
Spain
17 comunidades autónomas
GaliciaSantiago de Compostela
81%
Latvia
110 novadi
_______Saulkrasti
81%
Latvia
110 novadi
EngureSmārde
81%
Saint Lucia
11 quartiers
_______Soufrière
81%
Latvia
110 novadi
PārgaujaStalbe
81%
Saudi Arabia
13 manaţiq
_______Tabuk
81%
Algeria
58 wilayas
_______Tipaza
81%
Saint Lucia
11 quartiers
_______Vieux Fort
81%
Burkina Faso
13 régions
Central PlateauZiniaré
81%
Cote d'Ivoire
12 districts
ComoéAbengourou
80%
Latvia
110 novadi
_______Aizpute
80%
France
13 régions
CorsicaAjaccio
80%
Lebanon
8 muhāfazāt
Mount LebanonBaabda
80%
Lebanon
8 muhāfazāt
Baalbek-HermelBaalbek
80%
Lebanon
8 muhāfazāt
_______Beirut
80%
Tunisia
24 wilaya'at
_______Béja
80%
Algeria
58 wilayas
_______Béjaïa
80%
Poland
16 województwa
PodlaskieBiałystok
80%
Algeria
58 wilayas
_______Biskra
80%
Belarus
6 voblastsi
_______Brest
80%
Latvia
110 novadi
_______Brocēni
80%
El Salvador
14 departamentos
_______Chalatenango
80%
Honduras
18 departamentos
_______Comayagua
80%
Cote d'Ivoire
12 districts
Sassandra-MarahouéDaloa
80%
Cote d'Ivoire
12 districts
LacsDimbokro
80%
Cyprus
6 eparchies
_______Famagusta
80%
Colombia
32 departamentos
CaquetáFlorencia
80%
Cote d'Ivoire
12 districts
Gôh-DjibouaGagnoa
80%
Honduras
18 departamentos
LempiraGracias
80%
Grenada
6 parishes
Saint AndrewGrenville
80%
Latvia
110 novadi
_______Grobina
80%
Lebanon
8 muhāfazāt
AkkarHalba
80%
Syria
14 muhāfazāt
_______Homs
80%
Finland
18 maakuntaa
CentralJyväskylä
80%
Honduras
18 departamentos
IntibucáLa Esperanza
80%
Honduras
18 departamentos
_______La Paz
80%
Cyprus
6 eparchies
_______Larnaca
80%
Latvia
110 novadi
DurbeLieģi
80%
Latvia
9 republikas pilsētas
_______Liepāja
80%
Portugal
18 distritos
_______Lisbon
80%
Trinidad and Tobago
9 regions
Mayaro-Rio ClaroMayaro
80%
Finland
18 maakuntaa
South OstrobothniaMikkeli
80%
Cote d'Ivoire
12 districts
DenguéléOdienné
80%
Algeria
58 wilayas
_______Ouled Djellal
80%
Latvia
110 novadi
_______Pāvilosta
80%
Latvia
110 novadi
_______Priekule
80%
Latvia
110 novadi
_______Saldus
80%
Cote d'Ivoire
12 districts
Bas-SassandraSan-Pédro
80%
Honduras
18 departamentos
_______Santa Bárbara
80%
Portugal
18 distritos
_______Santarém
80%
Honduras
18 departamentos
CopánSanta Rosa de Copán
80%
Grenada
6 parishes
Saint PatrickSauteurs
80%
Trinidad and Tobago
1 island
TobagoScarborough
80%
Portugal
18 distritos
_______Setúbal
80%
Tunisia
24 wilaya'at
_______Sfax
80%
Latvia
110 novadi
_______Skrunda
80%
Syria
14 muhāfazāt
_______Tartus
80%
Lebanon
8 muhāfazāt
NorthTripoli
80%
Latvia
110 novadi
_______Vaiņode
80%
Grenada
6 parishes
Saint MarkVictoria
80%
Cote d'Ivoire
2 districts autonomes
_______Yamoussoukro
80%
Lebanon
8 muhāfazāt
BeqaaZahleh
80%
Cuba
16 provincias
GranmaBayamo
79%
Algeria
58 wilayas
_______Bouïra
79%
Cuba
16 provincias
_______Camagüey
79%
El Salvador
14 departamentos
CuscatlánCojutepeque
79%
United Kingdom
2 sovereign base areas
AkrotiriEpiskopi
79%
United Kingdom
2 sovereign base areas
DhekeliaEpiskopi
79%
Egypt
27 muhāfazāt
Red SeaHurghada
79%
Russia
46 oblasts
_______Kaliningrad
79%
Latvia
110 novadi
_______Kārsava
79%
Finland
18 maakuntaa
KymenlaaksoKotka | Kouvola
79%
Finland
18 maakuntaa
Päijänne TavastiaLahti
79%
Finland
18 maakuntaa
Southern SavoniaLapeenranta
79%
Cyprus
6 eparchies
_______Limassol
79%
Mexico
31 estados
_______Oaxaca
79%
Italy
5 regioni autonome
SicilyPalermo
79%
Spain
3 plazas menores de soberanía
_______Peñón de Vélez de la Gomera
79%
El Salvador
14 departamentos
MorazánSan Francisco Gotera
79%
El Salvador
14 departamentos
_______San Miguel
79%
El Salvador
14 departamentos
_______San Salvador
79%
El Salvador
14 departamentos
La LibertadSanta Tecla
79%
Cuba
16 provincias
_______Santiago de Cuba
79%
El Salvador
14 departamentos
_______San Vicente
79%
El Salvador
14 departamentos
CabañasSensuntepeque
79%
Mali
10 régions
_______Sikasso
79%
Algeria
58 wilayas
_______Tizi Ouzou
79%
United States
50 states
New JerseyTrenton
79%
Greece
13 peripheries
PeloponneseTripoli
79%
El Salvador
14 departamentos
_______Usulután
79%
Thailand
76 changwat
_______Uthai Thani
79%
El Salvador
14 departamentos
La PazZacatecoluca
79%
Algeria
58 wilayas
_______Annaba
78%
Liberia
15 counties
Grand KruBarclayville
78%
Barbados
11 parishes
Saint JosephBathsheba
78%
Tunisia
24 wilaya'at
_______Bizerte
78%
Algeria
58 wilayas
_______Bordj Bou Arréridj
78%
Barbados
11 parishes
Saint MichaelBridgetown
78%
Barbados
11 parishes
Saint GeorgeBulkeley
78%
Spain
2 ciudades autónomas
_______Ceuta
78%
Mexico
31 estados
GuerreroChilpancingo
78%
Guatemala
22 departamentos
_______Chiquimula
78%
Barbados
11 parishes
Saint LucyCrab Hill
78%
Mexico
31 estados
MorelosCuernavaca
78%
Algeria
58 wilayas
_______El Taref
78%
Liberia
15 counties
River GeeFish Town
78%
Barbados
11 parishes
Saint JohnFour Roads
78%
United Kingdom
12 non-Antarctic civilian overseas territories
_______Gibraltar
78%
Barbados
11 parishes
Saint AndrewGreenland
78%
Liberia
15 counties
MarylandHarper
78%
Barbados
11 parishes
Saint ThomasHillaby
78%
Barbados
11 parishes
Saint JamesHoletown
78%
Nigeria
36 states
KwaraIlorin
78%
Tunisia
24 wilaya'at
_______Jendouba
78%
Thailand
76 changwat
_______Kamphaeng Phet
78%
Tunisia
24 wilaya'at
_______Kebili
78%
Tunisia
24 wilaya'at
_______Kef
78%
Lithuania
10 apskritys
_______Klaipėda
78%
Cote d'Ivoire
12 districts
MontagnesMan
78%
France
13 régions
Provence-Alpes-Côte d'AzurMarseille
78%
Mexico
1 distrito federal
_______Mexico City
78%
Mexico
31 estados
MichoacánMorelia
78%
Algeria
58 wilayas
_______M'Sila
78%
Latvia
110 novadi
_______Nīca
78%
Honduras
18 departamentos
OcotepequeNueva Ocotepeque
78%
Spain
3 plazas menores de soberanía
Islas AlhucemasPeñón de Alhucemas
78%
Mexico
31 estados
_______Puebla
78%
Cambodia
24 khêt
_______Pursat
78%
Latvia
110 novadi
_______Rucava
78%
Russia
46 oblasts
LeningradSaint Petersburg
78%
Russia
3 federal cities
_______Saint Petersburg
78%
Honduras
18 departamentos
CortésSan Pedro Sula
78%
Cuba
16 provincias
Villa ClaraSanta Clara
78%
Cote d'Ivoire
12 districts
WorobaSéguéla
78%
Algeria
58 wilayas
_______Sétif
78%
Tunisia
24 wilaya'at
_______Siliana
78%
Algeria
58 wilayas
_______Souk Ahras
78%
Barbados
11 parishes
Saint PeterSpeightstown
78%
Thailand
76 changwat
_______Sukhothai
78%
Thailand
76 changwat
_______Tak
78%
Morocco
12 regions
Tanger-Tetouan-Al HoceimaTangier
78%
Honduras
18 departamentos
Francisco MorazánTegucigalpa
78%
Mexico
31 estados
_______Tlaxcala
78%
Mexico
31 estados
MéxicoToluca de Lerdo
78%
Tunisia
24 wilaya'at
_______Tozeur
78%
Romania
41 județe
_______Tulcea
78%
Sweden
21 län
GotlandVisby
78%
Mexico
31 estados
VeracruzXalapa
78%
Honduras
18 departamentos
_______Yoro
78%
Liberia
15 counties
Grand GedehZwedru
78%
Azerbaijan
66 rayonlar
_______Aghjabadi
77%
Azerbaijan
66 rayonlar
AgstafaAgstafa
77%
El Salvador
14 departamentos
_______Ahuachapán
77%
Azerbaijan
66 rayonlar
AgdamAlibeyli
77%
Laos
17 khoueng
XaisombounAnouvong
77%
Guatemala
22 departamentos
SacatepéquezAntigua Guatemala
77%
Azerbaijan
66 rayonlar
_______Barda
77%
Moldova
32 raioane
_______Basarabeasca
77%
Azerbaijan
66 rayonlar
_______Beylagan
77%
Jamaica
14 parishes
Saint ElizabethBlack River
77%
Thailand
76 changwat
_______Bueng Kan
77%
South Korea
6 gwangyeoksi
_______Busan
77%
Italy
5 regioni autonome
SardiniaCagliari
77%
Thailand
76 changwat
_______Chaiyaphum
77%
South Korea
8 do
South GyeongsangChangwon
77%
Guatemala
22 departamentos
_______Chimaltenango
77%
Honduras
18 departamentos
_______Choluteca
77%
Moldova
32 raioane
_______Cimișlia
77%
Venezuela
23 estados
BolívarCiudad Bolívar
77%
Guatemala
22 departamentos
Alta VerapazCobán
77%
South Korea
6 gwangyeoksi
_______Daegu
77%
Belize
6 districts
Stann CreekDangriga
77%
Azerbaijan
66 rayonlar
_______Daskasan
77%
Guatemala
22 departamentos
_______Escuintla
77%
Azerbaijan
66 rayonlar
_______Füzuli
77%
Azerbaijan
66 rayonlar
_______Gadabay
77%
Azerbaijan
12 cities
_______Ganja
77%
Azerbaijan
66 rayonlar
_______Goranboy
77%
Azerbaijan
66 rayonlar
_______Goygol
77%
Liberia
15 counties
SinoeGreenville
77%
Guatemala
22 departamentos
El ProgresoGuastatoya
77%
Guatemala
22 departamentos
GuatemalaGuatemala City
77%
Syria
14 muhāfazāt
_______Hama
77%
Azerbaijan
66 rayonlar
_______Jabrayil
77%
Guatemala
22 departamentos
_______Jalapa
77%
Guatemala
22 departamentos
_______Jutiapa
77%
Azerbaijan
66 rayonlar
_______Kalbajar
77%
Armenia
10 marzer
SyunikKapan
77%
Tunisia
24 wilaya'at
_______Kasserine
77%
Azerbaijan
12 cities
_______Khankendi
77%
Azerbaijan
66 rayonlar
_______Khojali
77%
Azerbaijan
66 rayonlar
_______Khojavend
77%
Thailand
76 changwat
_______Khon Kaen
77%
Poland
16 województwa
ŚwiętokrzyskieKielce
77%
Azerbaijan
66 rayonlar
_______Lachin
77%
Argentina
23 provinces
_______La Rioja
77%
Syria
14 muhāfazāt
_______Latakia
77%
El Salvador
14 departamentos
_______La Unión
77%
Jamaica
14 parishes
HanoverLucea
77%
Bahamas
32 districts
AcklinsMason Bay
77%
Argentina
23 provinces
_______Mendoza
77%
Jamaica
14 parishes
Saint JamesMontego Bay
77%
Honduras
18 departamentos
ValleNacaome
77%
Azerbaijan
12 cities
_______Naftalan
77%
Thailand
76 changwat
_______Nakhon Sawan
77%
Italy
15 regioni
CampaniaNaples
77%
Azerbaijan
66 rayonlar
SamukhNebiagali
77%
Burkina Faso
13 régions
NorthOuahigouya
77%
Laos
17 khoueng
BolikhamxaiPakxan
77%
Thailand
76 changwat
_______Phetchabun
77%
Thailand
76 changwat
_______Phichit
77%
Thailand
76 changwat
_______Phitsanulok
77%
Laos
17 khoueng
XiangkhouangPhonsavan
77%
Guatemala
22 departamentos
IzabalPuerto Barrios
77%
Belize
6 districts
ToledoPunta Gorda
77%
Azerbaijan
66 rayonlar
_______Qazakh
77%
Azerbaijan
66 rayonlar
_______Qubadli
77%
Morocco
12 regions
Rabat-Salé-KéntiraRabat
77%
Guatemala
22 departamentos
Baja VerapazSalamá
77%
Belize
6 districts
CayoSan Ignacio
77%
Argentina
23 provinces
_______San Juan
77%
El Salvador
14 departamentos
_______Santa Ana
77%
Jamaica
14 parishes
WestmorelandSavanna-la-Mar
77%
Azerbaijan
66 rayonlar
_______Shamkir
77%
Azerbaijan
12 cities
_______Shusha
77%
Azerbaijan
66 rayonlar
_______Shusha
77%
El Salvador
14 departamentos
_______Sonsonate
77%
Azerbaijan
66 rayonlar
_______Tartar
77%
Algeria
58 wilayas
_______Tébessa
77%
Azerbaijan
66 rayonlar
_______Tovuz
77%
South Korea
6 gwangyeoksi
_______Ulsan
77%
Albania
12 qarqe
_______Vlorë
77%
Azerbaijan
12 cities
_______Yevlakh
77%
Azerbaijan
66 rayonlar
_______Yevlakh
77%
Guatemala
22 departamentos
_______Zacapa
77%
Azerbaijan
66 rayonlar
_______Zangilan
77%
Bahamas
32 districts
MayaguanaAbraham's Bay
76%
Qatar
8 baladiya'at
_______Al-Shahaniya
76%
South Korea
8 do
North GyeongsangAndong
76%
Iran
31 ostanha
_______Ardabil
76%
Azerbaijan
66 rayonlar
_______Astara
76%
Dominica
10 parishes
Saint PatrickBerekua
76%
Burkina Faso
13 régions
Hauts-BassinsBobo-Dioulasso
76%
Iran
31 ostanha
_______Bushehr
76%
Dominica
10 parishes
Saint DavidCastle Bruce
76%
Algeria
58 wilayas
_______Chlef
76%
Dominica
10 parishes
Saint PeterColihaut
76%
Guatemala
22 departamentos
Santa RosaCuilapa
76%
Burkina Faso
13 régions
Boucle du MouhounDédougou
76%
Vietnam
58 tỉnh
Điện BiênĐiện Biên Phủ
76%
Morocco
12 regions
Fès-MeknèsFès
76%
France
5 régions d'outre-mer
MartiniqueFort-de-France
76%
Tunisia
24 wilaya'at
_______Gafsa
76%
Burkina Faso
13 régions
SouthwestGaoua
76%
South Korea
6 gwangyeoksi
_______Gwangju
76%
South Korea
8 do
North JeollaJeonju
76%
Iran
31 ostanha
LorestanKhorramabad
76%
Burkina Faso
13 régions
Central-WestKoudougou
76%
Algeria
58 wilayas
_______Laghouat
76%
Guyana
10 regions
Barima-WainiMabaruma
76%
Qatar
8 baladiya'at
Al ShamalMadinat ash Shamal
76%
Nicaragua
15 departamentos
_______Managua
76%
Egypt
27 muhāfazāt
DakahliaMansoura
76%
Dominica
10 parishes
Saint AndrewMarigot
76%
Nicaragua
15 departamentos
_______Matagalpa
76%
Belarus
6 voblastsi
_______Mogilev
76%
Burkina Faso
13 régions
CentralOuagadougou
76%
Dominica
10 parishes
Saint LukePointe Michel
76%
Dominica
10 parishes
Saint PaulPont Cassé
76%
Dominica
10 parishes
Saint JohnPortsmouth
76%
Chile
16 regiones
O'HigginsRancagua
76%
Iran
31 ostanha
GilanRasht
76%
Ukraine
24 oblasti
_______Rivne
76%
Italy
15 regioni
LazioRome
76%
Dominica
10 parishes
Saint GeorgeRoseau
76%
Poland
16 województwa
PodkarpackieRzeszów
76%
Dominica
10 parishes
_______Saint Joseph
76%
Uruguay
19 departamentos
_______Salto
76%
Chile
16 regiones
_______Santiago
76%
Tunisia
24 wilaya'at
_______Sidi Bouzid
76%
Dominica
10 parishes
Saint MarkSoufrière
76%
Chile
16 regiones
_______Valparaíso
76%
Ghana
16 regions
Upper WestWa
76%
Laos
17 khoueng
HouaphanXam Neua
76%
Egypt
27 muhāfazāt
SharqiaZagazig
76%
Andorra
7 parishes
_______Andorra la Vella
75%
Turkey
81 il
_______Antalya
75%
Peru
25 regiones
_______Ayacucho
75%
Cambodia
24 khêt
_______Battambang
75%
Andorra
7 parishes
_______Canillo
75%
Morocco
12 regions
Casablanca-SettatCasablanca
75%
Thailand
76 changwat
_______Chanthaburi
75%
South Korea
8 do
North ChungcheongCheongju
75%
Ukraine
24 oblasti
_______Cherkasy
75%
Ukraine
24 oblasti
_______Chernihiv
75%
South Korea
8 do
GangwonChuncheon
75%
South Korea
6 gwangyeoksi
_______Daejeon
75%
Republic of the Congo
12 departments
NiariDolisie
75%
Andorra
7 parishes
_______Encamp
75%
Andorra
7 parishes
_______Escaldes-Engordany
75%
Jamaica
14 parishes
TrelawnyFalmouth
75%
Guatemala
22 departamentos
PeténFlores
75%
Tunisia
24 wilaya'at
_______Gabès
75%
North Korea
9 do
South HwanghaeHaeju
75%
Jamaica
14 parishes
Saint AndrewHalf Way Tree
75%
North Korea
9 do
South HamgyongHamhung
75%
Republic of the Congo
12 departments
KouilouHinda
75%
South Korea
8 do
South ChungcheongHongseong
75%
Peru
25 regiones
_______Huancavelica
75%
Peru
25 regiones
JunínHuancayo
75%
South Korea
6 gwangyeoksi
_______Incheon
75%
Nicaragua
15 departamentos
CarazoJinotepe
75%
North Korea
1 t'ŭkkŭpsi
_______Kaesong
75%
North Korea
9 do
ChagangKanggye
75%
Cambodia
24 khêt
Koh KongKhemarak Phoumin
75%
Ukraine
24 oblasti
_______Khmelnytskyi
75%
Jamaica
14 parishes
_______Kingston
75%
Iraq
19 muhāfazāt
_______Kirkuk
75%
Ukraine
24 oblasti
KirovohradKropyvnytskyi
75%
Finland
18 maakuntaa
North OstrobothniaKuopio
75%
Andorra
7 parishes
_______La Massana
75%
Chile
16 regiones
CoquimboLa Serena
75%
Republic of the Congo
12 departments
BouenzaMadingou
75%
Jamaica
14 parishes
ManchesterMandeville
75%
Nicaragua
15 departamentos
_______Masaya
75%
Jamaica
14 parishes
ClarendonMay Pen
75%
Tunisia
24 wilaya'at
_______Medenine
75%
Jamaica
14 parishes
Saint ThomasMorant Bay
75%
South Korea
8 do
South JeollaMuan
75%
North Korea
2 t'ŭkpyŏlsi
_______Nampo
75%
Barbados
11 parishes
Christ ChurchOistins
75%
Andorra
7 parishes
_______Ordino
75%
Cambodia
24 khêt
_______Pailin
75%
Bulgaria
28 oblasti
_______Pazardzhik
75%
Laos
17 khoueng
PhôngsaliPhongsali
75%
Republic of the Congo
12 departments
_______Pointe-Noire
75%
Colombia
32 departamentos
CaucaPopayán
75%
Jamaica
14 parishes
PortlandPort Antonio
75%
Jamaica
14 parishes
Saint MaryPort Maria
75%
North Korea
9 do
South PyonganPyongsong
75%
North Korea
1 chikhalsi
_______Pyongyang
75%
Jamaica
14 parishes
Saint AnnSaint Ann's Bay
75%
Thailand
76 changwat
_______Sa Kaeo
75%
Andorra
7 parishes
_______Sant Julià de Lòria
75%
North Korea
9 do
North HwanghaeSariwon
75%
South Korea
1 teukbyeol jachisi
_______Sejong
75%
South Korea
1 teukbyeolsi
_______Seoul
75%
Cambodia
24 khêt
Banteay MenacheySerei Saophoan
75%
Republic of the Congo
12 departments
LékoumouSibiti
75%
North Korea
9 do
North PyonganSinuiju
75%
Barbados
11 parishes
Saint PhilipSix Roads
75%
Guatemala
22 departamentos
_______Sololá
75%
Jamaica
14 parishes
Saint CatherineSpanish Town
75%
South Korea
8 do
GyeonggiSuwon
75%
Ukraine
24 oblasti
_______Ternopil
75%
Algeria
58 wilayas
_______Tissemsilt
75%
France
13 régions
OccitanieToulouse
75%
Thailand
76 changwat
_______Trat
75%
Ukraine
24 oblasti
_______Vinnytsia
75%
North Korea
9 do
KangwonWonsan
75%
Colombia
32 departamentos
CasanareYopal
75%
Turkey
81 il
_______Aksaray
74%
Colombia
1 capital
Capital DistrictBogotá
74%
Colombia
32 departamentos
CundinamarcaBogotá
74%
Angola
18 províncias
_______Cabinda
74%
Peru
25 regiones
_______Callao
74%
Peru
25 regiones
PascoCerro de Pasco
74%
Equatorial Guinea
8 provincias
DjiblohoCiudad de la Paz
74%
Myanmar
7 daysamyarr
TanintharyiDawei
74%
Equatorial Guinea
8 provincias
Central SouthEvinayong
74%
Gabon
9 provinces
Haut-OgoouéFranceville
74%
Belarus
6 voblastsi
_______Gomel
74%
Vietnam
58 tỉnh
_______Hà Tĩnh
74%
Japan
47 todōfuken
_______Hiroshima
74%
Peru
25 regiones
LimaHuacho
74%
Peru
25 regiones
_______Huánuco
74%
Peru
25 regiones
AncashHuaraz
74%
Colombia
32 departamentos
TolimaIbagué
74%
Peru
25 regiones
_______Ica
74%
Ukraine
24 oblasti
_______Ivano-Frankivsk
74%
Finland
18 maakuntaa
Northern SavoniaJoensuu
74%
Turkey
81 il
_______Konya
74%
Peru
1 provincia
_______Lima
74%
Democratic Republic of the Congo
26 provinces
Kongo CentralMatadi
74%
Angola
18 províncias
ZaireM'banza-Kongo
74%
Monaco
10 quartiers
Monte Carlo / SpéluguesMonaco
74%
Monaco
10 quartiers
Moneghetti / Boulevard de BelgiqueMonaco
74%
Monaco
10 quartiers
Monaco-VilleMonaco
74%
Monaco
10 quartiers
Saint MichelMonaco
74%
Monaco
10 quartiers
Les RévoiresMonaco
74%
Monaco
10 quartiers
Larvotto / Bas MoulinsMonaco
74%
Monaco
10 quartiers
La Rousse/ Saint RomanMonaco
74%
Monaco
10 quartiers
La CondamineMonaco
74%
Monaco
10 quartiers
La ColleMonaco
74%
Monaco
10 quartiers
FontvieilleMonaco
74%
Equatorial Guinea
8 provincias
Wele-NzasMongomo
74%
Algeria
58 wilayas
_______Mostaganem
74%
Thailand
76 changwat
_______Nakhon Ratchasima
74%
Colombia
32 departamentos
HuilaNeiva
74%
Turkey
81 il
_______Niğde
74%
Gabon
9 provinces
Woleu-NtemOyem
74%
Guatemala
22 departamentos
QuichéSanta Cruz del Quiché
74%
Finland
18 maakuntaa
South KareliaSeinäjoki
74%
Vietnam
58 tỉnh
_______Thanh Hóa
74%
Colombia
32 departamentos
MetaVillavicencio
74%
Vietnam
58 tỉnh
Nghệ AnVinh
74%
Poland
16 województwa
MasoviaWarsaw
74%
Ukraine
24 oblasti
_______Zhytomyr
74%
Ecuador
24 provincias
TungurahuaAmbato
73%
Thailand
76 changwat
_______Ang Thong
73%
Bahrain
4 muhāfazāt
SouthernAr-Rifa
73%
Ecuador
24 provincias
CañarAzogues
73%
Ecuador
24 provincias
Los RíosBabahoyo
73%
Thailand
1 capital
_______Bangkok
73%
Egypt
27 muhāfazāt
QalyubiaBanha
73%
Spain
17 comunidades autónomas
CataloniaBarcelona
73%
Moldova
3 municipiu
_______Bender
73%
Nicaragua
15 departamentos
_______Boaco
73%
Thailand
76 changwat
_______Buriram
73%
Moldova
32 raioane
_______Căușeni
73%
Cuba
16 provincias
_______Cienfuegos
73%
Ecuador
24 provincias
AzuayCuenca
73%
Ecuador
24 provincias
BolívarGuaranda
73%
Ecuador
24 provincias
GuayasGuayaquil
73%
Egypt
27 muhāfazāt
_______Kafr El Sheikh
73%
Japan
47 todōfuken
_______Kōchi
73%
Ecuador
24 provincias
CotopaxiLatacunga
73%
Poland
16 województwa
_______Łódź
73%
Thailand
76 changwat
_______Lopburi
73%
Bahrain
4 muhāfazāt
NorthernMadinat Hamad
73%
Bahrain
4 muhāfazāt
CapitalManama
73%
Algeria
58 wilayas
_______Mascara
73%
Japan
47 todōfuken
ShimaneMatsue
73%
Japan
47 todōfuken
EhimeMatsuyama
73%
Spain
2 ciudades autónomas
MellillaMelilla
73%
Bahrain
4 muhāfazāt
_______Muharraq
73%
Kenya
47 kaunti
Taita–TavetaMwatate
73%
Thailand
76 changwat
_______Nakhon Nayok
73%
Thailand
76 changwat
_______Nonthaburi
73%
Cuba
16 provincias
Isla de la JuventudNueva Gerona
73%
Thailand
76 changwat
_______Pathum Thani
73%
Thailand
76 changwat
Ayutthaya / Phra Nakhon Si AyutthayaPhra Nakhon Si Ayutthaya
73%
Thailand
76 changwat
_______Prachinburi
73%
Ecuador
24 provincias
PastazaPuyo
73%
Algeria
58 wilayas
_______Relizane
73%
Ecuador
24 provincias
ChimborazoRiobamba
73%
Cambodia
24 khêt
Oddar MeancheySamraong
73%
Thailand
76 changwat
_______Samut Prakan
73%
Thailand
76 changwat
_______Samut Sakhon
73%
Cuba
16 provincias
_______Sancti Spíritus
73%
Ecuador
24 provincias
Santo Domingo de los TsáchilasSanto Domingo de los Colorados
73%
Thailand
76 changwat
_______Saraburi
73%
Lithuania
10 apskritys
_______Šiauliai
73%
Cambodia
24 khêt
_______Siem Reap
73%
Thailand
76 changwat
_______Sing Buri
73%
Vietnam
58 tỉnh
_______Sơn La
73%
Moldova
32 raioane
_______Ștefan Vodă
73%
Iraq
19 muhāfazāt
_______Sulaymaniyah
73%
Thailand
76 changwat
_______Suphan Buri
73%
Thailand
76 changwat
_______Surin
73%
Egypt
27 muhāfazāt
GharbiaTanta
73%
Latvia
110 novadi
_______Tērvete
73%
Algeria
58 wilayas
_______Tiaret
73%
Moldova
1 unitatea teritorială
TransnistriaTiraspol
73%
Colombia
32 departamentos
BoyacáTunja
73%
Angola
18 províncias
_______Uíge
73%
Ukraine
24 oblasti
ZakarpattiaUzhhorod
73%
Latvia
110 novadi
_______Aglona
72%
Latvia
110 novadi
_______Aknīste
72%
Moldova
32 raioane
_______Anenii Noi
72%
France
5 régions d'outre-mer
GuadeloupeBasse-Terre
72%
Latvia
110 novadi
_______Bauska
72%
Vietnam
58 tỉnh
_______Bắc Giang
72%
Vietnam
58 tỉnh
_______Bắc Kạn
72%
Vietnam
58 tỉnh
_______Bắc Ninh
72%
Vietnam
58 tỉnh
_______Cao Bằng
72%
Thailand
76 changwat
_______Chachoengsao
72%
Thailand
76 changwat
_______Chai Nat
72%
Ukraine
24 oblasti
_______Chernivtsi
72%
Moldova
3 municipiu
_______Chișinău
72%
Thailand
76 changwat
_______Chonburi
72%
Thailand
76 changwat
_______Chumphun
72%
Latvia
110 novadi
_______Cibla
72%
Ukraine
24 oblasti
DnipropetrovskDnipro
72%
Algeria
58 wilayas
_______El Bayadh
72%
Ecuador
24 provincias
_______Esmeraldas
72%
Nicaragua
15 departamentos
_______Granada
72%
Vietnam
58 tỉnh
_______Hà Giang
72%
Vietnam
5 thành phố trực thuộc trung ương
_______Hà Nội
72%
Vietnam
58 tỉnh
_______Hải Dương
72%
Vietnam
5 thành phố trực thuộc trung ương
_______Hải Phòng
72%
Vietnam
58 tỉnh
Quảng NinhHạ Long
72%
Vietnam
58 tỉnh
_______Hòa Bình
72%
Vietnam
58 tỉnh
_______Hưng Yên
72%
Moldova
32 raioane
_______Ialoveni
72%
Latvia
110 novadi
_______Iecava
72%
Latvia
110 novadi
_______Ilūkste
72%
Latvia
9 republikas pilsētas
_______Jēkabpils
72%
Latvia
110 novadi
KrustpilsJēkabpils
72%
Latvia
110 novadi
_______Jēkabpils
72%
Nicaragua
15 departamentos
ChontalesJuigalpa
72%
Honduras
18 departamentos
OlanchoJuticalpa
72%
Thailand
76 changwat
_______Kanchanaburi
72%
Vietnam
58 tỉnh
_______Lai Châu
72%
Vietnam
58 tỉnh
_______Lào Cai
72%
Latvia
110 novadi
_______Līvāni
72%
Vietnam
58 tỉnh
_______Lạng Sơn
72%
Latvia
110 novadi
_______Ludza
72%
Ecuador
24 provincias
Morona SantiagoMacas
72%
Gabon
9 provinces
Ogooué-IvindoMakokou
72%
Egypt
27 muhāfazāt
_______Minya
72%
Thailand
76 changwat
_______Nakhon Pathom
72%
Vietnam
58 tỉnh
_______Nam Định
72%
Latvia
110 novadi
_______Nereta
72%
Turkey
81 il
_______Nevşehir
72%
Vietnam
58 tỉnh
_______Ninh Bình
72%
Japan
47 todōfuken
_______Okayama
72%
Algeria
58 wilayas
_______Oran
72%
Thailand
76 changwat
_______Phetchaburi
72%
Vietnam
58 tỉnh
Hà NamPhủ Lý
72%
Latvia
110 novadi
RundālePilsrundāle
72%
Ecuador
24 provincias
ManabíPortoviejo
72%
Thailand
76 changwat
_______Prachuap Khiri Khan
72%
Latvia
110 novadi
_______Preiļi
72%
Ecuador
24 provincias
PichinchaQuito
72%
Thailand
76 changwat
_______Ratchaburi
72%
Thailand
76 changwat
_______Rayong
72%
Latvia
9 republikas pilsētas
_______Rēzekne
72%
Latvia
110 novadi
_______Rēzekne
72%
Latvia
110 novadi
_______Riebiņi
72%
Nicaragua
15 departamentos
_______Rivas
72%
Algeria
58 wilayas
_______Saïda
72%
Latvia
110 novadi
_______Sala
72%
Thailand
76 changwat
_______Samut Songkhram
72%
Argentina
23 provinces
TucumánSan Miguel de Tucumán
72%
Egypt
27 muhāfazāt
MonufiaShibin El Kom
72%
Algeria
58 wilayas
_______Sidi Bel Abbès
72%
Iran
31 ostanha
East AzerbaijanTabriz
72%
Japan
47 todōfuken
KagawaTakamatsu
72%
Ecuador
24 provincias
NapoTena
72%
Vietnam
58 tỉnh
_______Thái Bình
72%
Vietnam
58 tỉnh
_______Thái Nguyên
72%
Japan
47 todōfuken
_______Tokushima
72%
Uruguay
19 departamentos
Treinta y TresTreinta y Tres
72%
Vietnam
58 tỉnh
_______Tuyên Quang
72%
Latvia
110 novadi
_______Varakļāni
72%
Latvia
110 novadi
VārkavaVecvārkava
72%
Latvia
110 novadi
_______Viesīte
72%
Latvia
110 novadi
_______Viļāni
72%
Vietnam
58 tỉnh
Vĩnh PhúcVĩnh Yên
72%
Vietnam
58 tỉnh
Phú ThọViệt Trì
72%
Vietnam
58 tỉnh
_______Yên Bái
72%
Latvia
110 novadi
_______Zilupe
72%
Egypt
27 muhāfazāt
_______Alexandria
71%
Guyana
10 regions
Pomeroon-SupenaamAnna Regina
71%
Burkina Faso
13 régions
CascadesBanfora
71%
Tanzania
31 mkoa
SimiyuBariadi
71%
Venezuela
23 estados
LaraBarquisimeto
71%
Guyana
10 regions
Cuyuni-MazaruniBartica
71%
Morocco
12 regions
Béni Mellal-KhénifraBéni Mellal
71%
Egypt
27 muhāfazāt
_______Beni Suef
71%
Uganda
134 districts
KweenBinyiny
71%
Kenya
47 kaunti
_______Bomet
71%
Uganda
134 districts
_______Bududa
71%
Uganda
134 districts
_______Bugiri
71%
Uganda
134 districts
_______Bukwa
71%
Uganda
134 districts
_______Bulambuli
71%
Kenya
47 kaunti
_______Bungoma
71%
Uganda
134 districts
_______Busia
71%
Kenya
47 kaunti
_______Busia
71%
Egypt
27 muhāfazāt
_______Cairo
71%
Nicaragua
15 departamentos
_______Chinandega
71%
Venezuela
23 estados
FalcónCoro
71%
Egypt
27 muhāfazāt
BeheiraDamanhur
71%
Kenya
47 kaunti
Uasin GishuEldoret
71%
Nicaragua
15 departamentos
_______Estelí
71%
Egypt
27 muhāfazāt
_______Faiyum
71%
Guyana
10 regions
Mahaica-BerbiceFort Wellington
71%
Egypt
27 muhāfazāt
_______Giza
71%
Suriname
10 districten
SaramaccaGroningen
71%
Venezuela
23 estados
PortuguesaGuanare
71%
Iran
31 ostanha
_______Hamadan
71%
United States
50 states
PennsylvaniaHarrisburg
71%
Kenya
47 kaunti
_______Homa Bay
71%
Kenya
47 kaunti
Elgeyo-MarakwetIten
71%
Kenya
47 kaunti
BaringoKabarnet
71%
Kenya
47 kaunti
_______Kakamega
71%
Uganda
134 districts
_______Kapchorwa
71%
Kenya
47 kaunti
West PokotKapenguria
71%
Kenya
47 kaunti
NandiKapsabet
71%
Turkey
81 il
_______Kayseri
71%
Kenya
47 kaunti
_______Kericho
71%
Turkey
81 il
_______Kırıkkale
71%
Turkey
81 il
_______Kırşehir
71%
Kenya
47 kaunti
_______Kisii
71%
Kenya
47 kaunti
_______Kisumu
71%
Kenya
47 kaunti
Trans-NzoiaKitale
71%
Cyprus
6 eparchies
_______Kyrenia
71%
Suriname
10 districten
WanicaLelydorp
71%
Nicaragua
15 departamentos
_______León
71%
Gabon
9 provinces
EstuaireLibreville
71%
Guyana
10 regions
Upper Demerara-BerbiceLinden
71%
Ecuador
24 provincias
El OroMachala
71%
Uganda
134 districts
_______Manafwa
71%
Uganda
134 districts
_______Mbale
71%
Kenya
47 kaunti
_______Migori
71%
Tanzania
31 mkoa
MaraMusoma
71%
Kenya
47 kaunti
_______Nakuru
71%
Uganda
134 districts
_______Namayingo
71%
Uganda
134 districts
_______Namisindwa
71%
China
5 zìzhìqū
GuanxiNanning
71%
Kenya
47 kaunti
_______Narok
71%
Guyana
10 regions
East Berbice-CorentyneNew Amsterdam
71%
Cyprus
6 eparchies
_______Nicosia
71%
Suriname
10 districten
NickerieNieuw-Nickerie
71%
Kenya
47 kaunti
_______Nyamira
71%
Japan
47 todōfuken
_______Ōita
71%
Poland
16 województwa
Warmia-MasuriaOlsztyn
71%
Japan
47 todōfuken
OsakaŌsaka
71%
Suriname
10 districten
_______Paramaribo
71%
Afghanistan
34 velaya'at
NuristanParun
71%
Pakistan
4 provinces
Khyber PakhtunkhwaPeshawar
71%
Argentina
23 provinces
_______Salta
71%
Venezuela
23 estados
CojedesSan Carlos
71%
Venezuela
23 estados
YaracuySan Felipe
71%
Colombia
32 departamentos
GuaviareSan José del Guaviare
71%
Ecuador
24 provincias
_______Santa Elena
71%
Kenya
47 kaunti
_______Siaya
71%
Turkey
81 il
_______Sinop
71%
Uganda
134 districts
_______Sironko
71%
Ukraine
24 oblasti
_______Sumy
71%
Uganda
134 districts
_______Tororo
71%
Suriname
10 districten
CoronieTotness
71%
Guyana
10 regions
Demerara-MahaicaTriumph
71%
Kenya
47 kaunti
_______Vihiga
71%
Guyana
10 regions
Essequibo Islands-West DemeraraVreed en Hoop
71%
Japan
47 todōfuken
_______Yamaguchi
71%
Turkey
81 il
_______Yozgat
71%
Syria
14 muhāfazāt
_______Aleppo
70%
Equatorial Guinea
8 provincias
LitoralBata
70%
Afghanistan
34 velaya'at
PanjshirBazarak
70%
Afghanistan
34 velaya'at
ParwanCharikar
70%
Turkey
81 il
_______Çorum
70%
Pakistan
1 capital
_______Islamabad
70%
Nicaragua
15 departamentos
_______Jinotega
70%
Sweden
21 län
_______Kalmar
70%
Turkey
81 il
_______Kastamonu
70%
Turkey
81 il
_______Kilis
70%
Japan
47 todōfuken
HyōgoKōbe
70%
Latvia
110 novadi
_______Krāslava
70%
Afghanistan
34 velaya'at
KapisaMahmud-i-Raqi
70%
Pakistan
1 self-administering territory
Azad Jammu and KashmirMuzaffarabad
70%
Benin
12 départements
AtakoraNatitingou
70%
Nicaragua
15 departamentos
Nueva SegoviaOcotal
70%
Lithuania
10 apskritys
_______Panevėžys
70%
Cyprus
6 eparchies
_______Paphos
70%
Ukraine
24 oblasti
_______Poltava
70%
Tajikistan
3 viloyatho
KhatlonQurghonteppa
70%
Nicaragua
15 departamentos
MadrizSomoto
70%
Turkey
81 il
_______Tokat
70%
Japan
47 todōfuken
_______Tottori
70%
Lithuania
10 apskritys
_______Utena
70%
Japan
47 todōfuken
_______Wakayama
70%
Honduras
18 departamentos
El ParaísoYuscarán
70%
Turkey
81 il
HatayAktakya
69%
Turkey
81 il
_______Amasya
69%
Turkey
81 il
_______Balıkesir
69%
Latvia
110 novadi
_______Dagda
69%
Latvia
110 novadi
_______Daugavpils
69%
Latvia
9 republikas pilsētas
_______Daugavpils
69%
Turkey
81 il
_______Denizli
69%
Morocco
12 regions
Drâa-TafilaletErrachidia
69%
Afghanistan
34 velaya'at
PaktiaGardez
69%
Georgia
9 mkhare
Shida KartliGori
69%
Ecuador
24 provincias
ImbaburaIbarra
69%
Syria
14 muhāfazāt
_______Idlib
69%
India
28 states
Arunachal PradeshItanagar
69%
Sweden
21 län
BlekingeKarlskrona
69%
Ukraine
1 misto zi spetsial'nym statusom
_______Kiev
69%
Ukraine
24 oblasti
_______Kiev
69%
Ukraine
24 oblasti
_______Lviv
69%
Morocco
12 regions
Marrakesh-SafiMarrakesh
69%
Cuba
16 provincias
_______Matanzas
69%
Colombia
32 departamentos
AntioquiaMedellín
69%
Turkey
81 il
_______Osmaniye
69%
Gabon
9 provinces
Ogooué-MaritimePort-Gentil
69%
Colombia
32 departamentos
ChocóQuibdó
69%
Turkey
81 il
_______Samsun
69%
Iran
31 ostanha
Chahar Mahaal and BakhtiariShahrekord
69%
Malta
5 reġjuni
South EasternTarxien
69%
Sweden
21 län
KronobergVäxjö
69%
Netherlands
4 landen
CuraçaoWillemstad
69%
Iran
31 ostanha
MarkaziArak
68%
Cuba
16 provincias
_______Artemisa
68%
Afghanistan
34 velaya'at
KunarAsadabad
68%
Egypt
27 muhāfazāt
_______Asyut
68%
Poland
16 województwa
PomeraniaGdańsk
68%
Cuba
16 provincias
_______Havana
68%
Afghanistan
34 velaya'at
NangarharJalalabad
68%
Afghanistan
34 velaya'at
_______Kabul
68%
Afghanistan
34 velaya'at
_______Khost
68%
Honduras
18 departamentos
AtlántidaLa Ceiba
68%
Equatorial Guinea
8 provincias
Bioko SouthLuba
68%
Poland
16 województwa
_______Lublin
68%
Equatorial Guinea
8 provincias
Bioko NorthMalabo
68%
Afghanistan
34 velaya'at
LaghmanMihtarlam
68%
Colombia
32 departamentos
PutumayoMocoa
68%
Georgia
9 mkhare
Mtskheta-MtianetiMtskheta
68%
Ecuador
24 provincias
SucumbíosNueva Loja
68%
Colombia
32 departamentos
NariñoPasto
68%
Cuba
16 provincias
_______Pinar del Río
68%
Afghanistan
34 velaya'at
LogarPul-i-Alam
68%
Argentina
23 provinces
CatamarcaSan Fernando del Valle de Catamarca
68%
Cuba
16 provincias
MayabequeSan José de las Lajas
68%
Egypt
27 muhāfazāt
_______Sohag
68%
Georgia
1 city
_______Tbilisi
68%
Ecuador
24 provincias
CarchiTulcán
68%
Bahamas
32 districts
_______Black Point
67%
Republic of the Congo
12 departments
_______Brazzaville
67%
Colombia
32 departamentos
SantanderBucaramanga
67%
India
28 states
HaryanaChandigarh
67%
India
8 union territories
_______Chandigarh
67%
India
28 states
PunjabChandigarh
67%
Bahamas
32 districts
San SalvadorCockburn Town
67%
Equatorial Guinea
8 provincias
Kié-NtemEbebiyín
67%
Cameroon
10 régions
SouthEbolowa
67%
Bahamas
32 districts
Central AndrosFresh Creek
67%
Iran
31 ostanha
GolestanGorgan
67%
Bahamas
32 districts
Central EleutheraGovernor's Harbour
67%
Bahamas
32 districts
_______Harbour Island
67%
Iran
31 ostanha
_______Isfahan
67%
Benin
12 départements
AliboriKandi
67%
Bahamas
32 districts
South AndrosKemp's Bay
67%
Bahamas
32 districts
Mangrove CayKemp's Bay
67%
Republic of the Congo
12 departments
PoolKinkala
67%
Democratic Republic of the Congo
26 provinces
_______Kinshasa
67%
India
28 states
NagalandKohima
67%
Bahamas
32 districts
Spanish WellsLower Bogue
67%
Bahamas
32 districts
Central AbacoMarsh Harbour
67%
Bahamas
32 districts
Hope TownMarsh Harbour
67%
Bahamas
1 capital area
New ProvidenceNassau
67%
Bahamas
32 districts
Berry IslandsNicholls Town
67%
Bahamas
32 districts
North AndrosNicholls Town
67%
Ecuador
24 provincias
OrellanaPuerto Francisco de Orellana
67%
Bahamas
32 districts
South EleutheraRock Sound
67%
Bahamas
32 districts
_______Rum Cay
67%
Bahamas
32 districts
South AbacoSandy Point
67%
Bahamas
32 districts
Moore's IslandSandy Point
67%
Argentina
23 provinces
_______Santiago del Estero
67%
India
28 states
Himachal PradeshShimla | Dharamshala
67%
Bahamas
32 districts
Cat IslandThe Bight
67%
Bahamas
32 districts
North EleutheraUpper Bogue
67%
Finland
18 maakuntaa
OstrobothniaVaasa
67%
Costa Rica
7 provincias
_______Alajuela
66%
Sudan
18 wilaya'at
_______Al Qadarif
66%
Iraq
19 muhāfazāt
MaysanAmarah
66%
United States
50 states
MaineAugusta
66%
Democratic Republic of the Congo
26 provinces
KwiluBandundu
66%
Cambodia
24 khêt
RatanakiriBanlung
66%
Nicaragua
2 regiones autónomas
South Carribean CoastBluefields
66%
Lesotho
10 districts
_______Butha-Buthe
66%
Chile
16 regiones
ÑubleChillán
66%
Republic of the Congo
12 departments
PlateauxDjambala
66%
Republic of the Congo
12 departments
Cuvette WestEwo
66%
Iran
31 ostanha
AlborzKaraj
66%
Democratic Republic of the Congo
26 provinces
KwangoKenge
66%
Sudan
18 wilaya'at
_______Khartoum
66%
Malaysia
3 wilayah persekutuan
_______Kuala Lumpur
66%
Afghanistan
34 velaya'at
_______Kunduz
66%
Costa Rica
7 provincias
GuanacasteLiberia
66%
Afghanistan
34 velaya'at
BalkhMazar-i-Sharif
66%
Lesotho
10 districts
_______Mokhotlong
66%
United States
50 states
VermontMontpelier
66%
Iraq
19 muhāfazāt
Dhi QarNasiriyah
66%
Afghanistan
34 velaya'at
BaghlanPuli Khumri
66%
Costa Rica
7 provincias
_______Puntarenas
66%
Malaysia
3 wilayah persekutuan
_______Putrajaya
66%
Iran
31 ostanha
_______Qom
66%
Sudan
18 wilaya'at
White NileRabak
66%
Afghanistan
34 velaya'at
_______Samangan
66%
Iraq
19 muhāfazāt
MuthannaSamawah
66%
Nicaragua
15 departamentos
Río San JuanSan Carlos
66%
São Tomé and Principe
1 autonomous region
Principe / PaguéSanto António
66%
Afghanistan
34 velaya'at
_______Sar-e Pol
66%
Iran
31 ostanha
_______Semnan
66%
Malaysia
13 negeri
Negeri SembilanSeremban
66%
Malaysia
13 negeri
SelangorShah Alam
66%
Sudan
18 wilaya'at
SennarSinga
66%
Cambodia
24 khêt
_______Stung Treng
66%
Chile
16 regiones
MauleTalca
66%
Afghanistan
34 velaya'at
TakharTaloqan
66%
Iran
31 ostanha
_______Tehran
66%
Sudan
18 wilaya'at
Al JazirahWad Madani
66%
Iran
31 ostanha
_______Zanjan
66%
Uganda
134 districts
_______Adjumani
65%
Azerbaijan
66 rayonlar
_______Agdash
65%
Uganda
134 districts
_______Amuru
65%
Uganda
134 districts
_______Arua
65%
Azerbaijan
66 rayonlar
_______Balakan
65%
Gambia
1 city
_______Banjul
65%
Gambia
5 regions
Upper RiverBasse
65%
South Africa
9 provinces
Free StateBloemfontein
65%
Gambia
5 regions
WesternBrikama
65%
Cameroon
10 régions
SouthwestBuea
65%
Vietnam
58 tỉnh
Đắk LắkBuôn Ma Thuột
65%
Colombia
32 departamentos
Valle del CaucaCali
65%
Senegal
14 régions
_______Dakar
65%
Senegal
14 régions
_______Diourbel
65%
Cameroon
10 régions
LittoralDouala
65%
Senegal
14 régions
_______Fatick
65%
India
28 states
UttarakhandGairsain | Dehradun
65%
Nepal
7 pradesh
SudurpashchimGodawari
65%
Azerbaijan
66 rayonlar
_______Goychay
65%
Uganda
134 districts
_______Gulu
65%
Sweden
21 län
VästernorrlandHärnösand
65%
Lesotho
10 districts
LeribeHlotse
65%
Gambia
5 regions
Central RiverJanjanbureh
65%
Senegal
14 régions
_______Kaffrine
65%
Senegal
14 régions
_______Kaolack
65%
Uganda
134 districts
_______Karenga
65%
Gambia
5 regions
North BankKerewan
65%
Tajikistan
1 viloyat mukhtor
Gorno-BadakhshanKhorugh
65%
Uganda
134 districts
_______Kitgum
65%
Uganda
134 districts
_______Koboko
65%
Senegal
14 régions
_______Kolda
65%
Gabon
9 provinces
Moyen-OgoouéLambaréné
65%
Uganda
134 districts
_______Lamwo
65%
Guyana
10 regions
Potaro-SiparuniMahdia
65%
Colombia
32 departamentos
CaldasManizales
65%
Gambia
5 regions
Lower RiverMansa Konko
65%
Uganda
134 districts
_______Maracha
65%
Lesotho
10 districts
_______Maseru
65%
Azerbaijan
12 cities
_______Mingachevir
65%
Tanzania
31 mkoa
KilimanjaroMoshi
65%
Uganda
134 districts
_______Moyo
65%
Uganda
134 districts
_______Obongi
65%
Azerbaijan
66 rayonlar
_______Oghuz
65%
Uganda
134 districts
Madi-OkolloOkollo
65%
Uganda
134 districts
_______Pader
65%
Argentina
23 provinces
Entre RíosParaná
65%
Colombia
32 departamentos
RisaraldaPereira
65%
Azerbaijan
66 rayonlar
_______Qakh
65%
Iran
31 ostanha
_______Qazvin
65%
Iran
31 ostanha
MazandaranSari
65%
Senegal
14 régions
_______Sédhiou
65%
Azerbaijan
66 rayonlar
_______Shaki
65%
Azerbaijan
12 cities
_______Shaki
65%
Afghanistan
34 velaya'at
JowzjanSheberghan
65%
Uzbekistan
12 viloyatlar
SurxondaryoTermez
65%
Lesotho
10 districts
BereaTeyateyaneng
65%
Lesotho
10 districts
_______Thaba-Tseka
65%
Senegal
14 régions
_______Thiès
65%
Azerbaijan
66 rayonlar
_______Ujar
65%
Uganda
134 districts
_______Yumbe
65%
Azerbaijan
66 rayonlar
_______Zaqatala
65%
Azerbaijan
66 rayonlar
_______Zardab
65%
Senegal
14 régions
_______Ziguinchor
65%
Libya
22 sha'biyat
Nuqat al KhamsZuwara
65%
United States
50 states
New YorkAlbany
64%
Colombia
32 departamentos
QuindíoArmenia
64%
Tanzania
31 mkoa
_______Arusha
64%
Vietnam
58 tỉnh
Bà Rịa–Vũng TàuBà Rịa
64%
Vietnam
58 tỉnh
Đồng NaiBiên Hòa
64%
Vietnam
58 tỉnh
_______Bến Tre
64%
Vietnam
58 tỉnh
Đồng ThápCao Lãnh
64%
Vietnam
5 thành phố trực thuộc trung ương
_______Cần Thơ
64%
Vietnam
58 tỉnh
Lâm ĐồngĐà Lạt
64%
Vietnam
58 tỉnh
Bình PhướcĐồng Xoài
64%
Afghanistan
34 velaya'at
BadakhshanFayzabad
64%
Vietnam
58 tỉnh
Đắk NôngGia Nghĩa
64%
United States
50 states
ConnecticutHartford
64%
Vietnam
5 thành phố trực thuộc trung ương
_______Hồ Chí Minh City
64%
Costa Rica
7 provincias
_______Heredia
64%
Oman
11 muhāfazāt
Ad DhahirahIbri
64%
India
28 states
RajasthanJaipur
64%
Cambodia
24 khêt
_______Kampong Cham
64%
Libya
22 sha'biyat
MurqubKhoms
64%
Cambodia
24 khêt
_______Kratié
64%
Malaysia
13 negeri
PahangKuantan
64%
Senegal
14 régions
_______Louga
64%
Vietnam
58 tỉnh
Tiền GiangMỹ Tho
64%
India
8 union territories
National Capital Territory of DelhiNew Delhi
64%
Oman
11 muhāfazāt
Ad DakhiliyahNizwa
64%
Vietnam
58 tỉnh
Bình ThuậnPhan Thiết
64%
United Kingdom
12 non-Antarctic civilian overseas territories
MontserratPlymouth | Brades
64%
South Africa
9 provinces
LimpopoPolokwane | Pietersburg
64%
Cambodia
24 khêt
_______Prey Veng
64%
Mauritania
15 régions
TrazraRosso
64%
Oman
11 muhāfazāt
Al Batinah SouthRustaq
64%
Senegal
14 régions
_______Saint-Louis
64%
Cambodia
24 khêt
MondulkiriSenmonorom
64%
Vietnam
58 tỉnh
_______Sóc Trăng
64%
Oman
11 muhāfazāt
Al Batinah NorthSohar
64%
Cambodia
24 khêt
Tbong KhmumSuong
64%
Cambodia
24 khêt
_______Svay Rieng
64%
Vietnam
58 tỉnh
Long AnTân An
64%
Vietnam
58 tỉnh
_______Tây Ninh
64%
Vietnam
58 tỉnh
Bình DươngThủ Dầu Một
64%
Vietnam
58 tỉnh
_______Trà Vinh
64%
Libya
22 sha'biyat
_______Tripoli
64%
Vietnam
58 tỉnh
_______Vĩnh Long
64%
Libya
22 sha'biyat
_______Zawiya
64%
Afghanistan
34 velaya'at
_______Bamyan
63%
Guinea-Bissau
1 sector autónomo
_______Bissau
63%
United States
50 states
MassachusettsBoston
63%
Suriname
10 districten
_______Brokopondo
63%
Afghanistan
34 velaya'at
GhorChaghcharan
63%
Saint Kitts and Nevis
2 islands
NevisCharlestown
63%
Ethiopia
2 astedader akababiwach
_______Dire Dawa
63%
Guinea-Bissau
8 regiões
OioFarim
63%
Turkey
81 il
_______Gaziantep
63%
Afghanistan
34 velaya'at
_______Ghazni
63%
Ethiopia
10 kililoch
HarariHarar
63%
Gabon
9 provinces
Ogooué-LoloKoulamoutou
63%
Afghanistan
34 velaya'at
WardakMaidan Shar
63%
Gabon
9 provinces
NgouniéMouila
63%
New Zealand
11 non-unitary regions
Hawke's BayNapier
63%
Suriname
10 districten
CommewijneNieuw-Amsterdam
63%
Afghanistan
34 velaya'at
DaykundiNili
63%
Djibouti
5 régions
_______Obock
63%
Ukraine
24 oblasti
_______Odessa
63%
Suriname
10 districten
ParaOnverwacht
63%
New Zealand
11 non-unitary regions
Manawatu-WanganuiPalmerston North
63%
United States
50 states
Rhode IslandProvidence
63%
Afghanistan
34 velaya'at
ZabulQalat
63%
Guinea-Bissau
8 regiões
BiomboQuinhámel
63%
Iran
31 ostanha
KurdistanSanandaj
63%
Ethiopia
10 kililoch
AfarSemera
63%
Afghanistan
34 velaya'at
PaktikaSharana
63%
New Zealand
11 non-unitary regions
TaranakiStratford
63%
Afghanistan
34 velaya'at
UrozganTarinkot
63%
Honduras
18 departamentos
ColónTrujillo
63%
Cameroon
10 régions
CentralYaoundé
63%
Azerbaijan
66 rayonlar
_______Agsu
62%
United Arab Emirates
7 imarat
_______Ajman
62%
Latvia
110 novadi
_______Auce
62%
Tanzania
31 mkoa
ManyaraBabati
62%
Iraq
19 muhāfazāt
_______Baghdad
62%
Iraq
19 muhāfazāt
DiyalaBaqubah
62%
Saint Kitts and Nevis
2 islands
Saint KittsBasseterre
62%
Democratic Republic of the Congo
26 provinces
IturiBunia
62%
Guinea-Bissau
8 regiões
_______Cacheu
62%
Paraguay
17 departamentos
_______Concepción
62%
United States
50 states
New HampshireConcord
62%
Latvia
110 novadi
_______Dobele
62%
Iraq
19 muhāfazāt
_______Halabja
62%
Azerbaijan
66 rayonlar
_______Imishli
62%
Azerbaijan
66 rayonlar
_______Ismailli
62%
South Africa
9 provinces
GautengJohannesburg
62%
Iran
31 ostanha
_______Kermanshah
62%
Azerbaijan
66 rayonlar
_______Khachmaz
62%
Azerbaijan
66 rayonlar
_______Khizi
62%
Uganda
134 districts
_______Kibuube
62%
Azerbaijan
66 rayonlar
_______Kurdamir
62%
Russia
22 republics
DagestanMakhachkala
62%
Guatemala
22 departamentos
SuchitepéquezMazatenango
62%
Oman
11 muhāfazāt
_______Muscat
62%
Azerbaijan
66 rayonlar
_______Qabala
62%
Azerbaijan
66 rayonlar
_______Quba
62%
Guatemala
22 departamentos
_______Quetzaltenango
62%
Azerbaijan
66 rayonlar
_______Qusar
62%
Guatemala
22 departamentos
_______Retalhuleu
62%
Brazil
26 estados
_______Rio de Janeiro
62%
Honduras
18 departamentos
Islas de la BahíaRoatán
62%
Azerbaijan
66 rayonlar
_______Saatly
62%
Paraguay
17 departamentos
_______San Pedro
62%
Azerbaijan
66 rayonlar
_______Shabran
62%
Azerbaijan
66 rayonlar
_______Shamakhi
62%
United Arab Emirates
7 imarat
_______Sharjah
62%
Azerbaijan
66 rayonlar
_______Siazan
62%
Guatemala
22 departamentos
_______Totonicapán
62%
Paraguay
17 departamentos
Presidente HayesVilla Hayes
62%
Nigeria
1 federal capital territory
_______Abuja
61%
Iraq
19 muhāfazāt
Al-QādisiyyahAl Diwaniyah
61%
Paraguay
17 departamentos
CentralAreguá
61%
Paraguay
1 capital
Distrito CapitalAsunción
61%
Belize
6 districts
BelizeBelize City
61%
Paraguay
17 departamentos
CordilleraCaacupé
61%
Paraguay
17 departamentos
_______Caazapá
61%
Paraguay
17 departamentos
Alto ParanáCiudad del Este
61%
Paraguay
17 departamentos
CaaguazúCoronel Oviedo
61%
Paraguay
17 departamentos
ItapúaEncarnación
61%
Argentina
23 provinces
_______Formosa
61%
France
5 collectivités d'outre-mer
Saint-BarthélemyGustavia
61%
Azerbaijan
66 rayonlar
_______Hajiqabul
61%
New Zealand
11 non-unitary regions
WaikatoHamilton
61%
Iraq
19 muhāfazāt
BabilHillah
61%
Iran
31 ostanha
_______Ilam
61%
Turkey
81 il
_______Kahramanmaraş
61%
Cambodia
24 khêt
_______Kampong Chhnang
61%
Iraq
19 muhāfazāt
_______Karbala
61%
Iraq
19 muhāfazāt
WasitKut
61%
Nigeria
36 states
NasarawaLafia
61%
Eswatini
4 tifundza
_______Manzini
61%
France
5 collectivités d'outre-mer
Saint-MartinMarigot
61%
Eswatini
4 tifundza
HhohhoMbabane
61%
South Africa
9 provinces
MpumalangaMbombela | Nelspruit
61%
Nigeria
36 states
NigerMinna
61%
Iraq
19 muhāfazāt
_______Najaf
61%
Russia
4 autonomous okrugs
NenetsNaryan-Mar
61%
Eswatini
4 tifundza
ShiselweniNhlangano
61%
Paraguay
17 departamentos
_______Paraguarí
61%
Paraguay
17 departamentos
AmambayPedro Juan Caballero
61%
Netherlands
4 landen
Saint MaartenPhilipsburg
61%
Cambodia
1 autonomous municipality
_______Phnom Penh
61%
Paraguay
17 departamentos
ÑeembucúPilar
61%
Argentina
23 provinces
MisionesPosadas
61%
Azerbaijan
66 rayonlar
_______Sabirabad
61%
Paraguay
17 departamentos
CanindeyúSalto del Guairá
61%
Paraguay
17 departamentos
MisionesSan Juan Bautista
61%
Brazil
26 estados
_______São Paulo
61%
Eswatini
4 tifundza
LubomboSiteki
61%
Cambodia
24 khêt
Kampong ThomSteung Saen
61%
Tanzania
31 mkoa
_______Tanga
61%
United Kingdom
12 non-Antarctic civilian overseas territories
AnguillaThe Valley
61%
Paraguay
17 departamentos
GuairáVillarrica
61%
Indonesia
34 provinsi
LampungBandar Lampung
60%
Indonesia
34 provinsi
West JavaBandung
60%
Nigeria
36 states
_______Bauchi
60%
Vietnam
58 tỉnh
_______Bạc Liêu
60%
China
4 zhíxiáshì
_______Beijing
60%
Vietnam
58 tỉnh
_______Cà Mau
60%
Cambodia
24 khêt
Kampong SpeuChbar Mon
60%
Tanzania
31 mkoa
_______Dar es Salaam
60%
Cambodia
24 khêt
TakéoDoun Kaev
60%
Nigeria
36 states
JigawaDutse
60%
Indonesia
34 provinsi
_______Jakarta
60%
China
22 shěng
ShandongJinan
60%
Cambodia
24 khêt
_______Kampot
60%
Cambodia
24 khêt
_______Kep
60%
Tanzania
31 mkoa
PwaniKibaha
60%
Kenya
47 kaunti
_______Kitui
60%
Tanzania
31 mkoa
Zanzibar SouthKoani
60%
Vietnam
58 tỉnh
An GiangLong Xuyên
60%
Kenya
47 kaunti
_______Machakos
60%
Tanzania
31 mkoa
Zanzibar NorthMkokotoni
60%
Tanzania
31 mkoa
_______Morogoro
60%
Vietnam
58 tỉnh
Gia LaiPleiku
60%
Vietnam
58 tỉnh
Kiên GiangRạch Giá
60%
Indonesia
34 provinsi
BantenSerang
60%
China
22 shěng
HebeiShijiazhuang
60%
Cambodia
24 khêt
_______Sihanoukville
60%
Cambodia
24 khêt
KandalTa Khmau
60%
Cambodia
24 khêt
Preah VihearTbaeng Meanchey
60%
China
4 zhíxiáshì
_______Tianjin
60%
Vietnam
58 tỉnh
Hậu GiangVị Thanh
60%
Kenya
47 kaunti
MakueniWote
60%
Tanzania
31 mkoa
Zanzibar Urban WestZanzibar
60%
Oman
11 muhāfazāt
_______Al Buraymi
59%
Nigeria
36 states
AnambraAwka
59%
Antigua and Barbuda
6 parishes
Saint MaryBolands
59%
Australia
3 territories
Australian Capital TerritoryCanberra
59%
Nigeria
36 states
_______Enugu
59%
Antigua and Barbuda
6 parishes
Saint PaulFalmouth
59%
Antigua and Barbuda
6 parishes
Saint PhilipFreetown
59%
United Arab Emirates
7 imarat
_______Fujairah
59%
Nigeria
36 states
ZamfaraGusau
59%
Kenya
47 kaunti
Tana RiverHola
59%
Guatemala
22 departamentos
_______Huehuetenango
59%
Nigeria
36 states
PlateauJos
59%
Nigeria
36 states
_______Kaduna
59%
Nigeria
36 states
_______Kano
59%
Oman
11 muhāfazāt
MusandamKhasab
59%
Antigua and Barbuda
6 parishes
Saint PeterParham
59%
Antigua and Barbuda
6 parishes
Saint GeorgePiggotts
59%
Iraq
19 muhāfazāt
Al AnbarRamadi
59%
United Arab Emirates
7 imarat
_______Ras al-Khaimah
59%
Antigua and Barbuda
6 parishes
Saint JohnSaint John's
59%
Guatemala
22 departamentos
_______San Marcos
59%
Australia
6 states
New South WalesSydney
59%
Iraq
19 muhāfazāt
SaladinTikrit
59%
United Arab Emirates
7 imarat
_______Umm al-Quwain
59%
Armenia
1 autonomous city
_______Yerevan
59%
Nigeria
36 states
EbonyiAbakaliki
58%
Ethiopia
10 kililoch
OromiaAddis Ababa
58%
Ethiopia
2 astedader akababiwach
_______Addis Ababa
58%
Uganda
134 districts
KwaniaAduku
58%
Uganda
134 districts
_______Alebtong
58%
Uganda
134 districts
_______Amolatar
58%
Uganda
134 districts
_______Apac
58%
Nigeria
36 states
DeltaAsaba
58%
Uganda
134 districts
RwamparaBugamba
58%
Uganda
134 districts
_______Buhweju
58%
Tanzania
31 mkoa
KageraBukoba
58%
Uganda
134 districts
_______Bushenyi
58%
Uganda
134 districts
_______Dokolo
58%
Kenya
47 kaunti
_______Embu
58%
Uganda
134 districts
_______Ibanda
58%
Uganda
134 districts
_______Isingiro
58%
Uganda
134 districts
_______Kaberamaido
58%
Kenya
47 kaunti
_______Kajiado
58%
Uganda
134 districts
_______Kayunga
58%
Papua New Guinea
20 provinces
GulfKerema
58%
Kenya
47 kaunti
KirinyagaKerugoya | Kutus
58%
Kenya
47 kaunti
_______Kiambu
58%
Uganda
134 districts
SheemaKibingo
58%
Uganda
134 districts
_______Kiruhura
58%
Uganda
134 districts
_______Kole
58%
Uganda
134 districts
_______Kyotera
58%
Papua New Guinea
20 provinces
MorobeLae
58%
Philippines
16 rehiyong pampangasiwaan
BicolLegazpi
58%
Uganda
134 districts
_______Lira
58%
Uganda
134 districts
_______Lyantonde
58%
Uganda
134 districts
_______Mbarara
58%
Uganda
134 districts
_______Mitooma
58%
Uganda
134 districts
RukigaMparo
58%
Uganda
134 districts
KitagwendaNtara
58%
Uganda
134 districts
_______Ntungamo
58%
Uganda
134 districts
_______Oyam
58%
Uganda
134 districts
_______Rakai
58%
Uganda
134 districts
_______Rubirizi
58%
Uganda
134 districts
_______Rukungiri
58%
Vietnam
58 tỉnh
Phú YênTuy Hòa
58%
Nigeria
36 states
AbiaUmuahia
58%
Uganda
134 districts
_______Abim
57%
Yemen
21 muhāfazāt
_______Aden
57%
Nigeria
36 states
EkitiAdo Ekiti
57%
Uganda
134 districts
_______Agago
57%
India
28 states
TripuraAgartala
57%
Nigeria
36 states
OndoAkure
57%
Uganda
134 districts
_______Amuria
57%
Philippines
16 rehiyong pampangasiwaan
CordilleraBaguio
57%
Bangladesh
8 bibhag
_______Barishal
57%
Brazil
26 estados
Minas GeraisBelo Horizonte
57%
Nigeria
36 states
EdoBenin City
57%
Azerbaijan
66 rayonlar
_______Bilasuvar
57%
Uganda
134 districts
_______Bukomansimbi
57%
Uganda
134 districts
_______Buliisa
57%
Uganda
134 districts
_______Bundibugyo
57%
Uganda
134 districts
_______Butambala
57%
Rwanda
5 intara
NorthernByumba
57%
Philippines
16 rehiyong pampangasiwaan
CalabarzonCalamba
57%
Philippines
16 rehiyong pampangasiwaan
Southwestern Tagalog / MimaropaCalapan
57%
Bangladesh
8 bibhag
_______Chittagong
57%
Argentina
23 provinces
_______Corrientes
57%
Bangladesh
8 bibhag
_______Dhaka
57%
Tanzania
31 mkoa
_______Dodoma
57%
Mongolia
21 aimags
OrkhonErdenet
57%
Uganda
134 districts
KabaroleFort Portal
57%
Tanzania
31 mkoa
_______Geita
57%
Azerbaijan
66 rayonlar
_______Gobustan
57%
Uganda
134 districts
_______Gomba
57%
Uganda
134 districts
_______Hoima
57%
Kenya
47 kaunti
_______Isiolo
57%
Azerbaijan
66 rayonlar
_______Jalilabad
57%
Uganda
134 districts
_______Kaabong
57%
Uganda
134 districts
_______Kabale
57%
Uganda
134 districts
_______Kagadi
57%
Uganda
134 districts
_______Kakumiro
57%
Uganda
134 districts
_______Kalangala
57%
Uganda
134 districts
_______Kalungu
57%
Uganda
1 capital
_______Kampala
57%
Uganda
134 districts
_______Kamwenge
57%
Uganda
134 districts
_______Kanungu
57%
Uganda
134 districts
_______Kapelebyong
57%
Uganda
134 districts
_______Kasanda
57%
Uganda
134 districts
_______Kasese
57%
Kenya
47 kaunti
Tharaka-NithiKathwana
57%
Bangladesh
8 bibhag
_______Khulna
57%
Uganda
134 districts
_______Kibaale
57%
Uganda
134 districts
BunyangabuKibiito
57%
Uganda
134 districts
_______Kiboga
57%
Rwanda
5 intara
_______Kigali
57%
Uganda
134 districts
_______Kiryandongo
57%
Uganda
134 districts
_______Kisoro
57%
Uganda
134 districts
_______Kotido
57%
Uganda
134 districts
_______Kyegegwa
57%
Uganda
134 districts
_______Kyenjojo
57%
Yemen
21 muhāfazāt
_______Lahij
57%
Uganda
134 districts
_______Lwengo
57%
South Africa
9 provinces
North WestMahikeng
57%
Philippines
16 rehiyong pampangasiwaan
National CapitalManila
57%
Kenya
47 kaunti
SamburuMaralal
57%
Uganda
134 districts
_______Masaka
57%
Uganda
134 districts
_______Masindi
57%
Kenya
47 kaunti
_______Meru
57%
Uganda
134 districts
_______Mityana
57%
Uganda
134 districts
_______Mpigi
57%
Uganda
134 districts
_______Mubende
57%
Uganda
134 districts
_______Mukono
57%
Kenya
47 kaunti
_______Murang'a
57%
Tanzania
31 mkoa
_______Mwanza
57%
Kenya
47 kaunti
_______Nairobi
57%
Uganda
134 districts
_______Nakaseke
57%
Uganda
134 districts
_______Nebbi
57%
Uganda
134 districts
_______Ntoroko
57%
Uganda
134 districts
_______Nwoya
57%
Kenya
47 kaunti
_______Nyeri
57%
Kenya
47 kaunti
NyandaruaOl Kalou
57%
Uganda
134 districts
_______Otuke
57%
Uganda
134 districts
_______Pakwach
57%
Uganda
134 districts
OmoroPalenga
57%
Argentina
23 provinces
ChacoResistencia
57%
Uganda
134 districts
_______Rubanda
57%
Kenya
47 kaunti
LaikipiaRumuruti
57%
Rwanda
5 intara
EasternRwamagana
57%
Azerbaijan
66 rayonlar
_______Salyan
57%
Philippines
16 rehiyong pampangasiwaan
Central LuzonSan Fernando
57%
Philippines
16 rehiyong pampangasiwaan
IlocosSan Fernando
57%
Azerbaijan
12 cities
_______Shirvan
57%
Uganda
134 districts
_______Ssembabule
57%
Azerbaijan
12 cities
_______Sumqayit
57%
Lithuania
10 apskritys
_______Telšiai
57%
Philippines
16 rehiyong pampangasiwaan
Cagayan ValleyTuguegarao
57%
Uganda
134 districts
_______Wakiso
57%
Azerbaijan
66 rayonlar
AbsheronXirdalan
57%
Uganda
134 districts
_______Zombo
57%
Yemen
21 muhāfazāt
_______Al Bayda
56%
Yemen
21 muhāfazāt
_______Al Hudaydah
56%
Eritrea
6 zoba
Southern Red SeaAsseb
56%
Thailand
76 changwat
_______Chiang Mai
56%
Yemen
21 muhāfazāt
_______Dhale
56%
Yemen
21 muhāfazāt
_______Dhamar
56%
Germany
16 Länder
North Rhine-WestphaliaDüsseldorf
56%
Botswana
7 urban districts
_______Gaborone
56%
Kenya
47 kaunti
_______Garissa
56%
Yemen
21 muhāfazāt
_______Ibb
56%
Botswana
7 urban districts
_______Jwaneng
56%
Botswana
10 rural districts
SouthernKanye
56%
Kenya
47 kaunti
_______Kilifi
56%
India
28 states
West BengalKolkata
56%
Kenya
47 kaunti
_______Kwale
56%
Thailand
76 changwat
_______Lampang
56%
Thailand
76 changwat
_______Lamphun
56%
Botswana
7 urban districts
_______Lobatse
56%
Nigeria
36 states
KogiLokoja
56%
Uruguay
19 departamentos
Cerro LargoMelo
56%
Belarus
6 voblastsi
_______Minsk
56%
Belarus
1 capital
_______Minsk
56%
Botswana
10 rural districts
KgatlengMochudi
56%
Botswana
10 rural districts
KwenengMolepolole
56%
Kenya
47 kaunti
_______Mombasa
56%
Nigeria
36 states
OsunOshogbo
56%
Indonesia
34 provinsi
RiauPekanbaru
56%
Vietnam
58 tỉnh
Ninh ThuậnPhan Rang–Tháp Chàm
56%
Botswana
10 rural districts
South-EastRamotswa
56%
Yemen
21 muhāfazāt
_______Raymah
56%
United States
50 states
VirginiaRichmond
56%
Libya
22 sha'biyat
_______Sirte
56%
Yemen
21 muhāfazāt
_______Taiz
56%
Tunisia
24 wilaya'at
_______Tataouine
56%
Belarus
6 voblastsi
_______Vitebsk
56%
New Zealand
11 non-unitary regions
_______Wellington
56%
Tanzania
31 mkoa
Pemba NorthWete
56%
Yemen
21 muhāfazāt
AbyanZinjibar
56%
Malaysia
13 negeri
KedahAlor Setar
55%
Libya
22 sha'biyat
JafaraAziziya
55%
Italy
15 regioni
CalabriaCatanzaro
55%
Tanzania
31 mkoa
Pemba SouthChake-Chake
55%
New Zealand
11 non-unitary regions
CanterburyChristchurch
55%
Mexico
31 estados
SinaloaCuliacán
55%
Malaysia
13 negeri
PenangGeorge Town
55%
Libya
22 sha'biyat
Jabal al GharbiGharyan
55%
New Zealand
11 non-unitary regions
West CoastGreymouth
55%
Sri Lanka
9 provinces
NorthernJaffna
55%
Malaysia
13 negeri
JohorJohor Bahru
55%
Malaysia
13 negeri
PerlisKangar
55%
Malaysia
13 negeri
Melaka / MalaccaMalacca
55%
Libya
22 sha'biyat
_______Nalut
55%
Vietnam
58 tỉnh
Khánh HòaNha Trang
55%
Colombia
32 departamentos
San Andrés and ProvidenciaSan Andrés
55%
Singapore
5 districts
South WestSingapore
55%
Singapore
5 districts
South EastSingapore
55%
Singapore
5 districts
CentralSingapore
55%
Singapore
5 districts
North EastSingapore
55%
Singapore
5 districts
North WestSingapore
55%
Indonesia
34 provinsi
Riau IslandsTanjungpinang
55%
United States
1 federal district
_______Washington DC
55%
Turkmenistan
5 welaýatlar
BalkanBalkanabat
54%
New Zealand
5 unitary authorities
MarlboroughBlenheim
54%
United States
4 unincorporated organized territories
United States Virgin IslandsCharlotte Amalie
54%
Mongolia
21 aimags
Darkhan-UulDarkhan
54%
Nigeria
36 states
BenueMakurdi
54%
Libya
22 sha'biyat
_______Misrata
54%
New Zealand
5 unitary authorities
_______Nelson
54%
New Zealand
5 unitary authorities
TasmanRichmond
54%
United Kingdom
12 non-Antarctic civilian overseas territories
British Virgin IslandsRoad Town
54%
Mongolia
21 aimags
SelengeSükhbaatar
54%
Bolivia
9 departamentos
_______Cochabamba
53%
Malaysia
13 negeri
PerakIpoh
53%
Thailand
76 changwat
_______Yala
53%
United States
50 states
MarylandAnnapolis
52%
Peru
25 regiones
_______Arequipa
52%
Antigua and Barbuda
2 dependencies
BarbudaCodrington
52%
Nigeria
36 states
YobeDamaturu
52%
United States
50 states
DelawareDover
52%
Russia
22 republics
ChechnyaGrozny
52%
India
28 states
ManipurImphal
52%
Indonesia
34 provinsi
North SumatraMedan
52%
Peru
25 regiones
_______Puno
52%
United States
50 states
North CarolinaRaleigh
52%
Georgia
2 avt'onomiuri resp'ublik'a
AbkhaziaSukhumi
52%
Russia
46 oblasts
NovgorodVeliky Novgorod
52%
Georgia
9 mkhare
Samegreol-Zemo SvanetiZugdidi
52%
India
28 states
MizoramAizawl
51%
Georgia
9 mkhare
Racha-Lechkhumi and Kvemo SvanetiAmbrolauri
51%
New Zealand
5 unitary authorities
_______Auckland
51%
Russia
22 republics
Karachay-CherkessiaCherkessk
51%
Maldives
17 atolls
Haa AlifDidhdhoo
51%
Maldives
17 atolls
BaaEydhafushi
51%
Maldives
17 atolls
VaavuFelidhoo
51%
Maldives
17 atolls
LaamuFonadhoo
51%
Maldives
17 atolls
ShaviyaniFunadhoo
51%
New Zealand
5 unitary authorities
Gisborne / East CapeGisborne
51%
Malaysia
13 negeri
TerengganuKuala Terengganu
51%
Maldives
17 atolls
DhaaluKudahuvadhoo
51%
Maldives
4 cities
Haa DhaaluKulhudhuffushi
51%
Georgia
9 mkhare
ImeretiKutaisi
51%
Russia
22 republics
IngushetiaMagas
51%
Maldives
17 atolls
Alif DhaalMahibadhoo
51%
Maldives
4 cities
_______Malé
51%
Maldives
17 atolls
NoonuManadhoo
51%
Maldives
17 atolls
MeemuMuli
51%
Maldives
17 atolls
LhaviyaniNaifaru
51%
Russia
22 republics
Kabardino-BalkariaNalchik
51%
Thailand
76 changwat
_______Narathiwat
51%
Maldives
17 atolls
FaafuNilandhoo
51%
Maldives
17 atolls
Alif AlifRasdhoo
51%
Georgia
9 mkhare
Kvemo KartliRustavi
51%
Georgia
9 mkhare
KakhetiTelavi
51%
Maldives
17 atolls
KaafuThulusdhoo
51%
Maldives
17 atolls
RaaU'ngoofaaru
51%
Maldives
17 atolls
ThaaVeymandoo
51%
Maldives
17 atolls
Gaafu AlifVillingili
51%
Russia
22 republics
North Ossetia-AlaniaVladikavkaz
51%
New Zealand
11 non-unitary regions
Bay of PlentyWhakatāne
51%
New Zealand
11 non-unitary regions
NorthlandWhangārei
51%
Djibouti
5 régions
_______Ali Sabieh
50%
Uganda
134 districts
_______Amudat
50%
Djibouti
5 régions
_______Arta
50%
Azerbaijan
12 cities
_______Baku
50%
Somalia
18 gobolada
AwdalBorama
50%
Uganda
134 districts
_______Buikwe
50%
Uganda
134 districts
_______Bukedea
50%
Mongolia
21 aimags
_______Bulgan
50%
Somalia
18 gobolada
TogdheerBurao
50%
Uganda
134 districts
BugweriBusesa
50%
Uganda
134 districts
_______Butebo
50%
Uganda
134 districts
_______Buvuma
50%
Uganda
134 districts
_______Buyende
50%
Taiwan
13 xiàn
_______Changhua
50%
Taiwan
3 shì
_______Chiayi
50%
Djibouti
5 régions
_______Dikhil
50%
Djibouti
1 city
_______Djibouti
50%
Taiwan
13 xiàn
YunlinDouliu
50%
China
22 shěng
FujianFuzhou
50%
Myanmar
7 pyinaalmyarr
ChinHakha
50%
Somalia
18 gobolada
Woqooyi Galbeed / Maroodi JeexHargeisa
50%
Taiwan
3 shì
_______Hsinchu
50%
Taiwan
13 xiàn
_______Hualien
50%
Uganda
134 districts
_______Iganga
50%
Taiwan
13 xiàn
KinmenJincheng
50%
Uganda
134 districts
_______Jinja
50%
Uganda
134 districts
_______Kaliro
50%
Uganda
134 districts
_______Kamuli
50%
Taiwan
6 zhíxiáshì
_______Kaohsiung
50%
Uganda
134 districts
_______Katakwi
50%
Uganda
134 districts
_______Kazo
50%
Taiwan
3 shì
_______Keelung
50%
Uganda
134 districts
_______Kibuku
50%
Malaysia
13 negeri
KelantanKota Bharu
50%
Uganda
134 districts
_______Kumi
50%
Uganda
134 districts
_______Kyankwanzi
50%
Azerbaijan
66 rayonlar
_______Lankaran
50%
Azerbaijan
12 cities
_______Lankaran
50%
Azerbaijan
66 rayonlar
_______Lerik
50%
Uganda
134 districts
_______Luuka
50%
Uganda
134 districts
_______Luweero
50%
Taiwan
13 xiàn
PenghuMagong
50%
Azerbaijan
66 rayonlar
_______Masally
50%
Uganda
134 districts
_______Mayuge
50%
Taiwan
13 xiàn
_______Miaoli
50%
Tanzania
31 mkoa
_______Mtwara
50%
Uganda
134 districts
_______Nakapiripirit
50%
Uganda
134 districts
_______Nakasongola
50%
Uganda
134 districts
_______Namutumba
50%
Taiwan
13 xiàn
LienchiangNangan
50%
Taiwan
13 xiàn
_______Nantou
50%
Uganda
134 districts
_______Napak
50%
Azerbaijan
66 rayonlar
_______Neftchala
50%
Taiwan
6 zhíxiáshì
_______New Taipei
50%
Uganda
134 districts
_______Ngora
50%
Uganda
134 districts
_______Pallisa
50%
Taiwan
13 xiàn
_______Pingtung
50%
Uganda
134 districts
_______Serere
50%
Uganda
134 districts
_______Soroti
50%
Djibouti
5 régions
TadjourahTadjoura
50%
Taiwan
13 xiàn
ChiayiTaibao
50%
Taiwan
6 zhíxiáshì
_______Taichung
50%
Taiwan
6 zhíxiáshì
_______Tainan
50%
Taiwan
6 zhíxiáshì
_______Taipei
50%
Taiwan
13 xiàn
_______Taitung
50%
Kyrgyzstan
7 oblasttar
_______Talas
50%
Taiwan
6 zhíxiáshì
_______Taoyuan
50%
Bolivia
9 departamentos
BeniTrinidad
50%
Azerbaijan
66 rayonlar
_______Yardymli
50%
Taiwan
13 xiàn
_______Yilan
50%
Taiwan
13 xiàn
HsinchuZhubei
50%
Kazakhstan
14 oblys
MangystauAktau
49%
Yemen
21 muhāfazāt
Al JawfAl Hazm
49%
Yemen
21 muhāfazāt
_______Al Mahwit
49%
Madagascar
22 faritra
Alaotra-MangoroAmbatondrazaka
49%
Madagascar
22 faritra
Amoron'i ManiaAmbositra
49%
Yemen
21 muhāfazāt
'AmranAmran
49%
Madagascar
22 faritra
AnalamangaAntananarivo | Renivohitra
49%
Madagascar
22 faritra
VakinankaratraAntsirabe
49%
Yemen
21 muhāfazāt
ShabwahAtaq
49%
Uganda
134 districts
_______Budaka
49%
Uganda
134 districts
_______Butaleja
49%
Angola
18 províncias
BengoCaxito
49%
Madagascar
22 faritra
AnalanjirofoFenoarivo Atsinanana
49%
Madagascar
22 faritra
Matsiatra AmbonyFianarantsoa
49%
Japan
47 todōfuken
_______Fukuoka
49%
Yemen
21 muhāfazāt
_______Hajjah
49%
Japan
47 todōfuken
_______Kumamoto
49%
Tanzania
31 mkoa
_______Lindi
49%
Angola
18 províncias
_______Luanda
49%
Uganda
134 districts
_______Lusot
49%
Madagascar
22 faritra
BetsibokaMaevatanana
49%
Madagascar
22 faritra
BoenyMahajanga
49%
Madagascar
22 faritra
MelakyMaintirano
49%
Madagascar
22 faritra
Vatovavy-FitovinanyManakara
49%
Yemen
21 muhāfazāt
_______Ma'rib
49%
Madagascar
22 faritra
ItasyMiarinarivo
49%
Madagascar
22 faritra
MenabeMorondava
49%
Uganda
134 districts
_______Moroto
49%
Uganda
134 districts
_______Nabilatuk
49%
Bolivia
9 departamentos
_______Oruro
49%
Japan
47 todōfuken
_______Saga
49%
Yemen
1 city
_______Sana'a
49%
Yemen
21 muhāfazāt
Amanat Al AsimahSana'a
49%
Madagascar
22 faritra
AtsinananaToamasina
49%
Madagascar
22 faritra
BongolavaTsiroanomandidy
49%
Mexico
31 estados
ChiapasTuxtla Gutiérrez
49%
Uzbekistan
12 viloyatlar
_______Andijan
48%
Chile
16 regiones
Arica and ParinacotaArica
48%
Iran
31 ostanha
HormozgānBandar Abbas
48%
Thailand
76 changwat
_______Chiang Rai
48%
Uzbekistan
12 viloyatlar
_______Fergana
48%
Bolivia
9 departamentos
_______La Paz
48%
Myanmar
7 pyinaalmyarr
KayahLoikaw
48%
Thailand
76 changwat
_______Mae Hong Son
48%
Peru
25 regiones
_______Moquegua
48%
Japan
47 todōfuken
_______Nagasaki
48%
Uzbekistan
12 viloyatlar
_______Namangan
48%
Angola
18 províncias
Cuanza NorteN'dalatando
48%
Angola
18 províncias
Cuanza SulSumbe
48%
Peru
25 regiones
_______Tacna
48%
Venezuela
23 estados
_______Trujillo
48%
Venezuela
23 estados
_______Barinas
47%
Spain
3 plazas menores de soberanía
Islas ChafarinasIsla Isabel II
47%
Ukraine
24 oblasti
_______Kherson
47%
Kazakhstan
14 oblys
AkmolaKokshetau
47%
Angola
18 províncias
_______Malanje
47%
Ukraine
24 oblasti
_______Mykolaiv
47%
United States
50 states
WashingtonOlympia
47%
Morocco
12 regions
Oriental / EasternOujda
47%
United States
50 states
OregonSalem
47%
Argentina
23 provinces
_______Santa Fe
47%
Canada
10 provinces
British ColumbiaVictoria
47%
Sudan
18 wilaya'at
River NileAd Damir
46%
Sri Lanka
9 provinces
North CentralAnuradhapura
46%
Sri Lanka
9 provinces
UvaBadulla
46%
Ethiopia
10 kililoch
AmharaBahir Dar
46%
Sri Lanka
9 provinces
WesternColombo
46%
Sudan
18 wilaya'at
North KordofanEl Obeid
46%
Sri Lanka
9 provinces
SouthernGalle
46%
Kyrgyzstan
7 oblasttar
_______Jalal-Abad
46%
Ethiopia
10 kililoch
SomaliJijiga
46%
Sri Lanka
9 provinces
CentralKandy
46%
Sudan
18 wilaya'at
_______Kassala
46%
Sri Lanka
9 provinces
North WesternKurunegala
46%
Kyrgyzstan
2 šaarlar
_______Osh
46%
Kyrgyzstan
7 oblasttar
_______Osh
46%
Thailand
76 changwat
_______Phayao
46%
Sri Lanka
9 provinces
SabaragamuwaRatnapura
46%
Kazakhstan
14 oblys
JambylTaraz
46%
Sri Lanka
9 provinces
EasternTrincomalee
46%
Algeria
58 wilayas
_______Aïn Témouchent
45%
Bahamas
32 districts
BiminiAlice Town
45%
United States
50 states
GeorgiaAtlanta
45%
Kyrgyzstan
7 oblasttar
_______Batken
45%
France
13 régions
Nouvelle-AquitaineBordeaux
45%
Bahamas
32 districts
Grand CayCooper's Town
45%
Bahamas
32 districts
North AbacoCooper's Town
45%
Bahamas
32 districts
Green Turtle CayCooper's Town
45%
Bahamas
32 districts
West Grand BahamaEight Mile Rock
45%
Bahamas
32 districts
City of FreeportFreeport
45%
Uzbekistan
12 viloyatlar
SirdaryoGuliston
45%
China
22 shěng
ZhejiangHangzhou
45%
Ethiopia
10 kililoch
SidamaHawassa
45%
Ethiopia
10 kililoch
Southern Nations, Nationalities, and PeoplesHawassa
45%
Bahamas
32 districts
East Grand BahamaHigh Rock
45%
Saudi Arabia
13 manaţiq
JizanJazan
45%
Tajikistan
3 viloyatho
SughdKhujand
45%
Mexico
31 estados
Baja California SurLa Paz
45%
Chad
23 régions
Chari-BaguirmiMassenya
45%
United States
50 states
AlabamaMontgomery
45%
Saudi Arabia
13 manaţiq
_______Najran
45%
China
22 shěng
JiangsuNanjing
45%
Chad
23 régions
_______N'Djamena
45%
China
4 zhíxiáshì
_______Shanghai
45%
India
28 states
KeralaThiruvananthapuram
45%
Algeria
58 wilayas
_______Tlemcen
45%
Iran
31 ostanha
KhuzestanAhvaz
44%
Mongolia
21 aimags
ÖvörkhangaiArvaikheer
44%
Laos
17 khoueng
BokèoBan Houayxay
44%
Chad
23 régions
Mayo-Kebbi EastBongor
44%
Nigeria
36 states
Cross RiverCalabar
44%
Zimbabwe
8 provinces
Mashonaland WestChinhoyi
44%
Mongolia
21 aimags
GovisümberChoir
44%
India
8 union territories
Dadra and Nagar Haveli and Daman and DiuDaman
44%
Niger
7 régions
_______Diffa
44%
Tajikistan
3 viloyatho
Districts of Republican SubordinationDushanbe
44%
Tajikistan
1 capital
_______Dushanbe
44%
Algeria
58 wilayas
_______El Oued
44%
Zimbabwe
2 cities
_______Harare
44%
South Sudan
10 states
Central EquatoriaJuba
44%
Zimbabwe
8 provinces
Matabeleland NorthLupane
44%
Nigeria
36 states
BornoMaiduguri
44%
Mongolia
21 aimags
DundgoviMandalgovi
44%
Cameroon
10 régions
Far NorthMaroua
44%
India
28 states
MaharashtraMumbai | Nagpur
44%
Uzbekistan
12 viloyatlar
TashkentNurafshon
44%
Mongolia
21 aimags
KhentiiÖndörkhaan
44%
Yemen
21 muhāfazāt
_______Sa'dah
44%
Uzbekistan
1 capital
_______Tashkent
44%
South Sudan
10 states
Eastern EquatoriaTorit
44%
Mongolia
1 khot
_______Ulaanbaatar
44%
Laos
1 nakhon louang
_______Vientiane
44%
South Sudan
10 states
Western EquatoriaYambio
44%
Ukraine
24 oblasti
_______Zaporizhia
44%
Mongolia
21 aimags
TövZuunmod
44%
Saudi Arabia
13 manaţiq
'AsirAbha
43%
Chad
23 régions
BathaAti
43%
Zimbabwe
8 provinces
Mashonaland CentralBindura
43%
Chad
23 régions
LacBol
43%
South Sudan
10 states
JongleiBor
43%
South Africa
9 provinces
Western CapeCape Town
43%
United States
50 states
NevadaCarson City
43%
Algeria
58 wilayas
_______El M'Ghair
43%
Cameroon
10 régions
NorthGaroua
43%
North Korea
9 do
RyanggangHyesan
43%
Uzbekistan
12 viloyatlar
_______Jizzakh
43%
Chad
23 régions
TandjiléLaï
43%
Thailand
76 changwat
_______Loei
43%
Laos
17 khoueng
Louangphabang / Luang PrabangLuang Prabang
43%
Zambia
10 provinces
_______Lusaka
43%
Chad
23 régions
KanemMao
43%
Chad
23 régions
Hadjer-LamisMassakory
43%
Chad
23 régions
Bahr el GazelMoussoro
43%
Thailand
76 changwat
_______Nan
43%
Chad
23 régions
Mayo-Kebbi WestPala
43%
Laos
17 khoueng
VientianePhonhong
43%
Thailand
76 changwat
_______Phrae
43%
South Sudan
3 areas
_______Pibor
43%
South Sudan
10 states
LakesRumbek
43%
United States
50 states
CaliforniaSacramento
43%
Thailand
76 changwat
_______Sakon Nakhon
43%
Uzbekistan
12 viloyatlar
_______Samarqand
43%
Argentina
23 provinces
_______San Luis
43%
Thailand
76 changwat
_______Uttaradit
43%
Laos
17 khoueng
_______Xaignabouli
43%
Somalia
18 gobolada
BayBaidoa
42%
Iraq
19 muhāfazāt
_______Basra
42%
Somalia
18 gobolada
HiranBeledweyn
42%
Guinea
8 régions
_______Boké
42%
Somalia
18 gobolada
Middle JubaBu'ale
42%
Guinea-Bissau
8 regiões
QuinaraBuba
42%
Guinea-Bissau
8 regiões
TombaliCatió
42%
Somalia
18 gobolada
GedoGarbahaarreey
42%
Somalia
18 gobolada
BakoolHudur
42%
South Korea
1 teukbyeol jachido
_______Jeju
42%
Somalia
18 gobolada
Middle ShebelleJowhar
42%
Somalia
18 gobolada
Lower ShebelleMerca
42%
Somalia
18 gobolada
BanaadirMogadishu
42%
Chad
23 régions
GuéraMongo
42%
Laos
17 khoueng
OudômxaiMuang Xay
42%
Uzbekistan
12 viloyatlar
_______Navoiy
42%
Nigeria
36 states
_______Sokoto
42%
United States
50 states
FloridaTallahassee
42%
Algeria
58 wilayas
_______Touggourt
42%
Peru
25 regiones
_______Tumbes
42%
Kuwait
6 muhāfazāt
JahraAl-Jahra
41%
Thailand
76 changwat
_______Amnat Charoen
41%
United States
50 states
IndianaIndianapolis
41%
Thailand
76 changwat
_______Kalasin
41%
South Africa
9 provinces
Northern CapeKimberley
41%
Laos
17 khoueng
_______Luang Namtha
41%
Lesotho
10 districts
_______Mafeteng
41%
Thailand
76 changwat
_______Maha Sarakham
41%
Lesotho
10 districts
_______Mohale's Hoek
41%
Thailand
76 changwat
_______Mukdahan
41%
Thailand
76 changwat
_______Nakhon Phanom
41%
Myanmar
1 union territory
_______Naypyidaw
41%
Thailand
76 changwat
_______Nong Bua Lam Phu
41%
Thailand
76 changwat
_______Nong Khai
41%
Myanmar
7 pyinaalmyarr
KayinPa-an
41%
Lesotho
10 districts
_______Qacha's Nek
41%
Lesotho
10 districts
_______Quthing
41%
Laos
17 khoueng
_______Savannakhét
41%
Bolivia
9 departamentos
_______Tarija
41%
Laos
17 khoueng
KhammouanThakhek
41%
Thailand
76 changwat
_______Ubon Ratchathani
41%
Thailand
76 changwat
_______Udon Thani
41%
Japan
47 todōfuken
_______Akita
40%
Japan
47 todōfuken
_______Aomori
40%
Oman
11 muhāfazāt
Ash Sharqiyah NorthIbra
40%
Japan
47 todōfuken
IwateMorioka
40%
South Africa
9 provinces
KwaZulu-NatalPietermaritzburg
40%
Kazakhstan
4 qala
_______Shymkent
40%
Oman
11 muhāfazāt
Ash Sharqiyah SouthSur
40%
Sudan
18 wilaya'at
Blue NileAd Damazin
39%
Ethiopia
10 kililoch
Benishangul-GumuzAsosa
39%
Myanmar
7 daysamyarr
_______Bago
39%
South Africa
9 provinces
Eastern CapeBhisho
39%
Burundi
18 provinces
_______Bubanza
39%
Burundi
18 provinces
_______Bujumbura
39%
Democratic Republic of the Congo
26 provinces
South KivuBukavu
39%
Burundi
18 provinces
_______Cankuzo
39%
Burundi
18 provinces
_______Cibitoke
39%
Burundi
18 provinces
_______Gitega
39%
Democratic Republic of the Congo
26 provinces
North KivuGoma
39%
Burundi
18 provinces
Bujumbura RuralIsale
39%
Burundi
18 provinces
_______Karuzi
39%
Burundi
18 provinces
_______Kayanza
39%
Rwanda
5 intara
WesternKibuye
39%
Burundi
18 provinces
_______Kirundo
39%
Burundi
18 provinces
_______Muramvya
39%
Burundi
18 provinces
_______Muyinga
39%
Burundi
18 provinces
_______Mwaro
39%
Burundi
18 provinces
_______Ngozi
39%
Rwanda
5 intara
SouthernNyanza
39%
Burundi
18 provinces
_______Rutana
39%
Burundi
18 provinces
_______Ruyigi
39%
Morocco
12 regions
Souss-MassaAgadir
38%
Cameroon
10 régions
WestBafoussam
38%
Cameroon
10 régions
NorthwestBamenda
38%
Burundi
18 provinces
_______Bururi
38%
Paraguay
17 departamentos
Alto ParaguayFuerte Olimpo
38%
China
22 shěng
GuangdongGuangzhou
38%
China
2 tèbiéxíngzhèngqū
_______Hong Kong
38%
Indonesia
34 provinsi
_______Jambi
38%
Tanzania
31 mkoa
_______Kigoma
38%
China
2 tèbiéxíngzhèngqū
_______Macau
38%
Myanmar
7 daysamyarr
_______Magway
38%
Burundi
18 provinces
_______Makamba
38%
Kazakhstan
14 oblys
_______Pavlodar
38%
Burundi
18 provinces
_______Rumonge
38%
Japan
47 todōfuken
HokkaidoSapporo
38%
Suriname
10 districten
MarowijneAlbina
37%
Papua New Guinea
20 provinces
JiwakaBanz
37%
Kyrgyzstan
2 šaarlar
_______Bishkek
37%
Kyrgyzstan
7 oblasttar
ChuyBishkek
37%
Saudi Arabia
13 manaţiq
QassimBuraidah
37%
France
5 régions d'outre-mer
French GuianaCayenne
37%
Mexico
31 estados
TamaulipasCiudad Victoria
37%
Brazil
26 estados
ParanáCuritiba
37%
Papua New Guinea
20 provinces
Eastern HighlandsGoroka
37%
Zambia
10 provinces
CentralKabwe
37%
Papua New Guinea
20 provinces
Chimbu / SimbuKundiawa
37%
Papua New Guinea
20 provinces
_______Madang
37%
Papua New Guinea
20 provinces
Southern HighlandsMendi
37%
Papua New Guinea
20 provinces
Western HighlandsMount Hagen
37%
Kyrgyzstan
7 oblasttar
_______Naryn
37%
United States
50 states
TennesseeNashville
37%
Zambia
10 provinces
CopperbeltNdola
37%
Uruguay
19 departamentos
_______Rivera
37%
Saudi Arabia
13 manaţiq
_______Riyadh
37%
Russia
22 republics
CrimeaSimferopol
37%
Niger
7 régions
_______Tillabéri
37%
Kazakhstan
14 oblys
_______Turkistan
37%
Papua New Guinea
20 provinces
EngaWabag
37%
Mexico
31 estados
_______Zacatecas
37%
United States
50 states
TexasAustin
36%
Central African Republic
16 préfectures
Nana-MambéréBouar
36%
Central African Republic
16 préfectures
Ouham-PendéBozoum
36%
Brazil
26 estados
Mato Grosso do SulCampo Grande
36%
United States
50 states
South CarolinaColumbia
36%
United States
50 states
IowaDes Moines
36%
Burkina Faso
13 régions
SahelDori
36%
Ukraine
24 oblasti
_______Luhansk
36%
United States
50 states
WisconsinMadison
36%
Mexico
31 estados
Nuevo LeónMonterrey
36%
Namibia
14 regions
OtjozondjupaOtjiwarongo
36%
Mexico
31 estados
CoahuilaSaltillo
36%
Russia
3 federal cities
_______Sevastopol
36%
Thailand
76 changwat
_______Sisaket
36%
Papua New Guinea
20 provinces
East SepikWewak
36%
Thailand
76 changwat
_______Yasothon
36%
Kuwait
6 muhāfazāt
_______Ahmadi
35%
Kuwait
6 muhāfazāt
FarwaniyaAl Farwaniyah
35%
Central African Republic
16 préfectures
OuhamBossangoa
35%
Brazil
1 federal district
Federal DistrictBrasília
35%
Namibia
14 regions
OmahekeGobabis
35%
Brazil
26 estados
GoiásGoiânia
35%
Kuwait
6 muhāfazāt
_______Hawalli
35%
Central African Republic
16 préfectures
Nana-GrébiziKaga Bandoro
35%
Kuwait
6 muhāfazāt
Al AsimahKuwait City
35%
Namibia
14 regions
HardapMariental
35%
Colombia
32 departamentos
VaupésMitú
35%
Colombia
32 departamentos
CórdobaMontería
35%
Kuwait
6 muhāfazāt
_______Mubarak Al-Kabeer
35%
Russia
46 oblasts
RostovRostov-on-Don
35%
Central African Republic
16 préfectures
KémoSibut
35%
Colombia
32 departamentos
SucreSincelejo
35%
Namibia
14 regions
ErongoSwakopmund
35%
Denmark
5 regioner
Southern DenmarkVejle
35%
Namibia
14 regions
KhomasWindhoek
35%
Iran
31 ostanha
Kohgiluyeh and Boyer-AhmadYasuj
35%
Kazakhstan
4 qala
_______Almaty
34%
Cape Verde
22 concelhos
Santa CatarinaAssomada
34%
Guinea-Bissau
8 regiões
_______Bafatá
34%
Central African Republic
16 préfectures
OuakaBambari
34%
Central African Republic
1 capital
_______Bangui
34%
Central African Republic
16 préfectures
Mambéré-KadéïBerbérati
34%
Central African Republic
16 préfectures
Ombella-M'PokoBimbo
34%
Guinea-Bissau
8 regiões
_______Bolama
34%
Cape Verde
22 concelhos
São MiguelCalheta de São Miguel
34%
Zambia
10 provinces
SouthernChoma
34%
Cape Verde
22 concelhos
Ribeira Grande de SantiagoCidade Velha
34%
Cape Verde
22 concelhos
Santa Catarina do FogoCova Figueira
34%
Papua New Guinea
20 provinces
Western / FlyDaru
34%
Cape Verde
22 concelhos
SalEspargos
34%
Guinea-Bissau
8 regiões
_______Gabu
34%
Democratic Republic of the Congo
26 provinces
North UbangiGbadolite
34%
Democratic Republic of the Congo
26 provinces
South UbangiGemena
34%
Republic of the Congo
12 departments
LikoualaImpfondo
34%
Cape Verde
22 concelhos
São Lourenço dos ÓrgãosJoão Teves
34%
Kyrgyzstan
7 oblasttar
Issyk KulKarakol
34%
Myanmar
7 pyinaalmyarr
MonMawlamyine
34%
Central African Republic
16 préfectures
LobayeMbaïki
34%
Cape Verde
22 concelhos
São VicenteMindelo
34%
Central African Republic
16 préfectures
Basse-KottoMobaye
34%
Cape Verde
22 concelhos
_______Mosteiros
34%
Central African Republic
16 préfectures
Sangha-MbaéréNola
34%
Cape Verde
22 concelhos
BravaNova Sintra
34%
Belize
6 districts
_______Orange Walk
34%
Cape Verde
22 concelhos
Santa CruzPedra Badejo
34%
Russia
22 republics
KareliaPetrozavodsk
34%
Cape Verde
22 concelhos
São Salvador do MundoPicos
34%
Cape Verde
22 concelhos
PaulPombas
34%
Cape Verde
22 concelhos
Ribeira GrandePonta do Sol
34%
Cape Verde
22 concelhos
MaioPorto Inglês
34%
Cape Verde
22 concelhos
_______Porto Novo
34%
Cape Verde
22 concelhos
_______Praia
34%
Cape Verde
22 concelhos
_______Ribeira Brava
34%
Cape Verde
22 concelhos
Boa VistaSal Rei
34%
United States
4 unincorporated organized territories
Puerto RicoSan Juan
34%
Cape Verde
22 concelhos
_______São Domingos
34%
Cape Verde
22 concelhos
_______São Filipe
34%
China
22 shěng
LiaoningShenyang
34%
United States
50 states
IllinoisSpringfield
34%
India
8 union territories
Jammu and KashmirSrinagar | Jammu
34%
Kazakhstan
14 oblys
AlmatyTaldykorgan
34%
Senegal
14 régions
_______Tambacounda
34%
Papua New Guinea
20 provinces
HelaTari
34%
Cape Verde
22 concelhos
_______Tarrafal
34%
Cape Verde
22 concelhos
_______Tarrafal de São Nicolau
34%
Myanmar
7 daysamyarr
_______Yangon
34%
Brunei
4 daerah
Brunei-MuaraBandar Seri Begawan
33%
Brunei
4 daerah
TemburongBangar
33%
Colombia
32 departamentos
North SantanderCúcuta
33%
Canada
10 provinces
New BrunswickFredericton
33%
Russia
46 oblasts
_______Irkutsk
33%
Malaysia
13 negeri
SabahKota Kinabalu
33%
Brunei
4 daerah
BelaitKuala Belait
33%
Pakistan
4 provinces
PunjabLahore
33%
Thailand
76 changwat
_______Nakhon Si Thammarat
33%
Australia
6 states
Western AustraliaPerth
33%
Thailand
76 changwat
_______Phang Nga
33%
Papua New Guinea
20 provinces
Oro / NorthernPopondetta
33%
Papua New Guinea
20 provinces
CentralPort Moresby
33%
Papua New Guinea
1 capital
National CapitalPort Moresby
33%
Thailand
76 changwat
_______Roi Et
33%
Indonesia
34 provinsi
North KalimantanTanjung Selor
33%
Brunei
4 daerah
_______Tutong
33%
Russia
22 republics
BuryatiaUlan-Ude
33%
Malaysia
3 wilayah persekutuan
LabuanVictoria
33%
India
28 states
Tamil NaduChennai
32%
United States
50 states
WyomingCheyenne
32%
United States
50 states
OhioColumbus
32%
United States
50 states
ColoradoDenver
32%
Ukraine
24 oblasti
_______Donetsk
32%
São Tomé and Principe
6 distritos
LobataGuadelupe
32%
Russia
22 republics
UdmurtiaIzhevsk
32%
Japan
47 todōfuken
_______Kagoshima
32%
Ukraine
24 oblasti
_______Kharkiv
32%
Japan
47 todōfuken
_______Miyazaki
32%
São Tomé and Principe
6 distritos
LembáNeves
32%
Denmark
2 self-governing territories
GreenlandNuuk
32%
Peru
25 regiones
_______Piura
32%
India
8 union territories
PuducherryPondicherry
32%
Bolivia
9 departamentos
_______Potosí
32%
Bolivia
9 departamentos
Santa CruzSanta Cruz de la Sierra
32%
São Tomé and Principe
6 distritos
CantagaloSantana
32%
São Tomé and Principe
6 distritos
CauéSão João dos Angolares
32%
São Tomé and Principe
6 distritos
Água GrandeSão Tomé
32%
Russia
22 republics
MordoviaSaransk
32%
Thailand
76 changwat
_______Satun
32%
Bolivia
9 departamentos
ChuquisacaSucre
32%
São Tomé and Principe
6 distritos
Mé-ZóchiTrinidade
32%
Russia
46 oblasts
_______Ulyanovsk
32%
Papua New Guinea
20 provinces
Milne BayAlotau
31%
Brazil
26 estados
SergipeAracaju
31%
India
28 states
KarnatakaBangalore
31%
Russia
22 republics
ChuvashiaCheboksary
31%
Russia
22 republics
TatarstanKazan
31%
Turkey
81 il
_______Muğla
31%
Tanzania
31 mkoa
_______Shinyanga
31%
Mozambique
10 provincias
_______Tete
31%
United States
50 states
West VirginiaCharleston
30%
United States
50 states
KentuckyFrankfort
30%
United States
50 states
AlaskaJuneau
30%
Ecuador
24 provincias
_______Loja
30%
Myanmar
7 daysamyarr
AyeyarwadyPathein
30%
Mali
10 régions
_______Ségou
30%
Tanzania
31 mkoa
_______Tabora
30%
Russia
22 republics
BashkortostanUfa
30%
Canada
3 territories
YukonWhitehorse
30%
Russia
46 oblasts
SverdlovskYekaterinburg
30%
Nigeria
36 states
BayelsaYenagoa
30%
Ecuador
24 provincias
Zamora-ChinchipeZamora
30%
Mali
1 capital
_______Bamako
29%
Mexico
31 estados
Quintana RooChetumal
29%
Belize
6 districts
_______Corozal
29%
Mali
10 régions
_______Gao
29%
Myanmar
5 self-administered zones
Pa'OHopong
29%
United States
50 states
MissouriJefferson City
29%
Mali
10 régions
_______Koulikoro
29%
Turkmenistan
5 welaýatlar
_______Mary
29%
Iran
31 ostanha
Razavi KhorasanMashhad
29%
Niger
1 Communauté urbaine
_______Niamey
29%
Russia
46 oblasts
_______Penza
29%
Myanmar
5 self-administered zones
DanuPindaya
29%
Argentina
23 provinces
JujuySan Salvador de Jujuy
29%
Myanmar
7 pyinaalmyarr
ShanTaunggyi
29%
Canada
10 provinces
OntarioToronto
29%
Cameroon
10 régions
EastBertoua
28%
Nigeria
36 states
KebbiBirnin Kebbi
28%
Niger
7 régions
_______Dosso
28%
Nigeria
36 states
_______Gombe
28%
Kazakhstan
14 oblys
_______Karaganda
28%
Nigeria
36 states
_______Katsina
28%
Australia
6 external territories
Norfolk IslandKingston
28%
Vietnam
58 tỉnh
_______Kon Tum
28%
Thailand
76 changwat
_______Krabi
28%
United States
50 states
MichiganLansing
28%
Mozambique
1 cidade
_______Maputo
28%
Mozambique
10 provincias
MaputoMatola
28%
Mali
10 régions
_______Ménaka
28%
Russia
46 oblasts
_______Nizhny Novgorod
28%
Kazakhstan
4 qala
Astana / Nur-SultanNur-Sultan
28%
Thailand
76 changwat
_______Pattani
28%
Russia
9 krais
_______Perm
28%
Thailand
76 changwat
_______Phatthalung
28%
Thailand
76 changwat
_______Phuket
28%
Vietnam
58 tỉnh
Bình ĐịnhQui Nhơn
28%
Canada
10 provinces
Newfoundland and LabradorSaint John's
28%
France
5 collectivités d'outre-mer
Saint-Pierre and MiquelonSaint-Pierre
28%
Thailand
76 changwat
_______Songkhla
28%
Niger
7 régions
_______Tahoua
28%
Thailand
76 changwat
_______Trang
28%
Mozambique
10 provincias
GazaXai-Xai
28%
Niger
7 régions
_______Zinder
28%
Marshall Islands
24 municipalities
AilukAnenlik
27%
Argentina
23 provinces
_______Córdoba
27%
New Zealand
11 non-unitary regions
OtagoDunedin
27%
Russia
22 republics
KalmykiaElista
27%
Marshall Islands
24 municipalities
JabatJabwot
27%
United States
50 states
MississippiJackson
27%
Marshall Islands
24 municipalities
_______Jaluit
27%
Brazil
26 estados
ParaíbaJoão Pessoa
27%
Marshall Islands
24 municipalities
NamuKaginen
27%
Marshall Islands
24 municipalities
Kili/Bikini/EjitKili
27%
Marshall Islands
24 municipalities
_______Likiep
27%
Niger
7 régions
_______Maradi
27%
Saudi Arabia
13 manaţiq
Makkah / MeccaMecca
27%
Australia
6 states
VictoriaMelbourne
27%
Marshall Islands
24 municipalities
_______Namorik
27%
Brazil
26 estados
Rio Grande do NorteNatal
27%
Nigeria
36 states
RiversPort Harcourt
27%
Canada
10 provinces
_______Quebec
27%
Vietnam
58 tỉnh
_______Quảng Ngãi
27%
Brazil
26 estados
PernambucoRecife
27%
Colombia
32 departamentos
La GuajiraRiohacha
27%
Nigeria
36 states
Akwa IbomUyo
27%
Russia
46 oblasts
_______Volgograd
27%
Marshall Islands
24 municipalities
AilinglaplapWotja
27%
Marshall Islands
24 municipalities
_______Wotje
27%
Russia
22 republics
Mari ElYoshkar-Ola
27%
Finland
18 maakuntaa
Central OstrobothniaKokkola
26%
Russia
9 krais
_______Krasnodar
26%
Myanmar
7 daysamyarr
_______Mandalay
26%
Zimbabwe
8 provinces
Mashonaland EastMarondera
26%
Egypt
27 muhāfazāt
MatruhMarsa Matruh
26%
Algeria
58 wilayas
_______Naâma
26%
Myanmar
5 self-administered zones
Pa LaungNamhsan
26%
Nigeria
36 states
ImoOwerri
26%
Myanmar
7 daysamyarr
_______Sagaing
26%
Mexico
31 estados
CampecheSan Francisco de Campeche
26%
Colombia
32 departamentos
CesarValledupar
26%
Mexico
31 estados
_______Aguascalientes
25%
Zimbabwe
2 cities
_______Bulawayo
25%
Mozambique
10 provincias
ManicaChimoio
25%
Mexico
31 estados
JaliscoGualadajara
25%
Zimbabwe
8 provinces
MidlandsGweru
25%
China
22 shěng
AnhuiHefei
25%
Zimbabwe
8 provinces
_______Masvingo
25%
Saudi Arabia
13 manaţiq
Madinah / MedinaMedina
25%
Zimbabwe
8 provinces
ManicalandMutare
25%
Tanzania
31 mkoa
_______Singida
25%
Gabon
9 provinces
NyangaTchibanga
25%
Sweden
21 län
VästerbottenUmeå
25%
Turkmenistan
5 welaýatlar
AhalAnau
24%
Turkmenistan
1 capital
_______Ashgabat
24%
Russia
46 oblasts
_______Belgorod
24%
India
28 states
OdishaBhubaneswar
24%
Nicaragua
2 regiones autónomas
North Carribean CoastBilwi
24%
Iran
31 ostanha
North KhorasanBojnourd
24%
Russia
46 oblasts
_______Chelyabinsk
24%
Libya
22 sha'biyat
_______Derna
24%
Pakistan
1 self-administering state
Gilgit-BaltistanGilgit
24%
Mozambique
10 provincias
_______Inhambane
24%
Tanzania
31 mkoa
_______Iringa
24%
Brazil
26 estados
AlagoasMaceió
24%
Venezuela
23 estados
ZuliaMaracaibo
24%
Tanzania
31 mkoa
_______Mbeya
24%
Tanzania
31 mkoa
_______Njombe
24%
India
28 states
JharkhandRanchi
24%
Mexico
31 estados
NayaritTepic
24%
Libya
22 sha'biyat
ButnanTobruk
24%
Mexico
31 estados
DurangoVictoria de Durango
24%
East Timor
12 municipalities
_______Aileu
23%
East Timor
12 municipalities
_______Ainaro
23%
Libya
22 sha'biyat
Al WahatAjdabiya
23%
United States
50 states
LouisianaBaton Rouge
23%
East Timor
12 municipalities
_______Baucau
23%
Libya
22 sha'biyat
Jabal al AkhdarBayda
23%
Algeria
58 wilayas
_______Béchar
23%
Libya
22 sha'biyat
_______Benghazi
23%
East Timor
12 municipalities
_______Dili
23%
East Timor
12 municipalities
ErmeraGleno
23%
Finland
18 maakuntaa
KainuuKajaani
23%
Pakistan
4 provinces
SindhKarachi
23%
Indonesia
34 provinsi
East Nusa TenggaraKupang
23%
East Timor
12 municipalities
_______Liquiçá
23%
East Timor
12 municipalities
LautémLospalos
23%
East Timor
12 municipalities
BobonaroMaliana
23%
East Timor
12 municipalities
_______Manatuto
23%
Libya
22 sha'biyat
_______Marj
23%
Mexico
31 estados
Baja CaliforniaMexicali
23%
China
22 shěng
JiangxiNanchang
23%
Finland
18 maakuntaa
North KareliaOulu
23%
Laos
17 khoueng
ChampasakPakse
23%
East Timor
1 special administrative region
OecussePante Macassar
23%
United States
50 states
ArizonaPhoenix
23%
Sudan
18 wilaya'at
Red SeaPort Sudan
23%
Russia
46 oblasts
_______Samara
23%
East Timor
12 municipalities
ManufahiSame
23%
Myanmar
7 pyinaalmyarr
RakhineSittwe
23%
East Timor
12 municipalities
CovalimaSuai
23%
East Timor
12 municipalities
_______Viqueque
23%
China
22 shěng
HubeiWuhan
23%
Laos
17 khoueng
_______Xékong
23%
Saudi Arabia
13 manaţiq
BahahAl-Baha
22%
Laos
17 khoueng
_______Attapeu
22%
Colombia
32 departamentos
BolívarCartagena
22%
China
22 shěng
HunanChangsha
22%
Algeria
58 wilayas
_______Ghardaïa
22%
Senegal
14 régions
_______Kédougou
22%
Fiji
4 divisions
NorthernLabasa
22%
Fiji
4 divisions
WesternLautoka
22%
Fiji
4 divisions
EasternLevuka
22%
Sweden
21 län
NorrbottenLuleå
22%
Brazil
26 estados
AmazonasManaus
22%
Laos
17 khoueng
_______Salavan
22%
Russia
9 krais
_______Stavropol
22%
Indonesia
34 provinsi
East JavaSurabaya
22%
Fiji
4 divisions
CentralSuva
22%
South Sudan
10 states
UnityBentiu
21%
Norway
11 fylker
NordlandBodø
21%
Philippines
16 rehiyong pampangasiwaan
CaragaButuan
21%
Philippines
16 rehiyong pampangasiwaan
Northern MindanaoCagayan de Oro
21%
Philippines
1 awtonomong rehiyon
BangsamoroCotabato
21%
Cote d'Ivoire
12 districts
LagunesDabou
21%
Vietnam
5 thành phố trực thuộc trung ương
_______Đà Nẵng
21%
Indonesia
34 provinsi
BaliDenpasar
21%
Vietnam
58 tỉnh
Quảng BìnhĐồng Hới
21%
Vietnam
58 tỉnh
Quảng TrịĐông Hà
21%
Canada
10 provinces
AlbertaEdmonton
21%
Algeria
58 wilayas
_______El Menia
21%
United Kingdom
12 non-Antarctic civilian overseas territories
Cayman IslandsGeorge Town
21%
United States
50 states
HawaiiHonolulu
21%
Vietnam
58 tỉnh
Thừa Thiên–HuếHuế
21%
Algeria
58 wilayas
_______Ouargla
21%
Philippines
16 rehiyong pampangasiwaan
Zamboanga PeninsulaPagadian
21%
Vietnam
58 tỉnh
Quảng NamTam Kỳ
21%
Mexico
31 estados
TabascoVillahermosa
21%
Cote d'Ivoire
2 districts autonomes
_______Abidjan
20%
Russia
22 republics
AdygeaMaykop
20%
Venezuela
23 estados
_______Mérida
20%
Netherlands
4 landen
ArubaOranjestad
20%
Russia
46 oblasts
_______Orenburg
20%
Uzbekistan
12 viloyatlar
QashqadaryoQarshi
20%
Finland
18 maakuntaa
LaplandRovaniemi
20%
United States
50 states
MinnesotaSaint Paul
20%
Russia
46 oblasts
_______Saratov
20%
Norway
11 fylker
Troms og FinnmarkTromsø
20%
Uzbekistan
12 viloyatlar
_______Bukhara
19%
Canada
10 provinces
Prince Edward IslandCharlottetown
19%
Canada
10 provinces
Nova ScotiaHalifax
19%
Russia
46 oblasts
_______Kursk
19%
Marshall Islands
24 municipalities
_______Kwajalein
19%
Marshall Islands
24 municipalities
Lib IslandLib
19%
Russia
46 oblasts
_______Omsk
19%
Botswana
7 urban districts
_______Orapa
19%
Kazakhstan
14 oblys
NorthPetropavl
19%
Venezuela
23 estados
TáchiraSan Cristóbal
19%
Botswana
7 urban districts
_______Selebi-Phikwe
19%
Botswana
10 rural districts
CentralSerowe
19%
Russia
46 oblasts
_______Voronezh
19%
Peru
25 regiones
ApurímacAbancay
18%
Australia
6 states
South AustraliaAdelaide
18%
Russia
9 krais
AltaiBarnaul
18%
Australia
6 states
QueenslandBrisbane
18%
North Korea
9 do
North HamgyongChongjin
18%
Peru
25 regiones
_______Cusco
18%
Somalia
18 gobolada
SanaagErigavo
18%
Myanmar
1 self-administered division
WaHopang
18%
Russia
46 oblasts
_______Kemerovo
18%
Russia
46 oblasts
_______Kurgan
18%
Morocco
12 regions
Laâyoune-Sakia El HamraLaâyoune
18%
South Sudan
10 states
Upper NileMalakal
18%
Mali
10 régions
_______Mopti
18%
Russia
46 oblasts
_______Novosibirsk
18%
North Korea
2 t'ŭkpyŏlsi
_______Rason
18%
Marshall Islands
24 municipalities
LaeRibon
18%
Marshall Islands
24 municipalities
_______Rongelap
18%
Spain
17 comunidades autónomas
Canary IslandsSanta Cruz de Tenerife | Las Palmas de Gran Canaria
18%
Russia
46 oblasts
_______Tomsk
18%
United States
50 states
KansasTopeka
18%
Marshall Islands
24 municipalities
_______Ujae
18%
Marshall Islands
24 municipalities
_______Wotho
18%
Russia
46 oblasts
_______Astrakhan
17%
Egypt
27 muhāfazāt
_______Aswan
17%
Colombia
32 departamentos
AtlánticoBarranquilla
17%
Brazil
26 estados
ParáBelém
17%
Morocco
12 regions
Guelmim-Oued NounGuelmim
17%
Egypt
27 muhāfazāt
New ValleyKharga
17%
Kenya
47 kaunti
_______Lamu
17%
Myanmar
5 self-administered zones
KokangLaukkai
17%
United States
50 states
NebraskaLincoln
17%
Egypt
27 muhāfazāt
_______Luxor
17%
Brazil
26 estados
AmapáMacapá
17%
Mexico
31 estados
YucatánMérida
17%
Honduras
18 departamentos
Gracias a DiosPuerto Lempira
17%
Egypt
27 muhāfazāt
_______Qena
17%
Colombia
32 departamentos
MagdalenaSanta Marta
17%
Botswana
10 rural districts
KgalagadiTsabong
17%
Russia
46 oblasts
_______Tyumen
17%
Russia
9 krais
PrimorskyVladivostok
17%
Colombia
32 departamentos
_______Arauca
16%
Malawi
3 regions
SouthernBlantyre
16%
Philippines
16 rehiyong pampangasiwaan
Central VisayasCebu
16%
Zambia
10 provinces
EasternChipata
16%
Afghanistan
34 velaya'at
_______Herat
16%
Philippines
16 rehiyong pampangasiwaan
Western VisayasIloilo
16%
Democratic Republic of the Congo
26 provinces
TanganyikaKalemie
16%
Mozambique
10 provincias
NiassaLichinga
16%
Malawi
3 regions
CentralLilongwe
16%
United States
50 states
ArkansasLittle Rock
16%
Tanzania
31 mkoa
KataviMpanda
16%
Afghanistan
34 velaya'at
BadghisQala i Naw
16%
Thailand
76 changwat
_______Ranong
16%
Equatorial Guinea
8 provincias
AnnobónSan Antonio de Palé
16%
Thailand
76 changwat
_______Surat Thani
16%
Philippines
16 rehiyong pampangasiwaan
Eastern VisayasTacloban
16%
China
22 shěng
ShaanxiXi'an
16%
Iran
31 ostanha
South KhorasanBirjand
15%
United States
50 states
North DakotaBismarck
15%
United States
50 states
IdahoBoise
15%
Australia
3 territories
Northern TerritoryDarwin
15%
Russia
22 republics
AltaiGorno-Altaysk
15%
Australia
6 states
TasmaniaHobart
15%
Mauritania
15 régions
GorgolKaédi
15%
Senegal
14 régions
_______Matam
15%
Indonesia
34 provinsi
West Nusa TenggaraMataram
15%
Russia
46 oblasts
_______Murmansk
15%
Malawi
3 regions
NorthernMzuzu
15%
United States
50 states
South DakotaPierre
15%
Peru
25 regiones
Madre de DiosPuerto Maldonado
15%
United States
50 states
UtahSalt Lake City
15%
Brazil
26 estados
BahiaSalvador
15%
China
5 zìzhìqū
XinjiangÜrümqi
15%
Canada
10 provinces
ManitobaWinnipeg
15%
Canada
3 territories
NorthwestYellowknife
15%
China
22 shěng
SichuanChengdu
14%
China
4 zhíxiáshì
_______Chongqing
14%
Afghanistan
34 velaya'at
HelmandLashkargah
14%
Myanmar
7 pyinaalmyarr
KachinMyitkyina
14%
Indonesia
34 provinsi
Central JavaSemarang
14%
Iran
31 ostanha
_______Yazd
14%
Indonesia
34 provinsi
_______Yogyakarta
14%
Algeria
58 wilayas
_______Adrar
13%
Marshall Islands
24 municipalities
_______Arno
13%
Eritrea
6 zoba
Maekel / CentralAsmara
13%
Solomon Islands
9 provinces
MalaitaAuki
13%
Eritrea
6 zoba
Gash-BarkaBarentu
13%
Marshall Islands
24 municipalities
MaloelapBoklaplap
13%
Solomon Islands
9 provinces
IsabelBuala
13%
China
22 shěng
JilinChangchun
13%
Afghanistan
34 velaya'at
_______Farah
13%
Marshall Islands
24 municipalities
MiliGaru
13%
Solomon Islands
9 provinces
WesternGizo
13%
United States
50 states
MontanaHelena
13%
Solomon Islands
1 capital
Capital TerritoryHoniara
13%
Solomon Islands
9 provinces
GuadalcanalHoniara
13%
Algeria
58 wilayas
_______In Salah
13%
Canada
3 territories
NunavutIqaluit
13%
Eritrea
6 zoba
AnsebaKeren
13%
Solomon Islands
9 provinces
Makira-UlawaKirakira
13%
Marshall Islands
24 municipalities
_______Majuro
13%
Eritrea
6 zoba
Northern Red SeaMassawa
13%
Marshall Islands
24 municipalities
_______Mejit
13%
Ethiopia
10 kililoch
TigrayMek'ele
13%
Eritrea
6 zoba
Debub / SouthernMendefera
13%
Kazakhstan
14 oblys
WestOral
13%
United States
50 states
New MexicoSanta Fe
13%
Iran
31 ostanha
FarsShiraz
13%
Marshall Islands
24 municipalities
AurTabal
13%
Solomon Islands
9 provinces
Rennell and BellonaTigoa
13%
Algeria
58 wilayas
_______Timimoun
13%
Solomon Islands
9 provinces
CentralTulagi
13%
Brazil
26 estados
Espírito SantoVitória
13%
Afghanistan
34 velaya'at
NimruzZaranj
13%
Philippines
16 rehiyong pampangasiwaan
_______Davao
12%
Brazil
26 estados
CearáFortaleza
12%
Saudi Arabia
13 manaţiq
_______Ha'il
12%
China
22 shěng
HeilongjiangHarbin
12%
India
28 states
TelanganaHyderabad
12%
Philippines
16 rehiyong pampangasiwaan
SOCCSKSARGENKoronadal
12%
United States
50 states
OklahomaOklahoma City
12%
Mauritania
15 régions
BraknaAleg
11%
Afghanistan
34 velaya'at
_______Kandahar
11%
Democratic Republic of the Congo
26 provinces
ManiemaKindu
11%
Mauritius
4 islands
MauritiusPort Louis
11%
Pakistan
4 provinces
BalochistanQuetta
11%
Canada
10 provinces
SaskatchewanRegina
11%
France
5 régions d'outre-mer
RéunionSaint-Denis
11%
Russia
46 oblasts
_______Tambov
11%
Nauru
14 districts
_______Anabar
10%
Nauru
14 districts
_______Anibare
10%
Mauritania
15 régions
Nouakchott SouthArafat
10%
Nauru
14 districts
BuadaArenibek
10%
Nauru
14 districts
DenigomoduArijejen
10%
Nauru
14 districts
EwaArubo
10%
Nauru
14 districts
_______Baiti
10%
Mongolia
21 aimags
_______Bayankhongor
10%
Nauru
14 districts
_______Boe
10%
Mauritania
15 régions
Nouakchott NorthDar-Naim
10%
Nauru
14 districts
MenengIbwenape
10%
Nauru
14 districts
_______Ijuw
10%
Micronesia FS
4 states
PohnpeiKolonia
10%
Afghanistan
34 velaya'at
FaryabMaymana
10%
Nauru
14 districts
_______Nibok
10%
Nauru
14 districts
AnetanRonave
10%
Mauritania
15 régions
Nouakchott WestTevragh-Zeina
10%
Denmark
2 self-governing territories
Faroe IslandsTórshavn
10%
Nauru
14 districts
_______Uaboe
10%
Mongolia
21 aimags
ZavkhanUliastai
10%
Nauru
14 districts
AiwoYangor
10%
Nauru
14 districts
_______Yaren
10%
Brazil
26 estados
Santa CatarinaFlorianópolis
9%
Tuvalu
9 municipalities
_______Funafuti
9%
New Zealand
11 non-unitary regions
SouthlandInvercargill
9%
Vanuatu
6 provinces
TafeaIsangel
9%
Mali
10 régions
_______Kayes
9%
Vanuatu
6 provinces
MalampaLakatoro
9%
Vanuatu
6 provinces
SanmaLuganville
9%
Mongolia
21 aimags
KhövsgölMörön
9%
Tuvalu
9 municipalities
_______Niulakita
9%
Tuvalu
9 municipalities
_______Niutao
9%
Tuvalu
9 municipalities
_______Nui
9%
Tuvalu
9 municipalities
_______Nukufetau
9%
Tuvalu
9 municipalities
_______Nukulaelae
9%
Vanuatu
6 provinces
ShefaPort Vila
9%
Chile
16 regiones
MagallanesPunta Arenas
9%
Argentina
23 provinces
Santa CruzRío Gallegos
9%
Vanuatu
6 provinces
PenamaSaratamata
9%
Mauritania
15 régions
GuidimakaSélibaby
9%
Mongolia
21 aimags
ArkhangaiTsetserleg
9%
Argentina
23 provinces
Tierra del FuegoUshuaia
9%
Tuvalu
9 municipalities
_______Vaitupu
9%
Mexico
31 estados
_______Chihuahua
8%
Paraguay
17 departamentos
BoquerónFiladelfia
8%
Democratic Republic of the Congo
26 provinces
LualabaKolwezi
8%
Democratic Republic of the Congo
26 provinces
Haut-KatangaLubumbashi
8%
Zambia
10 provinces
LuapulaMansa
8%
Japan
47 todōfuken
OkinawaNaha
8%
Brazil
26 estados
Rio Grande do SulPorto Alegre
8%
Zambia
10 provinces
NorthernSolwezi
8%
Algeria
58 wilayas
_______Tindouf
8%
Peru
25 regiones
_______Cajamarca
7%
Peru
25 regiones
AmazonasChachapoyas
7%
Peru
25 regiones
LambayequeChiclayo
7%
Comoros
3 îles autonomes
MohéliFomboni
7%
China
22 shěng
GuizhouGuiyang
7%
Democratic Republic of the Congo
26 provinces
LomamiKabinda
7%
Myanmar
5 self-administered zones
NagaLahe
7%
Norway
2 integral overseas areas
SvalbardLongyearbyen
7%
Indonesia
34 provinsi
West SulawesiMamuju
7%
Democratic Republic of the Congo
26 provinces
Kasaï-OrientalMbuji-Mayi
7%
Comoros
3 îles autonomes
Grande ComoreMoroni
7%
Tonga
5 provinces
Vava'uNeiafu
7%
Tonga
5 provinces
TongatapuNuku'alofa
7%
Tonga
5 provinces
EuaOhonua
7%
Tonga
5 provinces
Ha'apaiPangai
7%
Mozambique
10 provincias
Cabo DelgadoPemba
7%
Nepal
7 pradesh
GandakiPokhara
7%
Argentina
23 provinces
La PampaSanta Rosa
7%
Peru
25 regiones
La LibertadTrujillo
7%
Turkmenistan
5 welaýatlar
LebapTürkmenabat
7%
Russia
22 republics
KhakassiaAbakan
6%
Russia
46 oblasts
_______Arkhangelsk
6%
Nepal
7 pradesh
KarnaliBirendranagar
6%
Nepal
7 pradesh
Province 5 / 5Butwal
6%
United Kingdom
12 non-Antarctic civilian overseas territories
British Indian Ocean TerritoryDiego Garcia
6%
Portugal
2 regiões autónomas
MadeiraFunchal
6%
Democratic Republic of the Congo
26 provinces
Haut-LomamiKamina
6%
Democratic Republic of the Congo
26 provinces
Kasaï-CentralKananga
6%
Indonesia
34 provinsi
Southeast SulawesiKendari
6%
Papua New Guinea
20 provinces
West New BritainKimbe
6%
India
28 states
Uttar PradeshLucknow
6%
Democratic Republic of the Congo
26 provinces
SankuruLusambo
6%
Indonesia
34 provinsi
South SulawesiMakassar
6%
France
5 régions d'outre-mer
MayotteMamoudzou
6%
Peru
25 regiones
San MartínMoyobamba
6%
Comoros
3 îles autonomes
AnjouanMutsamudu
6%
Sweden
21 län
JämtlandÖstersund
6%
United Kingdom
12 non-Antarctic civilian overseas territories
Falkland IslandsStanley
6%
Australia
6 external territories
Cocos IslandsWest Island
6%
Russia
22 republics
Sakha / YakutiaYakutsk
6%
Kazakhstan
14 oblys
_______Atyrau
5%
Angola
18 províncias
BiéCuíto
5%
United Kingdom
12 non-Antarctic civilian overseas territories
BermudaHamilton
5%
Angola
18 províncias
_______Huambo
5%
Algeria
58 wilayas
_______In Guezzam
5%
Chile
16 regiones
TarapacáIquique
5%
Democratic Republic of the Congo
26 provinces
Haut-UeleIsiro
5%
Nigeria
36 states
TarabaJalingo
5%
Kazakhstan
14 oblys
_______Kostanay
5%
Russia
9 krais
_______Krasnoyarsk
5%
Somalia
18 gobolada
SoolLas Anod
5%
Brazil
26 estados
MaranhãoSão Luís
5%
Norway
11 fylker
TrøndelagSteinkjer
5%
Chile
16 regiones
AraucaníaTemuco
5%
Brazil
26 estados
PiauíTeresina
5%
Sudan
18 wilaya'at
Central DarfurZalingei
5%
Chad
23 régions
OuaddaïAbéché
4%
South Sudan
3 areas
_______Abyei
4%
Niger
7 régions
_______Agadez
4%
Sudan
18 wilaya'at
North DarfurAl Fashir
4%
Sudan
18 wilaya'at
West KordofanAl Fulah
4%
Sudan
18 wilaya'at
West DarfurAl Junaynah
4%
Chad
23 régions
SalamatAm Timan
4%
Chile
16 regiones
_______Antofagasta
4%
Samoa
11 itūmālō
Gaga'ifomaugaAopo
4%
Samoa
11 itūmālō
VaisiganoAsau
4%
South Sudan
10 states
Northern Bahr el GhazalAweil
4%
Iceland
72 sveitarfélög
BorgarfjarðarhreppurBakkagerði
4%
Indonesia
34 provinsi
_______Bengkulu
4%
Angola
18 províncias
_______Benguela
4%
Chad
23 régions
Wadi FiraBiltine
4%
Central African Republic
16 préfectures
VakagaBirao
4%
Democratic Republic of the Congo
26 provinces
Bas-UeleButa
4%
Mexico
31 estados
_______Colima
4%
Chile
16 regiones
BiobíoConcepción
4%
Chad
23 régions
Eastern LogoneDoba
4%
Angola
18 províncias
Lunda NorteDundo
4%
Botswana
7 urban districts
_______Francistown
4%
Botswana
10 rural districts
North-EastFrancistown
4%
Chad
23 régions
SilaGoz Beïda
4%
Zimbabwe
8 provinces
Matabeleland SouthGwanda
4%
China
22 shěng
HainanHaikou
4%
Tonga
5 provinces
Ongo NiuaHihifo
4%
Peru
25 regiones
LoretoIquitos
4%
Mali
10 régions
_______Kidal
4%
Mauritania
15 régions
AssabaKiffa
4%
Democratic Republic of the Congo
26 provinces
TshopoKisangani
4%
Chad
23 régions
MandoulKoumra
4%
South Sudan
10 states
WarrapKuajok
4%
Colombia
32 departamentos
AmazonasLeticia
4%
Kenya
47 kaunti
TurkanaLodwar
4%
Angola
18 províncias
HuílaLubango
4%
Chad
23 régions
Western LogoneMoundou
4%
Cameroon
10 régions
AdamawaNgaoundéré
4%
Sudan
18 wilaya'at
South DarfurNyala
4%
Central African Republic
16 préfectures
Haut-MbomouObo
4%
Indonesia
34 provinsi
South SumatraPalembang
4%
Indonesia
34 provinsi
Bangka Belitung IslandsPangkalpinang
4%
South Sudan
3 areas
RuwengPariang
4%
Mozambique
10 provincias
ZambeziaQuelimane
4%
Chad
23 régions
Moyen-ChariSarh
4%
Botswana
7 urban districts
_______Sowa
4%
Mauritania
15 régions
TangantTidjikja
4%
Mali
10 régions
_______Tombouctou
4%
Democratic Republic of the Congo
26 provinces
KasaïTshikapa
4%
Chile
16 regiones
Los RíosValdivia
4%
Russia
46 oblasts
_______Vologda
4%
South Sudan
10 states
Western Bahr el GhazalWau
4%
Nigeria
36 states
AdamawaYola
4%
Samoa
11 itūmālō
TuamasagaAfega
3%
Mauritania
15 régions
InchiriAkjoujt
3%
Kazakhstan
14 oblys
_______Aktobe
3%
Chad
23 régions
Ennedi-EastAm-Djarass
3%
Madagascar
22 faritra
SofiaAntsohihy
3%
Saudi Arabia
13 manaţiq
Northern BordersAr'ar
3%
Uruguay
19 departamentos
_______Artigas
3%
Mauritania
15 régions
Hodh El GharbiAyoun el Atrous
3%
Mozambique
10 provincias
SofalaBeira
3%
Algeria
58 wilayas
_______Béni Abbès
3%
Russia
1 autonomous oblast
JewishBirobidzhan
3%
Morocco
12 regions
Dakhla-Oued Ed-DahabDakhla
3%
Sudan
18 wilaya'at
East DarfurEd Daein
3%
Nepal
7 pradesh
BagmatiHetauda
3%
Libya
22 sha'biyat
JufraHun
3%
Madagascar
22 faritra
IhorombeIhosy
3%
Indonesia
34 provinsi
PapuaJayapura
3%
Russia
9 krais
_______Khabarovsk
3%
China
22 shěng
YunnanKunming
3%
India
8 union territories
LadakhLeh | Kargil
3%
Samoa
11 itūmālō
A'anaLeulumoega
3%
Samoa
11 itūmālō
AtuaLufilufi
3%
Russia
46 oblasts
_______Magadan
3%
Kenya
47 kaunti
_______Marsabit
3%
Angola
18 províncias
Cuando CubangoMenongue
3%
Samoa
11 itūmālō
Aiga-i-le-TaiMulifanua
3%
Libya
22 sha'biyat
_______Murzuq
3%
Mauritania
15 régions
Dakhlet NouadhibouNouadhibou
3%
Indonesia
34 provinsi
West SumatraPadang
3%
United States
1 unincorporated unorganized self-governing territory
American SamoaPago Pago
3%
India
28 states
BiharPatna
3%
Russia
9 krais
KamchatkaPetropavlovsk-Kamchatsky
3%
Samoa
11 itūmālō
Fa'asaleleagaSafotulafai
3%
Samoa
11 itūmālō
Gaga'emaugaSaleaula
3%
Samoa
11 itūmālō
Va'a-o-FonotiSamamea
3%
Samoa
11 itūmālō
_______Satupa'itea
3%
China
22 shěng
ShanxiTaiyuan
3%
Libya
22 sha'biyat
Wadi al HayaaUbari
3%
Uzbekistan
12 viloyatlar
XorazmUrgench
3%
Samoa
11 itūmālō
PalauliVailoa
3%
Papua New Guinea
20 provinces
Sandaun / West SepikVanimo
3%
Micronesia FS
4 states
ChuukWeno
3%
China
22 shěng
HenanZhengzhou
3%
United Kingdom
12 non-Antarctic civilian overseas territories
Pitcairn IslandsAdamstown
2%
Yemen
21 muhāfazāt
Al MahrahAl Ghaydah
2%
Mongolia
21 aimags
Govi-AltaiAltai
2%
Indonesia
34 provinsi
MalukuAmbon
2%
Madagascar
22 faritra
AndroyAmbovombe-Androy
2%
Madagascar
22 faritra
DianaAntsiranana
2%
Central African Republic
16 préfectures
MbomouBangassou
2%
Somalia
18 gobolada
BariBosaso
2%
Libya
22 sha'biyat
Wadi al ShatiiBrak
2%
Papua New Guinea
1 autonomous region
BougainvilleBuka
2%
Zambia
10 provinces
MuchingaChinsali
2%
Russia
9 krais
ZabaykalskyChita
2%
Micronesia FS
4 states
YapColonia
2%
Brazil
26 estados
Mato GrossoCuiabá
2%
Turkmenistan
5 welaýatlar
_______Dashoguz
2%
Algeria
58 wilayas
_______Djanet
2%
Palau
16 states
SonsorolDongosaru
2%
Namibia
14 regions
OhangwenaEenhana
2%
Somalia
18 gobolada
NugalGarowe
2%
Libya
22 sha'biyat
_______Ghat
2%
Indonesia
34 provinsi
_______Gorontalo
2%
United States
4 unincorporated organized territories
GuamHagåtña
2%
Oman
11 muhāfazāt
Al WustaHaima
2%
Mexico
31 estados
SonoraHermosillo
2%
China
5 zìzhìqū
Inner MongoliaHohhot
2%
Algeria
58 wilayas
_______Illizi
2%
Palau
16 states
NgeremlenguiImeong
2%
Colombia
32 departamentos
GuainíaInirida
2%
United Kingdom
12 non-Antarctic civilian overseas territories
Saint Helena, Ascension and Tristan da CunhaJamestown
2%
Sudan
18 wilaya'at
South KordofanKaduqli
2%
Zambia
10 provinces
North-WesternKasama
2%
Botswana
10 rural districts
ChobeKasane
2%
Namibia
14 regions
ZambeziKatima Mulilo
2%
Papua New Guinea
20 provinces
New IrelandKavieng
2%
Palau
16 states
_______Kayangel
2%
Iran
31 ostanha
_______Kerman
2%
Mongolia
21 aimags
_______Khovd
2%
Somalia
18 gobolada
Lower JubaKismayo
2%
Palau
16 states
PeleliuKloulklubed
2%
Papua New Guinea
20 provinces
East New BritainKokopo
2%
Malaysia
13 negeri
SarawakKuching
2%
Russia
22 republics
TuvaKyzyl
2%
China
22 shěng
GansuLanzhou
2%
Guyana
10 regions
Upper Takutu-Upper EssequiboLethem
2%
Democratic Republic of the Congo
26 provinces
MongalaLisala
2%
Angola
18 províncias
MoxicoLuena
2%
Botswana
10 rural districts
NgamilandMaun
2%
Democratic Republic of the Congo
26 provinces
ÉquateurMbandaka
2%
Palau
16 states
_______Melekeok
2%
Palau
16 states
NgarchelongMengellang
2%
Angola
18 províncias
NamibeMoçâmedes
2%
Palau
16 states
AimeliikMongami
2%
Yemen
21 muhāfazāt
HadramautMukalla
2%
Mozambique
10 provincias
_______Nampula
2%
Mauritania
15 régions
Hodh Ech CharguiNéma
2%
Argentina
23 provinces
_______Neuquén
2%
Palau
16 states
AngaurNgaramasch
2%
Palau
16 states
KororNgerbeched
2%
Palau
16 states
NgatpangNgereklmadel
2%
Palau
16 states
NgiwalNgerkeai
2%
Palau
16 states
NgchesarNgersuul
2%
Palau
16 states
AiraiNgetkib
2%
Namibia
14 regions
Kavango WestNkurenkuru
2%
France
1 collectivité sui generis
New CaledoniaNouméa
2%
Uzbekistan
1 respublika
KarakalpakstanNukus
2%
Namibia
14 regions
OshikotoOmuthiya
2%
Angola
18 províncias
CuneneOndjiva
2%
Brazil
26 estados
TocantinsPalmas
2%
France
5 collectivités d'outre-mer
French PolynesiaPapeete
2%
Portugal
2 regiões autónomas
AzoresPonta Delgada
2%
Indonesia
34 provinsi
West KalimantanPontianak
2%
Chile
16 regiones
Los LagosPuerto Montt
2%
Namibia
14 regions
Kavango EastRundu
2%
Libya
22 sha'biyat
_______Sabha
2%
United States
4 unincorporated organized territories
Northern Mariana IslandsSaipan
2%
Saudi Arabia
13 manaţiq
JawfSakaka
2%
Oman
11 muhāfazāt
DhofarSalalah
2%
Madagascar
22 faritra
SavaSambava
2%
Tanzania
31 mkoa
RuvumaSongea
2%
Algeria
58 wilayas
_______Tamanghasset
2%
Madagascar
22 faritra
AnosyTôlanaro
2%
Madagascar
22 faritra
Atsimo-AndrefanaToliara
2%
Mongolia
21 aimags
UvsUlaangom
2%
Palau
16 states
NgaraardUlimang
2%
Palau
16 states
NgardmauUrdmang
2%
Tanzania
31 mkoa
SongweVwawa
2%
Kenya
47 kaunti
_______Wajir
2%
China
22 shěng
QinghaiXining
2%
China
5 zìzhìqū
NingxiaYinchuan
2%
Russia
46 oblasts
SakhalinYuzhno-Sakhalinsk
2%
Iran
31 ostanha
Sistan and BaluchestanZahedan
2%
Mauritania
15 régions
TirisZouérat
2%
Libya
22 sha'biyat
KufraAl Jawf
1%
New Zealand
2 states in free-association
NiueAlofi
1%
Russia
4 autonomous okrugs
ChukotkaAnadyr
1%
Mauritania
15 régions
AdrarAtar
1%
New Zealand
2 states in free-association
Cook IslandsAvarua
1%
Indonesia
34 provinsi
AcehBanda Aceh
1%
Indonesia
34 provinsi
South KalimantanBanjarmasin
1%
Mongolia
21 aimags
SükhbaatarBaruun-Urt
1%
India
28 states
Madhya PradeshBhopal
1%
Brazil
26 estados
RoraimaBoa Vista
1%
Democratic Republic of the Congo
26 provinces
TshuapaBoende
1%
Algeria
58 wilayas
_______Bordj Badji Mokhtar
1%
Central African Republic
16 préfectures
Haute-KottoBria
1%
Mongolia
21 aimags
DornodChoibalsan
1%
Bolivia
9 departamentos
PandoCobija
1%
Chile
16 regiones
AtacamaCopiapó
1%
Somalia
18 gobolada
GalguduudDhusamareb
1%
Chad
23 régions
Ennedi-WestFada
1%
Madagascar
22 faritra
Atsimo-AtsinananaFarafangana
1%
Chad
23 régions
BorkouFaya-Largeau
1%
Australia
6 external territories
Christmas IslandFlying Fish Cove
1%
Maldives
4 cities
GnaviyaniFuvahmulah
1%
Somalia
18 gobolada
MudugGalkayo
1%
Ethiopia
10 kililoch
_______Gambela
1%
India
28 states
GujaratGandhinagar
1%
Botswana
10 rural districts
_______Ghanzi
1%
Maldives
4 cities
Seenu / AdduHithadhoo
1%
Democratic Republic of the Congo
26 provinces
Mai-NdombeInongo
1%
Solomon Islands
9 provinces
TemotuLata
1%
Indonesia
34 provinsi
North SulawesiManado
1%
Kenya
47 kaunti
_______Mandera
1%
France
5 collectivités d'outre-mer
Wallis and FutunaMatā'Utu
1%
India
28 states
ChhattisgarhNaya Raipur
1%
Central African Republic
16 préfectures
Bamingui-BangoranNdélé
1%
Mongolia
21 aimags
Bayan-ÖlgiiÖlgii
1%
Norway
2 integral overseas areas
Jan MayenOlonkinbyen
1%
Namibia
14 regions
KuneneOpuwo
1%
Namibia
14 regions
OshanaOshakati
1%
Kazakhstan
14 oblys
EastOskemen
1%
Republic of the Congo
12 departments
SanghaOuesso
1%
Namibia
14 regions
OmusatiOutapi
1%
Republic of the Congo
12 departments
CuvetteOwando
1%
Indonesia
34 provinsi
Central KalimantanPalangka Raya
1%
Indonesia
34 provinsi
Central SulawesiPalu
1%
India
28 states
GoaPanaji
1%
France
1 territoire d'outre-mer
French Southern LandsPort-aux-Français
1%
India
8 union territories
Andaman and Nicobar IslandsPort Blair
1%
Brazil
26 estados
RondôniaPorto Velho
1%
Peru
25 regiones
UcayaliPucallpa
1%
Venezuela
23 estados
AmazonasPuerto Ayacucho
1%
Colombia
32 departamentos
VichadaPuerto Carreño
1%
Argentina
23 provinces
ChubutRawson
1%
Brazil
26 estados
AcreRio Branco
1%
Mongolia
21 aimags
DornogoviSainshand
1%
Indonesia
34 provinsi
East KalimantanSamarinda
1%
Angola
18 províncias
Lunda SulSaurimo
1%
Indonesia
34 provinsi
North MalukuSofifi
1%
Vanuatu
6 provinces
TorbaSola
1%
Tanzania
31 mkoa
RukwaSumbawanga
1%
Russia
22 republics
KomiSyktyvkar
1%
Solomon Islands
9 provinces
ChoiseulTaro
1%
Maldives
17 atolls
Gaafu DhaaluThinadhoo
1%
Micronesia FS
4 states
KosraeTofol
1%
Marshall Islands
24 municipalities
_______Utirik
1%
Argentina
23 provinces
Río NegroViedma
1%
India
28 states
Andhra PradeshVisakhapatnam
1%
New Zealand
1 special territorial authority
Chatham IslandsWaitangi
1%
Fiji
1 dependency
RotumaAhau
0%
United States
1 incorporated territory
Palmyra AtollAviation Island
0%
Kazakhstan
4 qala
_______Baikonur
0%
Chad
23 régions
TibestiBardaï
0%
Russia
46 oblasts
AmurBlagoveshchensk
0%
Chile
16 regiones
AisénCoihaique
0%
Mongolia
21 aimags
ÖmnögoviDalanzadgad
0%
Sudan
18 wilaya'at
NorthernDongola
0%
Marshall Islands
24 municipalities
_______Ebon
0%
Marshall Islands
24 municipalities
Enewetak/UjelangEnewetak
0%
New Zealand
1 self-administering territory
TokelauFakaofo
0%
Yemen
21 muhāfazāt
SocotraHadibu
0%
Palau
16 states
_______Hatohobei
0%
Mauritius
4 islands
Saint BrandonÎle Raphael
0%
India
8 union territories
LakshadweepKavaratti
0%
Namibia
14 regions
ǁKaras / !KarasKeetmanshoop
0%
Russia
4 autonomous okrugs
Khanty-MansiKhanty-Mansiysk
0%
United Kingdom
12 non-Antarctic civilian overseas territories
South Georgia and South Sandwich IslandsKing Edward Point
0%
Kazakhstan
14 oblys
_______Kyzylorda
0%
Papua New Guinea
20 provinces
ManusLorengau
0%
Indonesia
34 provinsi
West PapuaManokwari
0%
United States
8 unincorporated unorganized territories
Midway IslandsMidway
0%
Zambia
10 provinces
WesternMongu
0%
Tuvalu
9 municipalities
_______Nanumanga
0%
Tuvalu
9 municipalities
_______Nanumea
0%
Mauritius
4 islands
RodriguesPort Mathurin
0%
Ecuador
24 provincias
GalápagosPuerto Baquerizo Moreno
0%
New Zealand
2 outlying islands
Kermadec IslandsRaoul Island
0%
Russia
4 autonomous okrugs
Yamalo-NenetsSalekhard
0%
Mali
10 régions
_______Taoudénit
0%
Mauritius
4 islands
AgalégaVingt Cinq
0%

Score Distribution

Percentile by Number Answered

Percent of People with Each Score

Your Score History

You have not taken this quiz